{"text_format":"3","workbook":"xlsx","n_sheets":64,"sheets":["Pakiet 1","Pakiet 2","Pakiet 3","Pakiet 4","Pakiet 5","Pakiet 6","Pakiet 7","Pakiet 8","Pakiet 9 ","Pakiet 10","Pakiet 11","Pakiet 12","Pakiet 13","Pakiet 14","Pakiet 15","Pakiet 16 ","Pakiet 17","Pakiet 18","Pakiet 19","Pakiet 20","Pakiet 21","Pakiet 22","Pakiet 23","Pakiet 24","Pakiet 25","Pakiet 26","Pakiet 27","Pakiet 28","Pakiet 29","Pakiet 30","Pakiet 31","Pakiet 32","Pakiet 33","Pakiet 34","Pakiet 35","Pakiet 36","Pakiet 37","Pakiet 38","Pakiet 39","Pakiet 40","Pakiet 41","Pakiet 42","Pakiet 43","Pakiet 44","Pakiet 45","Pakiet 46","Pakiet 47","Pakiet 48 ","Pakiet 49","Pakiet 50","Pakiet 51","Pakiet 52","Pakiet 53","Pakiet 54","Pakiet 55","Pakiet 56","Pakiet nr 57","Pakiet nr 58","Pakiet nr 59","Pakiet nr 60","Pakiet nr 61","Pakiet nr 62","Pakiet 63","Pakiet 64"],"not_rendered":{"defined_names":12},"read":"whole","date_system":"1900"}

{"sheet":"Pakiet 1","index":0,"n_rows":47,"n_cols":11,"rows_kept":47,"merged":[[44,4,44,5],[45,4,45,5],[46,4,46,5]]}
[null,"Pakiet 1 "]
[]
["Lp","Nazwa artykułu ","Jm","Ilość","Cena jed. ","Stawka","Cena jed. ",null,"Wartość","Nr Atestu","Nr katalogowy/"]
[{"$nulls":4},"netto","VAT","brutto ","Wartość netto","brutto           ","data ważności","Producent sprzętu"]
["1.","Baseny plastikowe, sanitarne z przykrywką, głębokie","szt",30]
["2.","Kaczki plastikowe z zamknięciem","szt",80]
["3.","Kieliszki na leki plastikowe a  75 szt","op",550]
["4.","Łopatki drewniane a 100szt","op",200]
["5.","Miski nerkowate 20cm plastikowe","szt",30]
["6.","Miski nerkowate 28cm plastikowe","szt",30]
["7.","Pensety 1x użytku (sterylne)","szt",{"v":1500,"d":"1,500"}]
["8.","Pojemnik na kał -18-20 ml","szt",{"v":5000,"d":"5,000"}]
["9.","Pojniki dla dorosłych z pełną pokrywką, z dwoma uszkami,  z dziubkiem","szt",50]
["10.","Słuchawki lekarskie dla dorosłych","szt",10]
["11.","Staza uciskowa dla dorosłych automatyczna","szt",150]
["12.","Staza uciskowa dla dzieci automatyczna","szt",10]
["13.","Szczoteczki do wymazów ginekologicznych (do kanału) sterylne","szt",{"v":1500,"d":"1,500"}]
["14.","Szczoteczki sterylne z pilniczkiem do paznokci do mycia rąk z gabką (suche)","szt",{"v":3000,"d":"3,000"}]
["15.","Szyna aluminiowa z gąbką a 50cm, szer 2cm","szt",100]
["16.","Szyna aluminiowa z gąbką a 45-50cm, szer 1cm - 1,5 cm","szt",100]
["17.","Szyny unieruchamiająca Splint 90-100x11 cm","szt",20]
["18.","Szyny unieruchamiająca Splint 50x11 cm","szt",20]
["19.","Szyny unieruchamiająca Splint 5x11 cm","szt",20]
["20.","Wzierniki ginekologiczne Cusco 1 x użytku \"S, M, L\" jałowy, regulowany śrubą boczną lub tylną, przeźroczysty","szt",3500]
["21.","Aparat do mierzenia ciśnienia zegarowy, mankiet na rzep, bez metalowej klamry","szt",20]
["22.","Tace na kieliszki na leki-min 16 sztuk, wkładka z imieniem i nazwiskiem ","szt",5]
["23.","Zestaw do lewatywy  składający się z worka o poj. min. 1750 ml ze skalowaniem co 250 ml i miękkiego drenu wyposażonego w zacisk na końcu zaokrąglonego ( miękka końcówka) z  dwoma otworami bocznymi .","szt",1200]
["24.","Szkiełka podstawowe super frost (różne kolory) a 50 szt","op",50]
["25.","Szczoteczki do rurek tracheostomijnych różne rozmiary","szt",40]
["26.","Elastyczna opaska uciskowa do pobierania krwi, wykonana z szerokiego paska gumy syntetycznej, bezlateksowa, . Opakowanie papierowy dyspenser, umożliwiający dzielenie perforowanych opasek, opakowanie 25 opasek","op",50]
["27.","Lancety do testów alergologicznych","szt",50]
["28.","Dren brzuszny, otrzewnowy- wykonany ze 100% transparentnego silikonu klasy\nmedycznej. Perforacja w postaci 6 specjalnie wyprofilowanych atraumatycznych otworów\ndrenujących. Przeznaczony do długotrwałego drenażu głównie z okolicy delikatnych\nnarządów. Długość 50 cm. Termo wrażliwy. Pasek kontrastujący w RTG na całej długości\ndrenu. Pakowany podwójnie- opakowanie zewnętrzne papier- folia, wewnętrzne folia.\nRozmiary: CH8, 10, 12, 14, 15, 18, 20, 21, 24, 26, 27, 30, 33, 36, 39","szt",400]
["29.","Gotowa do użycia, jednorazowa gąbka zaimpregnowana 25ml antyseptycznym roztworem czyszczącym glikonianu chlorheksydyny 2% o formule bez spłukiwania (nie zawiera mydła). Stosowana do antyseptycznego mycia ciała i czyszczenia skóry bez użycia wody. Rozmiar 12cm x 7,5cm x 2,3 cm, wykonana z poliuretanu, bez latexu. Pakowana pojedynczo. Opakowanie blistrowe z systemem łatwego rozdzieralnego otwarcia. Zarejestrowana jako wyrób medyczny.","szt",200]
["30.","Jednorazowa myjka do mycia ciała noworodków, nasączona  środkami myjącymi o neutralnym pH 5,5 z dodatkiem aloesu, wykonana w całości z poliestru o gramaturze 400gr/m2. Rozmiar 12cm x 10 cm. Produkowana zgodnie z wymaganiami ISO 22717:2007 oraz ISO 9001:2008 (certyfikaty dołączone do oferty). Czystość mikrobiologiczna potwierdzona badaniami (nie starszymi niż 2013r.) na brak zawartości Psuedomonas aeruginosa, Candida albicans, Staphylococcus aureus oraz Escherichia coli. Opakowanie jednostkowe a 40 szt. z nadrukowanym rozmiarem, graficzną instrukcją stosowania oraz składem.","op",100]
["31.","Stapler 1x użytku , stapler zawiera 35 zszywek o średnicy 0,6 mm","kpl",250]
["32.","Przyrząd do usuwania zszywek","kpl",250]
["33.","Jednorazowe kapturki do termometru Braun TermoScan LF40 op. a 40 sztuk","op",100]
["34.","Uchwyt stabilizujący rurkę intubacyjną","szt",20]
["35.","Wzierniki jednorozowe do otoskopu Kawe dla dorosłych","szt",500]
["36.","Wzierniki jednorozowe do otoskopu Kawe dla dzieci","szt",500]
[{"$nulls":7},{"$f":"SUM(H9:H40)","v":{"v":0,"d":"0.00 zł"}},{"$f":"SUM(I8:I40)","v":{"v":0,"d":"0.00 zł"}}]
[]
[]
[]
[null,"Wartość netto :"]
[null,"Wartość brutto :"]
[null,"Warunki płatności (podać w dniach) "]

{"sheet":"Pakiet 2","index":1,"n_rows":11,"n_cols":11,"rows_kept":11}
[null,"Pakiet nr 2   "]
[null,"                                                "]
["Lp","Nazwa artykułu ","Jm","Ilość","Cena jed. ","Stawka","Cena jed. ",null,"Wartość","Nr Atestu","Nr katalogowy/"]
[{"$nulls":4},"netto","VAT","brutto ","Wartość netto","brutto           ","data ważności","Producent sprzętu"]
[1,"Zestaw do leczenia zburzeń statyki dna miednicy mniejszej- plastyka przednia pochwy. Implant o antomicznym kształcie , trapez z czterema ramionami pokrytymi plastikową osłonką, materiał polipropylen monofilament, gramatura 48g/m2 ( +/- 0,02g/m2) , grubość siatki 0,33 (+/- 1%), grubośc nitki 80 um( +/- 0,5um), porowatość max. 1870 um(+/- 10um), rozmiar długości górnego ramiona 38 cm ( +/- 0,5 cm), długośc dolnego ramiona 45 cm ( +/- 5 cm) szerokośc ramion 1,1 cm, dolne ramiona dłuższe w celu łatwiejszego rozróżnienia, rozmiary trapezu: podstawa górna 5 cm, podstawa dolna 8 cm, wysokość 7,5 cm, technologia quadriaxial, brzegi zakończone bezpiecznymi pętelkami, wytrzymałość 70N/cm","szt",10]
[2,"Zestaw do leczenia zburzeń statyki dna miednicy mniejszej- plastyka tylna pochwy. Implant o antomicznym kształcie , tpokryty plastikową osłonką, materiał polipropylen monofilament, gramatura 48g/m2 ( +/- 0,02g/m2) , grubość siatki 0,33 (+/- 1%), grubośc nitki 80 um( +/- 0,5um), porowatość max. 1870 um(+/- 10um), rozmiar: długość 45 cm ( +/- 0,5 cm), wysokość dolnej wypustki 12 cm ( +/- 1 cm) szerokośc 3,5 cm (+/- 0,5 cm), wysokość górnej wypustki 4 cm, szerokość 3,5 cm (+/- 0,5 cm) technologia quadriaxial, brzegi zakończone bezpiecznymi pętelkami, wytrzymałość 70N/cm","szt",5]
[3,"Taśma do leczenia wysiłkowego nietrzymania moczu u kobiet: materiał polipropylen monofilament, plastikowa osłonka na tasmie- wymóg zapewnienia sterylności, osłonki nie mogą na siebie zachodzić, w środku taśmy brak osłonki na odcinku min. 1,5 cm , gramatura 48g/m2 (+/- 0,02 g/m2), grubość siatki 0,33 mm (+/- 1%), porowatość max. 1870 um(+/- 10um), grubość nitki 80um ( +/- 0,5um), rozmiar : dł. 45 cm (+/- cm), szer. 1,1 cm ( +/- 0,5cm), wytrzymałość 70N/cm, technologia quadriaxial, brzegi zakończone bezpiecznymi pętelkami, wytrzymałość 70N/cm","szt",20]
[]
[null,"Wartość netto :"]
[null,"Wartość brutto :"]
[null,"Warunki płatności (podać w dniach) "]

{"sheet":"Pakiet 3","index":2,"n_rows":55,"n_cols":11,"rows_kept":55,"merged":[[52,4,52,5],[53,4,53,5],[54,4,54,5]]}
[null,"Pakiet 3 "]
[]
["Lp","Nazwa artykułu ","Jm","Ilość","Cena jed. ","Stawka","Cena jed. ",null,"Wartość","Nr Atestu","Nr katalogowy/"]
[{"$nulls":4},"netto","VAT","brutto ","Wartość netto","brutto           ","data ważności","Producent sprzętu"]
[1,"ZESTAW DO ZNIECZULEŃ ZEWNĄTRZOPONOWYCH igła zewnątrzoponowa ze szlifem Tuohy ze zintegrowanymi skrzydełkami  18Gx80mm, przeźroczysty uchwyt,cewnik z zamkniętym miękkim końcem i trzema otworami bocznymi, łącznik do cewnika, filtr płaski 0,2 mikrometra, w małej obudowie dla wygody pacjenta, strzykawka niskooporowa LOR luer 10 ml, system mocowania filtra do skóry typu PIN PAD","szt",100]
[2,"IGŁA DO ZNIECZULEŃ PODPAJĘCZYNÓWKOWYCH z końcówką typu PENCIL POINT z przeźroczystym uchwytem ze zmieniającym barwę identyfikatorem potwierdzającym wprowadzenie igły do przestrzeni podpajęczynówkowej, łatwo wyczuwalne przejście igły przez oponę twardą, rozmiary kodowane kolorem. Sterylne, pakowane pojedynczo.Rozmiary: 27Gx 88mmx0,40;  pakowane razem z prowadnicą.","szt",25]
[3,"Igła do znieczuleń podpajęczynówkowych z końcówką typu Quincke z przeźroczystym uchwytemze zmieniającym barwę identyfikatorem potwierdzającym wprowadzenie igły do przestrzeni podpajęnczynkowej, łatwo wyczuwalne przejście igły przez oponę twardą, rozmiary kodowane kolorem. Sterylne, pakowane pojedynczo. Rozmiary: 25Gx120mmx0,50;pakowane razem z prowadnicą ","szt",25]
[4,"Igła do znieczuleń podpajęczynówkowych o specjalnym atraumatycznym, dwupłaszczyznowy szlif, uchwyt mandrynu w kolorze odpowiadającym kodowi rozmiarów,  o wymiarach  26Gx 88 mmx 0,47  ","szt",25]
[5,"Zestaw do znieczulenia łączonego podpajęczynówkowego i zewnątrzoponowego zawierający: 1. igłę do zniecz. podpajęczynówkowego typu pencil point 27G  dł.138,5 mmx0,42 2.igłę Touhy 18G, dł.88 mm.z dodatkowym otworem umożliwiającym umiejscowienie igły pp. w osi prostej 3. Cewnik zewnątrzoponowy dł. 1000 mm z trzema otworami bocznymi i miękką końcówką.4. system  blokowania igły podpajęczynówkowej w igle Touhy. 5. strzykawka LOR do metody spadku oporu 10ml 6. filtr zewnątrzopnowy 0,2 mikrometra 7. samoprzylepny element mocowania filtra z cewnikiem  z.o. do skóry typu PIN PAD","szt",100]
[6,"Filtr zewnątrzoponowy płaski 0,2 mikrometra","szt",{"v":1500,"d":"1,500"}]
[7,"Mocowanie i opatrunek do cewników RA","szt",200]
[8,"Igła do znieczuleń zewnatrzoponowych 18Gx120mm","szt",25]
[9,"Strzykawka do metody spadku oporu 10ml, wtykowa","szt",25]
[10,"Igła do nakłuć lędźwiowych, ze szlifem typu Quinckego i wskaźnikiem położenia szlifu igły, z wbudowanym pryzmatem zmieniającym kolor po wypełnieniu płynem mózgowo-rdzeniowym, łatwo wyczuwalne przejście igły przez oponę twardą, rozmiary kodowane kolorem. Sterylne, pakowane pojedynczo. W rozmiarach 20Gx88mm, 22Gx88mm, 25Gx88mm","szt",{"v":2800,"d":"2,800"}]
[11,"Igła do nakłuć lędźwiowych, ze szlifem typu Quinckego i wskaźnikiem położenia szlifu igły, z wbudowanym pryzmatem zmieniającym kolor po wypełnieniu płynem mózgowo-rdzeniowym, łatwo wyczuwalne przejście igły przez oponę twardą, rozmiary kodowane kolorem. Sterylne, pakowane pojedynczo. W rozmiarach: 26Gx88mm, 27Gx88mm","szt",700]
[12,"Prowadnica do igieł 25, 26, 27G, prowadnice odpowiednio w rozmiarze G20 i 22Gx13\"8, długość 35mm","szt",{"v":1200,"d":"1,200"}]
[13,"Zestaw do kaniulacji dużych naczyń metodą Seldingera, jednoświatłowy PEDIATRYCZNY, w zestawie cewnik dł. 10cm, kontrastujący w RTG,  igła typu Seldingera , metalowa prowadnica , możliwość monitorowania położenia cewnika w trakcie zakładania pod kontrolą EKG, cewnik 22Gx10cm ","szt",5]
[14,"Zestaw do kaniulacji dużych naczyń metodą Seldingera, jednoświatłowy, zestaw zawierający cewnik dł. 20cm,  igłę typu Seldingera , odporną na zaginanie prowadnicę wykonaną z rdzenia niklowo tytanowego, możliwość monitorowania położenia cewnika w trakcie zakładania pod kontrolą EKG, cewnik 14G(6F)x20cm ","szt",200]
[15,"Zestaw do kaniulacji dużych naczyń 2 kanałowy 7F/20 kanały 16/16G, beigłowe zastawki na końcach dreników  , odporną na zagiananie i załamywanie prowadnicę wykonaną z rdzenia niklowo tytanowego, możliwość monitorowania położenia cewnika w trakcie zakładania pod kontrolą EKG ","szt",200]
[16,"Zestaw do kaniulacji dużych naczyń metodą Seldingera trójświatłowy o właściwościach bakteriobójczych Skład: cewnik , bezigłowe zastawki na końcach dreników igła Seldingera typu V/możliwość wprowadzenia prowadnicy bez odłączania strzykawki odporna na zaginanie prowadnica nilowo-tytanowa możliwość monitorowania położenia cewnika w trakcie zakładania pod kontrolą EKG kanały dostępne w rozmiarach: 7F/15, 7F /20","szt",10]
[null,"Zestaw do kaniulacji dużych naczyń HF metodą Seldingera trójświatłowy  Skład: cewnik , bezigłowe zastawki na końcach dreników igła Seldingera typu V/możliwość wprowadzenia prowadnicy bez odłączania strzykawki odporna na zaginanie prowadnica nilowo-tytanowa możliwość monitorowania położenia cewnika w trakcie zakładania pod kontrolą EKG kanały dostępne w rozmiarach: 12F/16/12/12 20cm ","szt",10]
[17,"Igła do blokad nerwów obwodowych pod kontrolą USG, wielopunktowe położenie echogenicznych znaczników na igle w celu łatwego odnalezienia w obrazie USG , szlif 30 stopni z tylnym ostrzem, specjalna izolacja - płynne przejście igły przez tkanki, plastikowy uchwyt ze zintedrowanym drenikiem infuzyjnym nie zawierający DEHP, wszystkie dostepne rozmiary: od 35mm do 150mm","szt",70]
[18,"Igła do blokad nerwów obwodowych pod kontrolą USG i stymulatora nerwów, wielopunktowe położenie echogenicznych znaczników na igle w celu łatwego odnalezienia w obrazie USG , szlif 30 stopni z tylnym ostrzem, specjalna izolacja - płynne przejście igły przez tkanki, plastikowy uchwyt ze zintedrowanym drenikiem infuzyjnym nie zawierający DEHP, wszystkie dostepne rozmiary: od 35mm do 150mm","szt",25]
[19,"Dreny do pomp strzykawkowych: niebieskim, zielonym lub czerwonym (do wyboru przez Zamawiającego).  Kolorystyczne oznaczenia linii w celu podwyższenia standardów pracy, bez zawartości, DEHP i PCV, mała objętość wypełnienia: 1,27ml; dł. 150cm","szt",{"v":1000,"d":"1,000"}]
[20,"Przedłużacze bezbarwne do pomp infuzyjnych o dł.150 cm 1,5 x 2,7 opakowanie pojedyncze, foliowo-papierowe, sterylne","szt",{"v":4000,"d":"4,000"}]
[21,"Zestaw do pobierania wydzieliny z tchawicy o poj. 10 ml, zawierający probówkę z niełamliwego materaiłu, końcówkę stożkową do próżni z otworem do przerywania ssania, osobny koreczek oraz etykieta identyfikująca pacjenta","szt",150]
[22,"Dren do pompy objętościowej firmy B. Braun typu infusomat do podaży płynów infuzyjnych z wstawką silikonową, STANDARD","szt",800]
[23,"Dren do pompy objętościowej firmy B. Braun typu infusomat z multikonektorem do podaży żywienia enteralnego i typu EN FIT, z wstawką silikonową ","szt",40]
[24,"Dren do pomp INFUSOMAT SPACE LINE, typu SafeSet  BURSZTYNOWY który  zapobiega wypływowi płynu podczas jego wypełnienia i przenikaniu powietrza z komory kroplowej do dalszej części linii infuzyjnej.","szt",50]
[25,"Strzykawka 1 x użytku 50/60 ml,  3 częściowa, bezlateksowa, wykonana z polipropylenu, z końcowką luer-lock, posiadajaca podwójne gumowe uszczelnienie tłoka  Skala kontrastujaca i czytelna. ","szt",{"v":15000,"d":"15,000"}]
[26,"Strzykawka 50/60ml, UV- POMARAŃCZOWA chroniąca przed światłem z zakresie długości fal do 520 Nm, pomarańczowa, 3 częściowa, bezlateksowa, wykonana z polipropylenu, z końcówką luer-lock. Skalowanie co 1ml na całej długości skali, pojemność nominalna dodatkowo wyróżniona graficznie (wytłuszczenie, obwiedzenie itp.). Skala kontrastująca, niezmywalna i czytelna. Kod kolorów na opakowaniu dla łatwego rozpoznania rozmiaru strzykawki. Na korpusie strzykawki napisana nazwa  i informacja o braku lateksu, opakowanie a 100 szt.","szt",500]
[27,"Strzykawki Luer, do PRACOW CYTOSTATYKÓW tłok wykonany z poliuretanu w kolorze kontrastującym z korpusem. Korpus wykonany z polipropylenu z podwójną kryzą zabezpieczającą tłok przed wypadnięciem. Czytelna niezmywalna skala w mililitrach rozszerzona min.20%,  op.a 100 szt. w różnych kolorach dla poszczególnych pojemności -2 -3ml","szt",500]
[28,"Strzykawki Luer, do PRACOW CYTOSTATYKÓW tłok wykonany z poliuretanu w kolorze kontrastującym z korpusem. Korpus wykonany z polipropylenu z podwójną kryzą zabezpieczającą tłok przed wypadnięciem. Czytelna niezmywalna skala w mililitrach rozszerzona min.20%,  op.a 100 szt. w różnych kolorach dla poszczególnych pojemności -5 ml","szt",20]
[29,"Strzykawki Luer, do PRACOW CYTOSTATYKÓW tłok wykonany z poliuretanu w kolorze kontrastującym z korpusem. Korpus wykonany z polipropylenu z podwójną kryzą zabezpieczającą tłok przed wypadnięciem. Czytelna niezmywalna skala w mililitrach rozszerzona min.20%,  op.a 100 szt. w różnych kolorach dla poszczególnych pojemności -20 ml","szt",{"v":1200,"d":"1,200"}]
[30,"Strzykawki Luer, do PRACOW CYTOSTATYKÓW tłok wykonany z poliuretanu w kolorze kontrastującym z korpusem. Korpus wykonany z polipropylenu z podwójną kryzą zabezpieczającą tłok przed wypadnięciem. Czytelna niezmywalna skala w mililitrach rozszerzona min.20%,  op.a 100 szt. w różnych kolorach dla poszczególnych pojemności -10 ml","szt",50]
[31,"Strzykawki do podawania cytostatyków o pojemności 10 ml, 3 częściowa, bezlateksowa wykonana z polipropylenu, z końcówką luer-lock. Skala kontrastujaca , niezwywalna, czytelna. Kod kolorów na opakowaniu dla łatwego rozpoznania rozmiaru strzykawki. Na korpusie strzykawki napiosana nazwa i informacja o braku lateksu.","szt",500]
[32,"Strzykawki do podawania cytostatyków o pojemności 30 ml, 3 częściowa, bezlateksowa wykonana z polipropylenu, z końcówką luer-lock. Skala kontrastujaca , niezwywalna, czytelna. Kod kolorów na opakowaniu dla łatwego rozpoznania rozmiaru strzykawki. Na korpusie strzykawki napiosana nazwa i informacja o braku lateksu.","szt",500]
[33,"Dren do pompy Infusomat Compact Plus do leków światłoczułych, z filtrem 15um w komorze kroplowej z funkcją AirStop, bez PCV i DEHP. Długość 240/150cm. Objętoć wypełnienia 17,8ml. Łącznik pacjenta typu Luer Lock.","szt",500]
[34,"Dren do pompy Infusomat Compact Plus do żywienia enteralnego, z komorą  kroplową bez zawartości PCV. Długość 330/220cm. Objętość wypełnienia 28,0ml. Złącze pacjenta typu ENFit. Kolec ENPlus dla diet dojelitowych z portem ENPlus (krzyżakowy). Kranik z mękim konektorem VENFit™ dla strzykawek dojelitowych z żeńskim łącznikiem ENFit. ","szt",500]
[36,"Zestaw do ciągłych blokad nerwów obwodowych \n• Osadzony na igle cewnik 19G z trzema wtopionymi kontrastującymi pasami, znacznikami długości i centralnym otworem.\n• Izolowana igła 25G długości 19cm ze zintegrowanym kabelkiem elektrycznym do neurostymulatora i drenikiem infuzyjnym.\n• Przesuwny uchwyt, umożliwiający wprowadzenie igły wraz z cewnikiem w okolice nerwu\n• Zatrzaskowy łącznik do cewnika\n• Filtr wraz z systemem mocowania go do skóry \n• Drenik infuzyjny 30cm\n• Samoprzylepna etykieta, wskazująca, w jakim miejscu znajduje się cewnik\n","szt",2]
[37,"Sterylny zestaw osłony na głowicę USG wraz z żelem:\nfałd osłony foliowej z naklejką\n• Osłona na głowicę USG w rozmiarze 13 x 61 cm i 13 x 122\n• na osłonie oznaczone miejsce kierunku włożenia dłoni z naklejką z rysunkiem dłoni\n• Żel sterylny do USG \n• Dwa rodzaje dwupunktowych mocowań osłony do głowicy\n• Sterylna serweta 40 x 40 cm\n","szt",250]
[38,"Przyrząd do przetaczania płynów infuzyjnych . Jałowy, z możliwością aseptycznego otwierania. Cały aparat wolny od  ftalanów DEHP , oraz wolny od lateksu. Musi posiadać odpowietrznik z filtrem bakteryjnym min BFE 99,99, filtr płynu 15 µm. Filtr odpowietrzania w odpowietrzniku aparatu tworzy system zamknięty w rozumieniu definicji NIOSH  ( poświadczone badaniem dołączonym do oferty ). Zaciskacz pozwalający na precyzyjne dozowanie i zatrzymanie płynu, pozostający trwale w ustawionej pozycji. Komora kroplowa dzielona na elastyczną część dolną i twardą część górną, na komorze kroplowej powinno się znajdować oznaczenie producenta. Przyrząd w całości- łącznie z kolcem i końcówką przezroczysty, umożliwiający kontrolę wzrokową przepływu na całej długości drenu. Całkowita długość drenu min.150 cm. Przyrząd pakowany pojedynczo, na każdym opakowaniu jednostkowym data ważności, nr katalogowy i dane producenta.","szt",100]
[39,"Aparat do przetoczeń płynów infuzyjnych automatycznie zatrzymujący infuzję na poziomie komory kroplowej po jej opróżnieniu, przeciwdziałając ryzyku zatorowości. Filtr hydrofobowy na końcu drenu, zabezpieczający przed wyciekaniem płynu z drenu podczas jego wypełniania, długość drenu 180 cm. Odpowietrznik zaopatrzony w filtr powietrza o skuteczności filtracji bakterii (BFE) min 99,99- oraz wydajność filtra wirusowego ( VFE ) wynoszącą minimum 99,99964% . Filtr odpowietrzania w odpowietrzniku aparatu tworzy system zamknięty w rozumieniu definicji NIOSH  ( poświadczone badaniem dołączonym do oferty ) Mechanizm rolkowy wyposażony w miejsce do dokowania kolca po zakończonej infuzji.  Zestaw wolny od DEHP i latexu. W celu identyfikacji nazwa firmy na komorze kroplowej.","szt",100]
[40,"Aparat dwudrożny z portem bezigłowym nad komorą kroplową: ergonomiczna komora kroplowa, wykonana z bardzo przezroczystego materiału, ostry kolec wykonany z przezroczystego materiału, wyposażony w odpowietrznik z filtrem zabezpieczonym klapką; elastyczna dolna część komory kroplowej w celu łatwego ustawienia poziomu; 15um filtr zabezpieczający przed większymi cząsteczkami, precyzyjny zacisk rolkowy, z miejscem na kolec komory kroplowej po użyciu oraz miejsce do podwieszania drenu; filtr hydrofobowy na końcu drenu, zabezpieczający przed wyciekaniem płynu z drenu podczas jego odpowietrzania, filtr hydrofilny w komorze kroplowej, zabezpieczający przed dostaniem się powietrza do drenu po opróżnieniem opakowania z płynem; pozbawiony ftalanów DEHP; dren o długości 180cm.","szt",100]
[41,"Aparat do przetoczeń leków światłoczułych UV -protect automatycznie zatrzymujący infuzję na poziomie komory kroplowej po jej opróżnieniu, przeciwdziałając ryzyku zatorowości. Filtr hydrofobowy na końcu drenu, zabezpieczający przed wyciekaniem płynu z drenu podczas jego wypełniania, długość drenu 180 cm. Odpowietrznik zaopatrzony w filtr powietrza o skuteczności filtracji bakterii (BFE) min 99,99- oraz wydajność filtra wirusowego ( VFE ) wynoszącą minimum 99,99964% . Filtr odpowietrzania w odpowietrzniku aparatu tworzy system zamknięty w rozumieniu definicji NIOSH  ( poświadczone badaniem ) Mechanizm rolkowy wyposażony w miejsce do dokowania kolca po zakończonej infuzji.  Zestaw wolny od DEHP i latexu. W celu identyfikacji nazwa firmy na komorze kroplowej.","szt",100]
[null,"Infuzyjny system pomiaru ośrodkowego ciśnienia żylnego - zestaw drenów o dł. 100cm wraz z zestawem do przetoczeń o dł 80cm i kranikiem trójdrożnym, na końcu drenu do skali odpowietrznik z filtrem bakteryjnym, zakończenie drenu lock, sterylny, pakowany pojedynczo, sterylny ","szt",50]
[42,"Skala do pomiaru ocż wielokrotnego użytku, wykonana z odpornego na złamania plastiku z miejscem do umieszczenia drenu, skala od +35 do -15 cm H2O czytelna dzięki efektowi powiększenia, wskaźnik pozycji zero ruchomy na obie strony skali, dwa uniwersalne uchwyty mocujące skalę do stojaka wielorazowego użytku.","szt",5]
[43,"Kaniula bezpieczna  bez portu bocznego\nKaniula dożylna bezpieczna zgodnie z Rozporządzeniem Ministra Zdrowia (Dz .U.z dnia 19.06.2013r poz. 696), bez portu bocznego . Wykonana z poliuretanu wyposażona w automatyczny metalowy zatrzask zabezpieczający igłę przed zakłuciem, uruchamiany samoczynnie zaraz po użyciu igły. Kaniula posiada następujące cechy zwiększające bezpieczeństwo stosowania:  1. Łagodnie zwężający się koniec kaniuli 2. Przejrzysty uchwyt zamykany koreczkiem z hydrofobowym filtrem lub zastawką antyzwrotną. 3 Oznaczenie przepływu na opakowaniu jednostkowym. 4.Minimum  4 paski kontrastujące w rtg.  Kaniula powinna być wyposażona w zastawkę całkowicie uniemożliwiającą wypływ krwi z kaniuli przez cały czas jej używania .   Rozmiary : 18-24 G.   Rozmiary 18 oraz 20G dostępne w dwóch długościach   ","szt",{"v":1000,"d":"1,000"}]
[44,"Dren bursztynowy, przezierny do przygotywywania leków cytostatycznych w pojemniku lub worku z możliwością ich podaży przez podłączenie z zestawem wielodrożnym / drenem głównym. Bez zawartości PCV i DEHP. Dren wykonany z poliuretanu . Możliwośc dodania cytostatyku przez zintegrowana zastawkę bezigłową, zabezpieczoną korkiem luer-lock z uchwytem motylkowym. Klips zatrzaskowy umiejscowiony poniżej portu do dostrzyknięć. Koniec drenu zabezpieczony filtrem hydrofobowym zapobiegającym wydostaniu się płynu oraz usunięciu powietrza z drenu . Wyposażony w system sygnalizacji akustycznej po podłączeniu z drenem głównym. System drenów musi redukować możliwość kontaminacji leku i bepośredni kontakt leku z personelem przygotowującym zestaw. ","szt",{"v":1000,"d":"1,000"}]
[45,"Zestaw do nakłucia tętnicy metodą Seldingera, Skład zestawu m. inn.:‒ cewnik dotętniczy wykonany z FEP \n‒ automatyczny zawór hemostatyczny \n‒ Igła wprowadzająca ze stali nierdzewnej   luer lock\n‒ Miękkie skrzydełka mocujące  z 3 otworami na szew fiksujący\n‒ prowadnik ze stali nierdzewnej ze sprężystym zakończeniem \n‒ dren łaczący z PUR o dł. 7 cm umożliwiający zwiększenie odległości między miejscem wkłucia a podłączeniem\n‒ serweta do zawinięcia zestawu zabiegowego 45 x 75 cm\n‒ Zestaw sterylnie pakowany w worek typu papier/papier\n-cewnik 22G, 80 mm / Kaniula 0.80 x 50 mm / Prowadnik długość 25 cm, średnica 0.021”\n-cewnik 20G, 80 mm / Kaniula 0.95 x 50 mm / Prowadnik długość 25 cm, średnica 0.025”\n-cewnik 20G, 160 mm / Kaniula 0.95 x 70 mm / Prowadnik długość 45 cm, średnica 0.025”\n-cewnik 18G, 160 mm / Kaniula 1.30 x 70 mm / Prowadnik długość 45 cm, średnica 0.035”\n-cewnik 18G, 80 mm / Kaniula 1.30 x 50 mm / Prowadnik długość 45 cm, średnica 0.035”\n","szt",50]
[46,"Zestaw do nakłucia tętnicy metodą Seldingera, Skład zestawu m. inn.:\n‒ cewnik dotętniczy wykonany z FEP \n‒ automatyczny zawór hemostatyczny zapobiegającym wstecznemu przepływowi krwi. \n‒ Igła wprowadzająca TYPU V\n‒ Miękkie skrzydełka mocujące wykonane z PUR z 3 otworami na szew fiksujący\n‒ prowadnik drutowy ze stali nierdzewnej ze sprężystym prostym zakończeniem \n‒ dren łaczący z PUR o dł. 7 cm umożliwiający zwiększenie odległości między miejscem wkłucia a podłączeniem\n‒ serweta do zawinięcia zestawu i zabezpieczenia pola zabiegowego 45 x 75cm; rozmiar 18G / 160mm                                                 \n","szt",50]
[]
[null,"Wartość netto :"]
[null,"Wartość brutto :"]
[null,"Warunki płatności (podać w dniach): "]

{"sheet":"Pakiet 4","index":3,"n_rows":22,"n_cols":11,"rows_kept":22,"merged":[[19,4,19,5],[20,4,20,5],[21,4,21,5]]}
[]
[null,"Pakiet 4 "]
["Lp","Nazwa artykułu ","Jm","Ilość","Cena jed. ","Stawka","Cena jed. ",null,"Wartość","Nr Atestu","Nr katalogowy/"]
[{"$nulls":4},"netto","VAT","brutto ","Wartość netto","brutto           ","data ważności","Producent sprzętu"]
["1.","Strzykawka 1 x użytku 50 ml,  nazwa producenta na cylindrze, skala czarna i czytelna, wkalibrowane (wpisane w instrukcję obsługi pompy) przez producenta, w posiadne przez szpital pompy firmy Kwapisz","szt",{"v":1000,"d":"1,000"}]
["2.","Strzykawka 1x użytku 50 ml z trzyczęściową końcówką do cewników, skala czarna, czytelna","szt",{"v":4000,"d":"4,000"}]
["3.","Strzykawka 1 x użytku 100 ml Janeta jałowa , płynny przesuw tłoka , pakowana poj. z końcówką do podłączenia cewnika z możliwością zmiany na złącze typu LUER, skala czarna , czytelna","szt",{"v":3500,"d":"3,500"}]
["4.","Igły Motylki, z drenem 30 cm: 19G, 21G, 22G, 25G, 27G.","szt",100]
["5.","Przedłużacze do pomp infuzyjnych o dł. min. 150 mm opakowanie pojedyncze, foliowo-papierowe, sterylne","szt",{"v":1400,"d":"1,400"}]
["6.","Bezpieczny nakłuwacz hematologiczny op. 200szt","op.",250]
["7.","Przedłużacze do pomp infuzyjnych bursztynowe, opakowanie foliowo-papierowe , pojedyncze , sterylne","szt",300]
["8.","Noże wymienne Nr 10 do nr 24 opakowanie a 100 szt wykonane z stali nierdzewnej","op",120]
["9.","Skalpele 1 x użytku z trzonkiem nr 11op.a 10 szt","op",350]
["10.","Skalpele 1 x użytku z trzonkiem nr 12 op.a 10 szt","op",200]
[null,"Skalpele 1 x użytku z trzonkiem nr 15 op.a 10 szt","op",100]
["11.","Zestaw do odsysania pola operacyjnego z drenem o dł. 2,1 m i końcówką typu Yankauer, śr. drenu 5,6/8,0 opakowanie , folia, folia-papierowe","szt",1200]
["12.","Zestaw do odsysania pola operacyjnego z drenem o dł. 2,1 m i końcówką typu Yankauer śr.7/10, opakowanie foliowo-papierowe","szt",300]
["13.","Końcówka do odsysania pola operacyjnego typu Yankauer śr. 4,6/6,5 opakowanie foliowo-papierowe","szt",200]
[]
[null,"Wartość netto :"]
[null,"Wartość brutto :"]
[null,"Warunki płatności (podać w dniach) "]

{"sheet":"Pakiet 5","index":4,"n_rows":38,"n_cols":11,"rows_kept":38,"merged":[[35,4,35,5],[36,4,36,5],[37,4,37,5]]}
[]
[null,"Pakiet 5"]
["Lp","Nazwa artykułu ","Jm","Ilość","Cena jed. ","Stawka","Cena jed. ",null,"Wartość","Nr atestu","Nr katalogowy"]
[{"$nulls":4},"netto","VAT","brutto ","Wartość netto","brutto           ","data ważności","producent sprzętu"]
["1.","Maski do tlenu dla dorosłych z pełnym wyposażeniem dren min. 210 cm zakończony łacznikiem uniwersalnym, na opakowaniu oznaczenie \" wolny od DEHP\"","szt",{"v":2500,"d":"2,500"}]
["2.","Maski do tlenu dla dzieci z pełnym wyposażeniem dren min. 210 cm, zakończony łacznikiem uniwersalnym, na opakowaniu oznaczenie \" wolny od DEHP\"","szt",100]
["3.","Cewnik do odsysania CH-4, 6, 8, 10 z otworem centralnym i dwoma otworami bocznymi długość 300 do 400 mm bez kontroli sily odsysania, cewniki posiadające wewnętrzne karbowania zapobiegające zsunięciu się cewnika z łącznika drenu ssącego i kontaminacji, możliwa powierzchnia satynowa zmrożona bez kontroli ssania, wskaźnik położenia końcówki i otworów bocznych cewnika, końcówka lejek, barwne i numeryczne oznaczenie rozmiaru na cewniku","szt",{"v":1000,"d":"1,000"}]
["4.","Cewnik do odsysania CH-12 - 20 z otworem centralnym i dwoma otworami bocznymi długość ok.600 mm bez kontroli sily odsysania","szt",{"v":20000,"d":"20,000"}]
["5.","Uniwersalny zestaw do nakłucia jamy opłucnej/otrzewnej z igłą Veresa skonstruowany w sposób zabezpieczajacy przed wytworzeniem odmy opłucnowej zawierający kranik trójdrożny, worek 300 ml z zastawką jednokierunkową i drenem łączącym o dł. 40 cm i strzykawkę 60 ml.Długośc igły 5 i 10 cm","szt",30]
["6.","Przepływomierz z zakończeniem AGA do tlenu z łączeniem kompatybilnym z pojemnikiem Aqaupak","szt.",10]
["7.","Opatrunek do stabilizacji rurki tracheostomijnej włókninowy, pokryty warstwą aluminium, nie przylegający do rany, rozmiar od 8x9 cm","szt",50]
["8.","Kanka doodbytnicza rozm. 14-24","szt",150]
["9.","Zestaw do 24 godzinnej toalety jamu ustnej na 6 procedur o skałdzie: 2 osobne opakowania każde zawierające: 1 szczoteczkę do zębów z odsysaniem z 3 otworami ssącymi, z poziomą manualną zastawką do regulacji siły odsysania i pofałdowana gąbką do górnej powierzchni pokrytą dwuwęglanem sodu, płyn do płukania jamy ustnej o właściwościach myjących, dezynfekujących i nawilżającychw wyciskanej saszetce, 7 ml. 4 osobne opakowania zawierające : 1 gabkę pokrytą dwuwęglanem sodu z odsysaniem z 2 otworami ssącymi, z poziomą manualną zastawką do regulacji siły ssania oraz zagięta końcówką,  płyn do płukania jamy ustnej o właściwościach myjących, dezynfekujących i nawilżającychw wyciskanej saszetce, 7 ml. Każde poj. opakowanie peni jednocześnie funkcje pojemnika na płyn i pozwala na przygotowanie roztworu roboczego przed otwarciem opakowania. Zestaw posiada uchwyt do yankueraumożliwia powieszenie na plastikowej zawieszcze oraz zawiera numerację sugerującą kolejność stosowania pojedynczych oderwanych opakowań.Zestaw zarejestrowany jako wyrób medyczny klasy IIa.","op",300]
["10.","Gąbka do toalety jamy ustnej z poprzeczym pofałdowaniempokryta dwuwęglanem sodu w kolorze zielonym pakowana pojedynczo","szt",1500]
["11.","Czepek do mycia głowy pacjenta, nie wymagający dodatkowego namoczenia glowy, bez spłukiwania, dwustronna struktura czepka z wyraźnie oddziaeloną w celu równomiernego rozprowadzenia roztworu zewnętrzną folią od nawilżonej warstwy absorbcyjnej , zawierający w skłądzie : 150g (+/- 10G) nie wymagającego spłukiwania rozstworu z zawartością wody, simetikonu, skłądników zapobiegających powstawaniu elektryczności statycznej, bez latexu, w opakowaniu zapewniającym możliwość podgrzania w kuchence mikrofalowej do 30 sekund przy mocy 1000W. Instrukcja użycia w j. polskim. Produkt zarejestrowany jako kosmetyk lub wyrób medyczny","szt",100]
["12.","Jednorazowa, sterylna, elastyczna prowadnica do rurek intubacyjnych typu Bougie, z wygiętą końcówką.Rozm. 15Ch/70cm","szt",100]
["13.","Układ oddechowy jednorurowy,dwuświatłowy z membraną zapewniającą wymianę termiczną ,  o śr. 22 mm i dł.  180cm z kolankiem z portem kapno, do aparatów do znieczulenia z dodatkową rurą dł. 150 cm z 2L workiem bezlateksowym. Wydajność ogrzania powietrza wdychanego 6,2 stopni C przy przepływie 4 l/min. Opór wdechowy max 0,14 cm H2O i wydechowy max 0,16 H2O przy przepływie 10 l/min i długości układu 180 cm. Waga układu 170g bez akcesoriów. Jednorazowy, mikrobiologicznie czysty.","szt.",250]
["14.","Układ oddechowy jednorurowy,dwuświatłowy z membraną zapewniającą wymianę termiczną ,  o śr. 22 mm i dł.  180cm z kolankiem z portem kapno.Wydajność ogrzania powietrza wdychanego 6,2 stopni C przy przepływie 4 l/min. Opór wdechowy max 0,14 cm H2O i wydechowy max 0,16 H2O przy przepływie 10 l/min i długości układu 180 cm. Waga układu 170g bez akcesoriów. W zestawie filtr elektrostatyczny z wymiennikiem cipeła i wilgoci. Wszystkie elementy w jednym  oryginalnym opakowaniu producenta. Jednorazowy, mikrobiologicznie czysty.","szt.",800]
["15.","Cewnik do podawania tlenu przez nos dla dorosłych, z miękkimi zakrzywionymi wypustkami, drenem o dł  210 cm, jednorazowego użytku, zakończony  łacznikiem uniwersalnym, na opakowaniu oznaczenie \" wolny od DEHP\"","szt",{"v":4000,"d":"4,000"}]
["16.","Cewnik do podawania tlenu przez nos dla dzieci o dł  210 cm z miękkimi zakrzywionymi wypustkami, zakończony  łacznikiem uniwersalnym, na opakowaniu oznaczenie \" wolny od DEHP\"","szt",100]
["17.","Przedłużacze do cewników i masek do podawania tlenu o dł. 210cm.","szt",800]
["18.","Zamknięty system do nieinwazyjnego pomiaru ciśnienia śródbrzusznego metodą manometryczną ( fabrycznie połączony zestaw do godzinowej zbiórki moczu z linią pomiarową, sterylny, w jednym opakowaniu co zapewnia utrzymanie systemu zamkniętego), 20 ml dren manometryczny wyposażony w filtr biologiczny, umieszczony pomiędzy cewnikiem foley, a zestawem do godzinowej zbiórki moczu, zapewniający właściwe odpowietrzenie. Zastawka antyzwrotna wbudowana w łącznik do cewnika foley zapobiega cofaniu się moczu z zestawu do godzinowej zbiórki moczu do linii pomiarowej. Zintegrowany zacisk drenu pozwalający na wyrównanie ciśnień i precyzyjny odczyt wartości ciśnienia śródbrzusznego, bezigłowy port do pobierania próbek, linia pomiarowa wyskalowana w mm Hg, czas użycia do 7 dni.","szt",100]
["20.","Rurki intubacyjne z mankietem niskociśnieniowym z medycznego PCV, ze znacznikiem głębokości intubacji, minimum 2 oznaczenia rozmiaru na korpusie rurki i dodatkowo na łączniku 15 mm, gładkie atraumatyczne krawędzie, linia RTG na całej długości rurki, skalowana jednostronnie co 1 cm z automatycznym zaworem w systemie uszczelnienia z zakończeniem typu Murphy w rozmiarach 4.0 - 10.0 /z rozmiarami połówkowymi/ do zabiegów , ","szt.",{"v":2000,"d":"2,000"}]
["21.","Korek dezynfekcyjny zawierający 70% alkoholu izopropylowego (IPA), sterylny, sterylizacja radiacyjna lub tlenkiem etylenu","szt",30000]
["22.","Sterylny roztwór 0,9% NaCl w ampułko-strzykowace sterylnej z zewnątrz z końcówką Luer Lock, umożliwiającą dokładne dopasowanie do gniazda cewnika naczyniowego, o poj. 3 ml, z tłokiem zapobiegającym cofaniu się krwi do cewnika, gotowa do uzycia bez konieczności odblokowywania tłoka, jałowa, sterylna zewnątrz i wewnątrz. Opakoanie z wyraźnie zaznaczonym miejscem otwierania, szerokość listka do otwierania min. 0,8 cm. na cylindrze dodatkowe oznaczenie zawartej dawki","szt",15000]
["23.","Sterylny roztwór 0,9% NaCl w ampułko-strzykowace sterylnej z zewnątrz z końcówką Luer Lock, umożliwiającą dokładne dopasowanie do gniazda cewnika naczyniowego, o poj. 10 ml,  gotowa do uzycia bez konieczności odblokowywania tłoka, jałowa, sterylna zewnątrz i wewnątrz. Opakoanie z wyraźnie zaznaczonym miejscem otwierania, szerokość listka do otwierania min. 0,8 cm. na cylindrze dodatkowe oznaczenie zawartej dawki","szt",5000]
["24.","Sterylny roztwór 0,9% NaCl w ampułko-strzykowace sterylnej z zewnątrz z końcówką Luer Lock, umożliwiającą dokładne dopasowanie do gniazda cewnika naczyniowego, o poj. 20 ml,  gotowa do uzycia bez konieczności odblokowywania tłoka, niewywołująca odczucia smaku lub zapachu u pacjenta poddawanego przepłukiwaniujałowa, sterylna zewnątrz i wewnątrz. Opakoanie z wyraźnie zaznaczonym miejscem otwierania, szerokość listka do otwierania min. 0,8 cm. na cylindrze dodatkowe oznaczenie zawartej dawki","szt",2000]
["25.","Łącznik bezigłowy kompatybilny z końcówką luer i luer lock, o przepływie min. 165 ml/min. mozliwośc podłączenia u pacjenta przez 700 uzyć. Dł. robocza zaworu 2-2,5 cm. Łącznik posiada przeźroczystą obudowę, zawór w postaci bezbarwnej, jednoelementowej silikonowej membrany, prosty tor przepływu i minimalna przestrzen martwa- max 0,04ml, zapewniany przez wewnętrzną stożkową kaniulę. Wnętrze z jedną ruchomą częściąpozbawione części metalowych i mechanicznych.Dostosowany do użytku z krwią, tłuszczami, alkoholami, chloheksydyną oraz lekami chemioterapeutycznymi. Wejście donaczyniowe zabezpieczone protektorem. Streylny, jednorazowy, pakowany pojedynczo. ","szt",10000]
["26.","System do utrzymania drożności dostępów naczyniowych w postaci ampułkostrzykawek kompatybilnych z luer Slip i luer lock z tłokiem zapobiegającym cofaniu krwi do cewnika. Duopak zawiera dwie ampułkostrzykawki z cytrynianem o stężeniu 46,7% i poj. 3 ml w strzykawce 5 ml. pakowane aseptycznie, gotowe do użycia bez konieczności odblokowywania tłoka.","szt",10]
["27.","Przyrząd do bezpiecznego otwierania szklanych ampułek, korpus wykonany z aluminium, sprężynowy, mechanizm utylizacji odłamanej główki ampułki, do ampułek o poj. 2-15 ml, wersja na wózek (spłaszcony z jednej strony) kolor czarny","szt",10]
["28.","Przyrząd do bezpiecznego otwierania szklanych ampułek, korpus wykonany z aluminium, sprężynowy, mechanizm utylizacji odłamanej główki ampułki, do ampułek o poj. 10-25ml, wersja na wózek (spłaszcony z jednej strony) kolor czerwony","szt",10]
[]
[]
[]
[]
[null,"Wartość netto :"]
[null,"Wartość brutto :"]
[null,"Warunki płatności (podać w dniach) ",{"$nulls":4},"dni"]

{"sheet":"Pakiet 6","index":5,"n_rows":33,"n_cols":11,"rows_kept":33,"merged":[[12,1,12,9],[28,4,28,5],[29,4,29,5],[30,4,30,5]]}
[null,"Pakiet 6 "]
[]
["Lp","Nazwa artykułu ","Jm","Ilość","Cena jed. ","Stawka","Cena jed. ",null,"Wartość","Nr atestu","Nr katalogowy"]
[{"$nulls":4},"netto","VAT","brutto ","Wartośc netto","brutto           ","data wazności","Producent sprzętu"]
["1.","Dren wielorazowy do insuflacji, silikonowy, nadający się do sterylizacji, kompatybilny z posiadanym przez Zamawiającego insuflatorem firmy Karl Storz ","szt",3]
["2.","Dren do insuflacji, jednorazowy, z wbudowanym filtrem do insuflacji, kompatybilny z posiadanym przez Zamawiającego insuflatorem firmy Karl Storz (opak. – 10 szt.)","op",10]
["3.","Przyłącze typu Luer-Lock, nasuwane na dren ","szt",10]
["4.","Uszczelka na trokar typu pokrywka, do trokara o śr. zewn. 10-11mm ","szt",100]
["5.","Uszczelka na trokar typu pokrywka, do trokara o śr. zewn. 5-6mm ","szt",100]
["6.","Dren płuczący z kontrolą przepływu, do laparoskopii, jednorazowy, kompatybilny z posiadaną przez Zamawiającego pompą firmy Karl Storz (opak. 10 szt.)","op",10]
["7.","Dren płuczący z kontrolącisnienia, do histeroskopu, jednorazowy, kompatybilny z posiadaną przez Zamawiającego pompą firmy Karl Storz (opak. 10 szt.)","op",10]
["8.","Pętla tnaca bipolarna 24/26 Fr do zastosowania z optyką posiadana przez Zamawiajacego firmy Karl Storz opakowanie zawiera 6szt","op",1]
[null,"Elektrody o konstrukcji dwubiegunowej tj. część neutralna umieszczona nad częścią aktywną w dystalnym końcu elektrody, zapewniającej przepływ prądu wysokiej częstotliwości w obrebie częsci neutralnej i aktywnej, bez udziału płaszcza i innych elementów resektoskopu , kompatybilne z elementem pracującym biernym bipolarnym posiadanym przez Zamawiającego firmy karl Storz i płaszczem resektoskopowym 26F"]
["9.","elektroda bipolarna, pętlowa, wielorazowa opakowanie zawiera 6szt","op",1]
["10.","elektroda bipolarna, typu półksiężyc do koagulacji, wielorazowa opakowanie zawiera 6szt","op",1]
["11.","Płaszcz histeroskopowy zew. BETTOCCHI rozm. 6mm","szt",1]
["12.","Płaszcz histeroskopowy wew. BETTOCCHI rozm. 5,4 kanał inst. > lub + 5,4 mm","szt",1]
["13.","Elektroda preparacyjna, bipolarna, końcówka igłowa prosta, 5Fr","szt",2]
["14.","Elektroda preparacyjna, bipolarna, końcówka igłowa zgięta 9005 Fr","szt",2]
["15.","Kleszcze chwytająco biopsyjne półsztywne, obie bransze ruchome, 5 Fr, dł. > lub = 34 cm","szt",2]
["16.","Nożyczki tępo zakończone, półsztywne, jedno ostrze ruchome, 5 Fr, dł . Lub = 34 cm","szt",2]
["17.","Kulociag Hesseling, półsztywny, obie bransze ruchome, 5 Fr, dł. > lub = 34 cm","szt",2]
["18.","Nożyczki ostro zakończone, płsztywne, jeno ostrze ruchome, 5 Fr, dł > lub + 34 cm","szt",2]
["19.","Płaszcz rektoskopowy 26 Fr z mechanizmem \"Click\" dziób skośny, z 2 LUER Lock, obrotowy","szt",1]
["20.","Przewód w cz. bipolarny dł. > lub + 3m, do zastosowania z diatermia chirurgiczną","szt",2]
["21.","Przewód w cz. bipolarny dł. > lub + 300 cm, do zastosowania z diatermia chirurgiczną","szt",2]
[{"$nulls":7},{"$f":"SUM(H5+H6+H7+H8+H9+H10+H11+H12+H14+H15+H16+H17+H18+H19+H20+H21+H22+H23+H24+H25+H26)","v":{"v":0,"d":"0.00 zł"}},{"$f":"SUM(I5+I6++I7+I8+I9+I10+I11+I12+I14+I15+I16+I17+I18+I19+I20+I21+I22+I23+I24+I25+I26)","v":{"v":0,"d":"0.00 zł"}}]
[]
[null,"Wartość netto : "]
[null,"Wartość brutto :"]
[null,"Warunki płatności (podać w dniach) przelew 60 dni"]
[]
[null,"Umowa będzie realizowana wartościowo."]

{"sheet":"Pakiet 7","index":6,"n_rows":14,"n_cols":11,"rows_kept":14}
[null,"Pakiet 7 "]
[]
[null,"Nazwa artykułu ","Jm","Ilość","Cena jed. ","Stawka","Cena jed. ",null,"Wartość","Nr Atestu","Nr katalogowy/"]
[{"$nulls":4},"netto","VAT","brutto ","Wartośc netto ","brutto ","data ważności","Producent sprzętu"]
[1,"Przyrząd do przetaczania płynów infuzyjnych, komora kroplowa wykonana z PP o długości min. 60mm (w części przezroczystej), całość wolna od ftalanów (informacja na opakowaniu jednostkowym), igła biorcza ścięta dwupłaszczyznowo, wykonana z ABS wzmocnionego włóknem szklanym, zacisk rolkowy wyposażony w uchwyt na dren oraz możliwość zabezpieczenia igły biorczej po użyciu, nazwa prod.bezpośrednio na przyrządzie, opakowanie kolorystyczne folia-papier, sterylny","szt",{"v":100000,"d":"100,000"}]
[2,"Przyrząd do przetaczania krwi z drenem o długości min. 150 cm oraz z komorą o dł. min.9 cm (przyrządy muszą posiadać odpowietrznik z filtrem , klapką , kroplomierz , zacisk rolkowy , komorę kroplową z filtrem pyłu). Przyrząd wykonany z tworzyw wolnych od ftalanów DEHP i DOP","szt",{"v":4000,"d":"4,000"}]
[3,"Przyrząd do szybkiego przeatczania krwi z komorą kroplową z filtrem krwi o wielkości oczek 200 µm, aktywna powierzchnia filtracyjna min. 15 cm2, dł. przyrządu min. 1500 mm. Przyrząd wykonany z tworzyw wolnych od ftalanów DEHP i DOP","szt",40]
[4,"Przyrząd do przetaczania płynów infuzyjnych bursztynowez drenem o długości min. 150 cm oraz z komorą o dł. min.6 cm (przyrządy muszą mieć odpowietrzenie z filtrem, klapką, kroplomierz , zacisk rolkowy oraz komorę kroplowa z filtrem płynu). Przyrząd wykonany z tworzyw wolnych od ftalanów DEHP i DOP","szt",500]
[]
[]
[]
[null,"Wartość netto :"]
[null,"Wartość brutto :"]
[null,"Warunki płatności (podać w dniach)"]

{"sheet":"Pakiet 8","index":7,"n_rows":28,"n_cols":11,"rows_kept":28,"merged":[[25,4,25,5],[26,4,26,5],[27,4,27,5]]}
[]
[null,"Pakiet 8 "]
["Lp","Nazwa artykułu ","Jm","Ilość","Cena jed. ","Stawka","Cena jed. ",null,"Wartość","Nr Atestu","Nr katalogowy/"]
[{"$nulls":4},"netto","VAT","brutto ","Wartość netto","brutto           ","data ważności","Producent sprzętu"]
["1.","Cewnik Cuvelera CH-8-18 sterylne wykonane z medycznego PCV ","szt",400]
["2.","Cewnik Cuvelera CH-20-24 sterylne wykonane z medycznego PCV ","szt",150]
["3.","Cewnik Foley CH-12-24,  silikonowany, sterylny  w podwójnym opakowniu","szt",{"v":5000,"d":"5,000"}]
["4.","Cewnik Foley CH-08-10, silikonowany, sterylny  w podwójnym opakowniu","szt",50]
["5.","Cewnik Nelaton CH 8-18 sterylny wykonany z medycznego PCV ","szt",500]
["6.","Cewnik Nelaton CH 20-24 sterylny wykonany z medycznego PCV ","szt",50]
["7.","Cewnik Tieman CH-10 -20 sterylny wykonany z medycznego PCV","szt",600]
["8.","Cewnik Tieman CH-22-24 sterylny wykonany z medycznego PCV","szt",100]
["9.","Korek do cewników, sterylny, stożkowy, schodkowy ","szt",3500]
["10.","Wieszak do pojemnika na mocz , plastikowy, standardowy rozstaw 15,5 cm.","szt",1000]
["11.","Woreczki do pobierania próbek moczu dla chłopców sterylne","szt",1000]
["12.","Woreczki do pobierania próbek moczu dla dziewczynek sterylne","szt",1000]
["13.","Worki do dobowej zbiórki moczu dla dorosłych 2L Sterylny , z zastawką antyzwrotną i kranikiem spustowym.","szt",2000]
["14.","Worek do dobowej zbiórki moczu na od 1 do 7 dni w systemie zamkniętym, poj. 2000 ml., zastawka antyzwrotna, port do pobierania próbek z okienkiem kontrolnym pozwalającym na kontrolę obecności moczu i procesu pobierania próbek , kranik spustowy poprzeczny, biała tylna scianka, dren o długości 100cm - 150 cm. ","szt",6500]
["15.","Worek do dobowej zbiórki moczu  14 - dniowy, poj. 2000 ml., 2 zastawki antyzwrotne, 2 filtry hydrofobowe, komora kroplowa, bezigłowy port do pobierania próbek z kienkiem kontrolnym pozwalającym na kontrolę obecności moczu i procesu pobierania próbek, zintegrowany system podwieszania.","szt",70]
["16.","Zestaw do pomiaru diurezy godzinowej, sterylny. Dren łączący 150 cm dwuświatłowy, łącznik do cewnika foley wyposażony w płaski, łatwy do zdezynfekowania bezigłowy port do pobierania próbek, okienko pozwalajaće na kontrolę obecności moczu i procesu pobierania próbek oraz w uchylną zastawkę antyzwrotną, na wejściu do komory dren zabezpieczony spiralą antyzagięciową na odcinku min. 5 cm, komora pomiarowa 500 ml, wyposażona w zabudowany, niemożliwy do przekłucia filtr hydrofobowy, cylindryczna komora precyzyjnego pomiaru wyskalowana linearnie od 1 do 40 ml co 1 ml, z cyfrowym oznaczeniem co 5 ml, komory pomiarowej od 40 do 90 ml co 5 ml i od 90 do 500 ml co 10 ml. Opróżnianie komory poprzez przekręcenie zaworu o 90 st. bez manewrowania komorą, niewymienny worek na mocz 2000 ml połączony fabrycznie posiadający filtr hydrofobowy, zastawkę antyzwrotną oraz kranik typu T podwieszany ku górze w otwartej zakładce. Worek skalowany co 100 ml od 25 ml. Możliwość podwieszania zestawu na minimum 3 niezależne sposoby.","szt",50]
["17.","Zaciskacz do pępowiny","szt",1200]
["18.","Przewód do cystoskopu lub rektoskopu pojedyńczy","szt",300]
[]
[]
[]
[null,"Wartość netto :",null,null,{"$f":"SUM(H5:H22)","v":0}]
[null,"Wartość brutto :",null,null,{"$f":"SUM(I5:I22)","v":0}]
[null,"Warunki płatności (podać w dniach) "]

{"sheet":"Pakiet 9 ","index":8,"n_rows":40,"n_cols":11,"rows_kept":40,"merged":[[33,4,33,5],[34,4,34,5],[35,4,35,5]]}
[]
[null,"Pakiet 9 "]
[null,"Nazwa artykułu ","Jm","Ilość","Cena jed. ","Stawka","Cena jed. ",null,"Wartość","Nr Atestu","Nr katalogowy/"]
[{"$nulls":4},"netto","VAT","brutto ","Wartość netto","brutto           ","data ważności","Producent sprzętu"]
["1.","Cewnik Dufor 2-drożny CH-18-24 sterylny, przeźroczysty, wykonany ze 100% silikonu, balon  50 ml, podwójne opakowanie","szt",250]
["2.","Cewnik Dufor 3-drożny, Ch 18sterylny, wykonany z silikonu, nitka rtg, balon 50 ml, w opakowaniu podwójnym","szt",60]
["3.","Cewnik Dufor 3-drożny, Ch 24 sterylny, wykonany z silikonu, nitka rtg, balon 50 ml, w opakowaniu podwójnym","szt",30]
["4.","Cewnik Dufour 3-drożny, Ch 20 sterylny wykonany z silikonu, nitka rtg balon 50ml, w opakowaniu podwójnym ","szt",150]
["5.","Cewnik Dufour 3-drożny, Ch 22 sterylny wykonany z silikonu, nitka rtg balon 50ml, w opakowaniu podwójnym ","szt",150]
["6.","Cewniki moczowodowe Couvelaire skalowane co 1 cm, 2 oczka Ch 3metalowy mandryn","szt",10]
["7.","Cewniki moczowodowe Couvelaire skalowane co 1 cm, 2 oczka Ch 4metalowy mandryn","szt",10]
["8.","Cewniki moczowodowe Couvelaire skalowane co 1 cm, 2 oczka Ch 5 metalowy mandryn","szt",10]
["9.","Cewniki moczowodowe Couvelaire skalowane co 1 cm, 2 oczka Ch 6 metalowy mandryn","szt",10]
["10.","Igły do nefrostomii 18G-22G, długości 20 cm","szt",40]
["11.","Koszyczki Dormia ze stali chirurgicznej, rękojeść ergonomiczna z pętlowym uchwytem na kciuk, rozbieralna, 6 drutów skręconych, 5,5 Ch, dł. 70cm","szt",2]
["12.","Koszyczki Dormia ze stali chirurgicznej, rękojeść ergonomiczna z pętlowym uchwytem na kciuk, rozbieralna, 4 druty skręcone, 5,5 Ch, dł. 70cm","szt",2]
["13.","Cewnik Foleya 3- drożny wykonany z lateksu Ch 18-24","szt",150]
["14.","Zestaw do nefrostomii z cewnikiem typu \"J\" CH 9, wykonany z materiału wartwowego innego niż poliuretan, 2 igły punkcyjne 18G i 22G z wyraźnym szlifem widocznym w USG, prowadnica Schullera typu J z miękkim zakończeniem o długości 100cm i środkowym odcinkiem sztywnym 30cm, komplet rozszerzadeł, kranik i bezlateksowym łącznikiem do worka na mocz ","szt",15]
["15.","Zestaw do szynowania moczowodu do 12 miesięcy w skład którego wchodzi: cewnik O/Z lub O/O wykonany z poliuretanu, pętle ok. 2 cm, sterowalny popychacz dł. 43 cm, prowadnica z ruchomym rdzeniem 150 cm, rozm CH6, CH7 dł 30 cm","szt",150]
["16.","Igła do biopsji stercza, kompatybilna do aparatu BIOPTY 18G, dł 20 cm","szt",20]
["17.","Jednorazowy sterylny pistolet do biopsji prostaty rozmiar 18G/20 cm lub 18G/25 cm do wyboru przez zamwiającego","szt",250]
["18.","Żel znieczulający z lidokainą (chlorowodorek lidokainy 2%   dwuchlorowodorek chlorhexydyny 0,05%) z zastosowaniem do cewnikowania,  endoskopu, zgłębników oraz rurek intubacyjnych, jałowy, zachowujący pełną przejrzystość w jednorazowych harmonijkowych  aplikatorach . Sterlizowany parą wodną  . Nie zwierający  żadnych substancji konserwujących, co do których istnieją podejrzenia o szkodliwym działaniu na organizm pacjenta potwierdzone oświadczeniem producenta op. 25 aplikatorów po 8,5 g żelu","szt",{"v":8000,"d":"8,000"}]
["19.","Cewnik moczowodowy Tiemann wykonany z poliamidu z metalowcym mandrynem, dł 74cm, rozmiary 3-8CH","szt",250]
["20.","Zestaw do cewnikowania w skład którego wchodzi: 5 kompresów z włókniny 7,5x7,5, 1 kleszczyki plastikowe 14 cm, 1 strzykawka 20 ml, 1 woda sterylna w ampułce 20 ml, 1 żel poślizgowy 5 gr, 1 serweta 75x90 cm, z przylepnym otworem o średnicy 9x12 cm, 1 serweta 75x90 cm, taca dwukomorowa, rozmiar średni","szt",200]
["21.","Cewnik wymienny do nefrostomii typu J Chr 9 z rdzeniem prostującym i łacznikiem do worka na mocz posiadającym mechanizm obrotowy","szt",5]
["22.","Zestaw punkcyjny do przeskórnej nefrostomii 2 stopniowy skąłdający się z igły 2 częściowej, prowadnika Lunderquista z gietkim zakończeniem, cewnika typu J pokrytego hydrożelem CH8, CH9 lub CH10, rdzenia prostujacego, łącznika do worka na mocz","szt",120]
["23.","Zestaw do nefrostomii 2 stopniowej hydrofilnej z balonem 2-2,5 ml, zestaw zawiera: cewnik z poliuretanu CH10, zakończony balonem 2-2,5 ml pokryty hydrożelem na końcu do-nerkowym, łącznik do worka na mocz, igła 2 częściowa, prowadnica Lunderquista z miękkim bezpiecznym końcem typ J, ","szt",10]
["24.","Zestaw do szynowania moczowodów do URS, Pigtail z poliuretanu O/Z lub O/O, z prowadnicą i sterowalnym popychaczam min. 80 cm. Cewnik skalowany co 1 cm z linią pozycjonującą, zestaw pre-conected, cewnik fabrycznie połączony z popychaczem,. Cewnik połaczony z popyczem nawet po usunięciu prowadnicy dł. 30 cm CH 4,8","szt",120]
["25.","Igła do ostrzykiwania pęcherza botoksem 22G. 5Ch, bezpieczny koniec 4 mm dł. 35 cm, 70 cm do wyboru zamawiajacego","szt",10]
["26.","Zestaw do cystostomii z cewnikiem Foleya Ch 16, z ostrą igłą plastikową, z rozrywalną plastikową osłonką i skalpelem","szt",30]
["27.","Cewnik Foley dwudrożny wykonany ze 100% silikonu. Możliwość utrzymania do 90 dni potwierdzona fabrycznie nadrukowana informacją na opakowaniu jednostkowym. W zestawie strzykawka z 10% roztworem gliceryny. Rozmiary 12-24 z balonem 10 ml.","szt",150]
[]
[]
[]
[null,"Wartość netto :"]
[null,"Wartość brutto :"]
[null,"Warunki płatności (podać w dniach)"]
[]
[]
[{"$nulls":8}," "]

{"sheet":"Pakiet 10","index":9,"n_rows":38,"n_cols":11,"rows_kept":38,"merged":[[35,4,35,5],[36,4,36,5],[37,4,37,5]]}
[]
[null,"Pakiet 10 "]
[null,"Nazwa artykułu ","Jm","Ilość","Cena jed. ","Stawka","Cena jed. ",null,"Wartość","Nr Atestu","Nr katalogowy/"]
[{"$nulls":4},"netto","VAT","brutto ","Wartość netto","brutto           ","data ważności","Producent sprzętu"]
["1.","Klipsy tytanowe do klipsownic Pilling Week 114527 rozmiar średnio-duży, sterylnie pakowane w magazynki po 6 sztuk","zasobnik",250]
["2.","Klipsy tytanowe do klipsownic Ethicon rozmiar średni, średnio-duży, duży, sterylnie pakowane w magazynki po 6 sztuk ","zasobnik",20]
["3.","Stapler chirurgiczny okrężny zakrzywiony , z manualnym dociskiem na tkankę ,  sterylny 1x użytku, rozm: 21,25,28,29,31,33,34 mm.","szt",15]
["4.","Stapler chirurgiczny prosty do zamykania na głucho, z manualnym dociskiem na tkankę, do tkanek standardowych i tkanek grubych,  sterylny 1x użytku, rozm: 30,45,60,75 i 90 mm.","szt",10]
["5.","Ładunek do staplera prostego do tkanek standardowych i tkanek grubych rozm: 30,45,60,75 i 90 mm.","szt",10]
["6.","Stapler chirurgiczny prosty z nożem , tnąco-szyjący, nóż w ładunku, do tkanek standardowych i tkanek grubych, sterylne, jednorazowego użytku rozm: 60 i 80 mm","szt",10]
["7.","Ładunek z nożem do staplera tnąco- szyjącego, do tkanek standardowych i tkanek grubych rozm: 60 i 80 mm","szt",10]
["8.","Woreczek laparoskopowy typ memo-bag rozm. 200-410 ml","szt",60]
["9.","Trokary jednorazowe do laparoskopii, długość kaniuli 100mm, kaniula 5 mm z karbowaną powierzchnią, mandaryn piramidalny , port insuflacyjny z kranikiem 2 drożnym , współpracujący z narzędziami od 3 do 6 mm","szt",25]
["10.","Zestaw trokarów jednorazowych do laparoskopii , dwie kaniule 10 mm, długość 100mm, z karbowaną powierzchnią, jeden mandaryn - bezpieczny tnący, port insuflacyjny z kranikiem 2 drożnym, reduktor, współpracujący z narzędziami od 8 do 11 mm ( z reduktorem od 3 mm)","szt",10]
["11.","Zestaw do laparoskopii jednorazowego użytku: dwie kaniule 10 mm-  długość 100mm, z karbowanąm powierzchnią, jeden mandaryn 10 mm- bezpieczny tnący, dwie kaniule 5 mm- długość 100mm, z karbowana powierzchnią , jeden mandaryn 5 mm- piramidalny, igła Veresa, ewakuator laparoskopowy 200 ml, 2 zasobniki z klipsami tytanowymi w rozmiarze ML, całość zapakowana w jednym sterylnym opakowaniu blister -pack","szt",20]
["12.","Jednorazowa igła do laparoskopii z kranikiem 2 drożnym , długość 12 i 15 cm do wyboru","szt",20]
["13.","Zestaw sterylnych narzędzi laparoskopowych limited use ( nożyczki, disektor, grasper) do wielokrotnego użytku ( max. 10 użyć) z możliwością resteryliacji w autoklawie, każde narzędzie pakowane osobno, sterylnie, opakowanie podwójne","zestaw",10]
["14.","Igła do punkcji mostka 16 G długość 35 mm, zakres regulacji 15-35 z dodatkowym zdejmowalnym uchwytem motylkowym, sterylne jednorazowego użytku","szt",50]
["15.","Igła do punkcji mostka 16 G długość 45 mm, zakres regulacji 25-45 z dodatkowym zdejmowalnym uchwytem motylkowym, sterylne jednorazowego użytku","szt",50]
["16.","Igły do biopsji tkanek miękkich, półautomatyczna, rozmiar 14G, 16G, 18G: długość 100-200mm, sterylne, jednorazowego użytku","szt",50]
["17.","Igła biopsyjna  do biopsji gruboigłowej piersi oraz otrzewnej do urządzenia MEDGUN CH 16 do CH 18 długość igły 10-25 cm","szt",250]
["18.","Wkład workowy jednorazowy do ssaka 1l, 2 l ,3l (zielony) pasujący do pojemnika typu Serres (wkład z jednym króćcem przyłączeniowym w pokrywie)","szt",{"v":4000,"d":"4,000"}]
["19.","Dren do ssaka 5-6 mmx 200-210mm z dodatkowym łącznikiem do cewników","szt",{"v":1500,"d":"1,500"}]
["20.","Dren do ssaka 5-6 mmx 200-210mm","szt",{"v":2000,"d":"2,000"}]
["21.","Wkład workowy Serres w komplecie z drenem łączącycm","szt",50]
["22.","Drenaż chirurgiczny wkład wielorazowy plastikowy 1 l i 2 l","szt",10]
["23.","Zestaw do drenażu jamy opłucnowej z igłą Veresa (składający się z worka na wydzielinę 2000 ml, zestawu drenów z zaworem automatycznym, jednokierunkowym, strzykawki 50-60 ml oraz igłą Veresa)","szt",5]
["24.","Zestaw do punkcji jamy opłucnej z 3 igłami punkcyjnymi (składający się z worka na wydzielinę 2000 ml, zestawu drenów z kranikiem trójdrożnym, strzykawki 50-60 ml oraz 3 igieł punkcyjnych)","szt",50]
["25.","Dreny wymienne z regulacją do zestawów drenażowych szklanych 2-butlowych z portem igłowym do pobierania próbek","szt",10]
["26.","Dren uniwersalny balonowy 7x10-10x15 - a 30m","op",2]
["27.","Zestaw do drenażu klatki piersiowej, dwubutlowy,  butla na wydzielinę 3000 ml, z regulacją siły ssania, z portem igłowym do pobierania próbek wydzieliny na drenie do pacjenta","szt",50]
["28.","Torba na wymiociny jednorazowego użytku\nwykonana z przeźroczystego materiału - co pozwala na łatwe rozpoznanie najmniejszej ilości krwi w płynie, wyskalowana co 100 ml, co umożliwia dokładne oszacowanie objętości płynu, uchwyt posiada wcięcie umożliwiające higieniczne zamknięcie, odcinające przy tym źródło przykrego zapachu; pojemność 1500 ml;\nz ustnikiem i maską na twarz z tworzywa sztucznego","szt",900]
["29.","Zestaw do drenażu czynnego i bernego klatki piersiowej dla noworodków, funkcjonalnie 3-komorowy, z suchą mehaniczną wahadłową zastawką jednokierunkow, z bańką ssącą informująą o stanie rozprężenia płuca, komora na wydzielinę 400 ml z możliwością wielokrotnego opróżniania, mechaniczna regulacja siły ssania za pomocąpokrętła w zakresie 0-45 cmH2O, zawory bezpieczeństwa, wskaźnik przecieku doopłucnowego, zwarta kompaktowa budowa, możiwość wielokrotnego odlania wydzieliny podczas drenażu, 1x uzytku, sterylny pakowany podwójnie.","szt",5]
[]
[]
[null,"Wartość netto :"]
[null,"Wartość brutto :"]
[null,"Warunki płatności (podać w dniach)"]

{"sheet":"Pakiet 11","index":10,"n_rows":27,"n_cols":11,"rows_kept":27,"merged":[[2,7,3,7],[24,4,24,5],[25,4,25,5],[26,4,26,5]]}
[null,"Pakiet 11 "]
[]
["Lp","Nazwa artykułu ","Jm","Ilość","Cena jed. ","Stawka","Cena jed. ","Wartość netto","Wartość","Nr Atestu","Nr katalogowy/"]
[{"$nulls":4},"netto","VAT","brutto ",null,"brutto           ","data ważności","Producent sprzętu"]
["1.","Rura karbowana dla dorosłych o wewnętrznej ścianie gładkiej dł. 90-100 cm, pakowana folia -papier","szt",5]
["2.","Filtry oddechowe  elektrostatyczny, z celulozowym  wymiennikiem ciepła i wilgoci z portem kapno,  Przestrzeń martwa : 38 ml przy złączu prostym, Filtr o nawilżeniu 37 mg H20, przy VT=500. Waga 32g ","szt.",4500]
["3.","Filtry oddechowe mechaniczne, bez wymiennika ciepła i wilgoci, bez portu kapno, czyste biologicznie do maszyny","szt",600]
["4.","Filtr elektrostatyczny o skuteczności przeciwbakteryjnej 99,9999%, p. wirusowej 99,99%, z wydzielonym celulozowym wymiennikiem ciepła i wilgoci o powierzchni 277 cm2, poziom nawilżania 30,11 mg H2O przy Vt250ml, przestrzeni martwej do 13,4ml, opory przepływu : 1,4 cm H2O przy 20 l/min, objętość oddechowa Vt 50-250 ml, filtr ze złączem kolankowym, sterylny lub biologicznie czysty, z portem kapno, z zakręcanym korkiem luer-lock, z nadrukowanymi na obwodzie filtra wartościami minimalna i maksymalną objetości oddechowej Vt.                        ","szt",50]
["5.","Rurka intubacyjna do przedłużonej wentylacji wykonana z PCV, bez DEHP, z mankietem w kształcie walca, od 3,0 do 10 co 0,5","szt",50]
["6.","Wymiennik ciepła i wilgoci \"sztuczny nos\" do rurek tracheostomijnych z uniwersalnym portem tlenowym , którego konstrukcja zapewnia także nawilżanie dopływającego tlenu. Samodomykający się port do ssania pomiędzy dwoma mambranami wymiennika . Skutecznośc nawilżania 32,4 mg H2O przy Vt 500 ml. Przestrzeń martwa : 10 ml. Waga 6,3g, biologicznie czyste.","szt.",600]
["7.","Maska krtaniowa jednorazowego użytku z mankietem powietrznym, ciśnienie uszczelnienia w ustnej części gardła do 37 cm H2O dające możliwość wentylacji w czasie zabiegu wyższymi ciśnieniami dodatnimi w drogach oddechowych, z luźnym niewbudowanym drenem do napełniania mankietu co chroni przed możliwością przypadkowego przegryzienia poprzez dowolne oddalenie drenu od zębów pacjenta ; posiadająca dodatkowy wbudowany kanał gastryczny umożliwiający wprowadzenie sondy do żołądka we wszystkich rozmiarach maski, rozmiary sond 6-14 Fr w tym minimum 14 Fr dla roz. 3 ; 4 i 5. Maska o wyprofilowanej anatomicznie 90 stopni krzywiźnie rurki oddechowej z wbudowaną blokadą zgryzu. Maska posiadająca uchwyt pomocniczy pełniący rolę wskaźnika położenia, ułatwiający wprowadzenie maski oraz ułatwiający jej zamocowanie po założeniu\nRozmiary: 1 / 1,5 / 2 / 2,5 / 3 / 4 / 5","szt.",80]
["8.","Maska kraniowa 1x użytku do wentylacji pacjenta z zabezpieczeniem w postaci użebrowania chroniącym przed możliwością wklinowania nagłośni oraz luźnym nie wbudowanym drenem do napełniania balonu, chroniącym przed możliwością przypadkowego przegryzienia w rozmiarach 1 - 5. Mankiet silikonowy , kolorowy znacznik ciśnienia w mankiecie.","szt.",500]
["9.","Łyżka laryngoskopowa jednorazowa , metalowa typu Macintosh,do laryngoskopów światłwodowych, kampatybilne z rekojeściami jedno i wielorazowymi w standardzie \"zielonego zamka\" (ISO7376) ze stali szlachetnej,  rozm. 0-4 do wyboru przez Zamawiającego","szt",500]
["10.","Laryngoskop w pełni jednorazowy, gotowy do użycia, calośc pozbawiona leateksu, z silnym skupionym i niezwodnym ledowym źródłem światła, rozmiar kodowany kolorem, uchwyt z metalową łyżką Macintosh rozm. 2,3,4","szt",50]
["11.","Rurka tracheostomijna z prowadnikem z otworem na prowadnicę Seldingera, z mankietem, z obrotowym łącznikiem 15mm, linia rtg na cąłej długości, elastyczny, przezroczysty kołnierz, szeroka miękka opaska szyjna, mandryn, żel na bazie wody, sterylna rozm. 7,8,9.","sz",100]
["12.","Rurka tracheostomijna z mankietem niskocisnieniowym, ruchomy kołnierz z prostym mechanizmem blokowania, kat 90 st. Z prowadnica umozliwiającą chwyt przy wprowadzaniu rurki, z otworem na prowadnicę Seldingera, rozm. 7,0 dł. 81 mm, rozm. 8,0 dł. 98 mm, rozmiar 9,0 dł. 117mm.","szt",50]
["13.","Rurka tracheostomijna z mankietem do ossysania znad mankietu, z kątem 98 st., z atraumatycznym otworem umieszczonym zboku rurki tuz nad mankietem oraz z mankietem wstecznie wklejonym, z obrotowym łacznikiem 15mm, linia rtg na całej długości, elestyczny przezroczysty kołnierz, szeroka miękka opaska szyjna, mandryn , przewód do odessania w kolorze żółtym, na baloniku kontrolnym rozmiar rurkii średnica mankietu, sterylna, rozm. 6,5-10,0 co 0,5 mm.","szt",100]
["14.","Ukałd oddechowy 1x uzytku do respiratorów, okrężny dla dorosłych, z rury o budowie podwójnego DD, dwuświatłowy z pionową membraną, o dł. 180 cm, z dodatkową rurą 150 cm i workiem 2l. Zestaw posiadający łącznik kolanko z portem kapno, dodatkowa rozciagalną gałąż o długości 50 cm. Posadający możliwośc pracy jako wymiennik ciepła o wydajności ogrzewania powietrza wdychanego o wartości 4,1 st.C przy przepływie 10 l/min.Mikrobiologicznie czysty, wolny od DEHP. Posadający elastyczne końcówki na wlocie i wylocie idealnie dopasowujące się do zakończeń w respiratorze.","szt",100]
[]
[]
[]
[]
[]
[]
[null,"Wartość netto :"]
[null,"Wartość brutto :"]
[null,"Warunki płatności (podać w dniach) "]

{"sheet":"Pakiet 12","index":11,"n_rows":38,"n_cols":11,"rows_kept":38,"merged":[[35,4,35,5],[36,4,36,5],[37,4,37,5]]}
[null,"Pakiet 12 "]
[]
["Lp","Nazwa artykułu ","Jm","Ilość","Cena jed. ","Stawka","Cena jed. ",null,"Wartość","Nr Atestu","Nr katalogowy/"]
[{"$nulls":4},"netto","VAT","brutto ","Wartość netto","brutto           ","data ważności","Producent sprzętu"]
["1.","Dren Redon F 08 - f 18 ,70 cm","szt",500]
["2.","Dren Ulmera z trokarem stalowym CH 14-CH18","szt",10]
["3.","Łącznik do drenów 9Ysterylny","szt",100]
["4.","Łącznik do drenów i cewników ł-2 sterylny","szt",200]
["5.","Łącznik do drenów i ssaków 10/10 sterylny","szt",100]
["6.","Łącznik do drenów i ssaków 8/8 sterylny","szt",200]
["7.","Łącznik do drenów Y 7 mm sterylny","szt",50]
["8.","Łącznik do drenów i ssaków 10/8 sterylny","szt",50]
["9.","Łącznik do drenów i ssaków 8/4 sterylny","szt",100]
["10.","Sterylny łącznik typu Luer z lateksu i nylonu do worków","szt",10]
["11.","Pojemnik do odsysania wydzieliny z ran a 200 do               250 ml sterylne  (płaski)","szt",500]
["12.","Pojemnik do odsysania wydzieliny z ran a 400 ml sterylny (płaski) ","szt",{"v":1500,"d":"1,500"}]
["13.","Zgłębnik dwukanałowy Salem z silikonu z oznaczeniem głębokości, do długotrwałego leczenia, jeden kanał do drenażu, drugi do upowietrzania Ch10-Ch18","szt",5]
["14.","Zgłębnik żołądkowy dwukanałowy z PCV z oznaczeniem głębokości Ch10-Ch20 typ Salem","szt",250]
["15.","Zawór antyrefluksyjny do kanału wentylacyjnego zgłębnika typu Salem, kótry umożliwia wlot powietrza atmosferycznego","szt",5]
["16.","Cewnik z trokarem 215mm Ch12, 230mm Ch-16, 390mm Ch20 , 390mm 24CH skalowane co 2cm sterylne, z widocznym rozmiarem na uchwycie","szt",100]
["17.","Cewnik Thorax Ch24-Ch36 z linią RTG oraz skalą pomiarową co 2 cm oraz sterylnie zapakowanym łącznikiem w zestawie","szt",30]
["18.","Cewnik urologiczny Pezzer wykonany z latexu silikonowanego, jałowy, miękki, minimum cztery otwory boczne, rozmiar CH28-32, dł. min. 40 cm, pakowany podwójnie: papier/folia i wewnętrzne foliowe ","szt",30]
["19.","Cewnik do embolektomii 2F-10F","szt",30]
["20.","Zgłębnik Sengstaken Ch18-21","szt",10]
["21.","Dren Kehra Ch 10-22 500/160 wykonany z latexu","szt",20]
["22.","Dren Kehra Ch 24 700/160 wykonany z latexu","szt",10]
["23.","Dren Kehra Ch 8-22 300/130 wykonany z latexu","szt",10]
["24.","Zgłębnik żołądkowy CH 8-CH 24 dł. ok. 100-125","szt",1000]
["25.","Zgłębnik żołądkowy CH 34-CH 36 dł ok. 100-125 cm","szt",100]
["26.","Zgłębnik dwunastniczy 4 otwory boczne i otwarty koniec Ch 16-CH 25","szt",30]
["27.","Worki do żywienia pozajelitowego o poj.0,5l,1 l, 1,5 l, 2 l","szt",20]
["28.","Opatrunek do mocowania cewników i sond donosowych z różowego podłoża, nietkany polipropylen, z zastosowanym akrylowym klejem medycznym, pakowane po 100 szt w dyspenserach, czas utrzymania min. 3 dni ","szt",2000]
["29.","Woda jałowa do telenoterapii biernej, możliwość stosowania wody przez min. 70 dni, mozliwość stosowania u więcej niż jednego pacjenta, potwierdzona oświadzceniem producenta. Pojemność 325 ml","szt",3500]
[]
[]
[null,"Wartość netto :"]
[null,"Wartość brutto :"]
[null,"Warunki płatności (podać w dniach)"]

{"sheet":"Pakiet 13","index":12,"n_rows":12,"n_cols":11,"rows_kept":12,"merged":[[7,1,7,4],[9,4,9,5],[10,4,10,5],[11,4,11,5]]}
[null,"Pakiet 13 "]
[]
[null,"Nazwa artykułu ","Jm","Ilość","netto","VAT","brutto ","Wartość netto","Wartość brutto ","Nr Atestu/ data ważności","Nr katalogowy/Producent sprzętu"]
["1.","Zestaw do podaży leków i płynów, komora kroplowa 20 kropel na ml, filtr 15 μm zawór blokujący po wyjęciu zestawu z pompy, dodatkowy zawór rolkowy, długość 270 cm, dren wolny od DEHP i lateksu, pakowany pojedynczo.","szt","150"]
["2.","Zestaw do podaży krwi i preparatów krwiopochodnych, komora kroplowa 20 kropel na ml, filtr 200 μm zawór blokujący po wyjęciu zestawu z pompy, dodatkowy zawór rolkowy, długość 270 cm, dren wolny od DEHP i lateksu, pakowany pojedynczo.","szt","10"]
["3.","Zestaw do podaży leków światłoczułych, kolor bursztynowy, komora kroplowa 20 kropel na ml, filtr 15 μm zawór blokujący po wyjęciu zestawu z pompy, dodatkowy zawór rolkowy, długość 270 cm, dren wolny od DEHP i lateksu, pakowany pojedynczo.","szt","5"]
[]
[null,"Zestawy w poz. 1-3 muszą być kompatybilne z pompami objętościowymi firmy Medima"]
[]
[null,"Wartość netto :"]
[null,"Wartość brutto :"]
[null,"Warunki płatności (podać w dniach) "]

{"sheet":"Pakiet 14","index":13,"n_rows":22,"n_cols":11,"rows_kept":22,"merged":[[19,4,19,5],[20,4,20,5],[21,4,21,5]]}
[null,"Pakiet 14 "]
[]
["Lp","Nazwa artykułu ","Jm","Ilość","Cena jed. ","Stawka","Cena jed. ",null,"Wartość","Nr Atestu","Nr katalogowy/"]
[{"$nulls":4},"netto","VAT","brutto ","Wartość netto","brutto           ","data ważności","Producent sprzętu"]
["1.","Czujnik do pomiatru CO2, model TG-900P. ","szt",2]
["2.","Adapter dróg oddechowych do pomiaru CO2 w strumieniu głównym u pacjentów zaintubowanych, kompatybilny z modułem TG-900P. Maksymalna objętość przestrzeni martwej adaptera: 6 mL. Zarejestrowany jako wyrób medyczny, posiadający deklarację producenta.","szt",250]
["3.","Wielorazowy mankiet do pomiaru nieinwazyjnego ciśnienia krwi (o różnych obwodach: 10, 13 i 16cm w zależności od potrzeb Zamawiającego). Kompatybilny z przewodem YN-901P. Zarejestrowany jako  wyrób medyczny, posiadający deklarację zgodności producenta. Mankiety bezlateksowe, składające się z wewnętrznego nadmuchiwanego „balonika” i osłony z materiału (możliwość czyszczenia i dezynfekcji obu elementów). Każdy mankiet wyposażony w korek do zatkania otworu na wlot powietrza do „balonika”. Czas życia mankietu: min. 1 rok lub 30000 cykli pomiaru.\n","szt",10]
["4.","Wielorazowy czujnik SpO2 dla noworodków do monitorów Nihon Kohden PVM, wodoodporny czujnik na palec z przewodem JL-900P. Długość przewodu połączeniowego min. 1,5 m, możliwość stosowania u niemowląt o wadze poniżej 3 kg. Pomiar SpO2 w zakresie min. 80-100% z dokładnością min. ±2%. Możliwość dezynfekcji poprzez zanurzenie w roztworze z cieczą dezynfekującą. Zarejestrowany jako  wyrób medyczny, posiadający deklarację zgodności","szt",2]
["5.","Jednorazowy czujnik SpO2 dla noworodków do monitorów Nihon Kohden PVM - czujnik saturacji dla noworodków kompatybilny z przewodem JL-900P. Długość przewodu połączeniowego min. 0,7 m. Każdy czujnik pakowany oddzielnie. Pomiar SpO2 w zakresie min. 80-100% z dokładnością min. ±2%. Emiter sygnału i odbiornik oznaczone graficznie na taśmie mocującej czujnika. Zarejestrowany jako wyrób medyczny, na obudowie zzawarte informacje: nr. Katalogowy, oznaczenie CE, posiada wystawioną deklarację zgodności","szt",50]
["6.","Obwód oddechowy jednorazowy pacjenta dorosłego do respiratora Monnal T60/Extend, dł. 1,6 m, śr. 22 mm, gładka powierzchnia wewnątrz","szt",200]
["7.","Obwód pacjenta pediatrycznego  do respiratora Monnal T60, dł. 1,5 m, średnica 15mm, gładka powierzchnia wewnątrz","szt",50]
["8.","Jednorazowa zastawka wydechowa do respiratora Monnal T60. ","szt",100]
["9.","Zastawka wydechowa do respiratora Extend ","szt",5]
["10.","Jednorazowy czujnik przepływu do respiratora Monnal T60. Czujnik z przeźroczysta obudową umożliwiająca kontrolę jego stanu.","szt",100]
["11.","Zestaw 6 przewodów pacjenta do EKG dl. 0,8 m","szt",2]
["12.","Wężyk NIBP dla dorosłych, dl. Przewodu 3,5 m","szt",2]
["13.","Zestaw 2 przewodów pacjenta (krokodylek) ","szt",2]
["14.","Jednorazowy układ oddechowy z zastawką wydechową i czujnikiem przepływu do respiratora Osiris 3, jednoramienny, dł. Min. 180 cm, min. 3 punkty mocowania li nii sterującej zakładką, niezawierający lateksu, pakowany pojedynczo","szt",20]
[]
[null,"Wartość netto :"]
[null,"Wartość brutto :"]
[null,"Warunki płatności (podać w dniach) "]

{"sheet":"Pakiet 15","index":14,"n_rows":30,"n_cols":11,"rows_kept":30,"merged":[[27,4,27,5],[28,4,28,5],[29,4,29,5]]}
[null,"Pakiet 15"]
[]
["Lp","Nazwa artykułu ","Jm","Ilość","Cena jed. ","Stawka","Cena jed. ",null,"Wartość","Nr Atestu","Nr katalogowy/"]
[{"$nulls":4},"netto","VAT","brutto ","Wartość netto","brutto           ","data ważności","Producent sprzętu"]
["1.","Rurka intubacyjna z PVC, bez mankietu, skalowana jednostronnie co 1 cm, z ciągłą linią znacznika RTG, z otworem Murphy, do intubacji przez usta i nos, z czarnym minimum 2 cm znacznikiem głębokości intubacji na zakończeniu rurki (dla roz2,0-6,5), sterylna, w rozmiarach od nr 2,0 do 7,0 co pół.","szt",70]
["2.","Maska krtaniowa jednokrotnego użytku do wentylacji pacjenta z możliwością dokonania intubacji dotchawiczej, wyprofilowana anatomicznie pod kątem około 90 stopni z luźnym niewbudowanym drenem do napełniania mankietu co chroni przed możliwością przypadkowego przegryzienia poprzez dowolne oddalenie drenu od zębów pacjenta, w rozmiarach (3; 4; 5) , posiadająca uchwyt dla ułatwienia założenia maski z ruchomym języczkiem ogranicznika nagłośni chroniącym przed możliwością wklinowania nagłośni i jednocześnie umożliwiającym dokonanie intubacji.","szt",3]
["3.","Jednorazowy, sterylny, gotowy do natychmiastowego użycia zestaw do wykonania konikotomii metodą bezpośredniego wkłucia z zabezpieczeniem przed uszkodzeniem tylnej ściany tchawicy lub przedniej ściany przełyku dzięki usuwalnemu ogranicznikowi głębokości wsunięcia kaniuli. W zestawie: kaniula oddechowa (rurka) do wentylacji bez mankietu z anatomicznie ukształtowaną ramką mocującą , atraumatyczna igła-introduktor, rozszerzalna silikonowa przestrzeń martwa, skalpel, strzykawka do identyfikacji światła tchawicy, opaska mocująca z zapięciem na rzepy.","szt",5]
["4.","Jednorazowy, sterylny, gotowy do natychmiastowego użycia zestaw do wykonania konikotomii metodą bezpośredniego wkłucia z zabezpieczeniem przed uszkodzeniem tylnej ściany tchawicy lub przedniej ściany przełyku dzięki usuwalnemu ogranicznikowi głębokości wsunięcia kaniuli. W zestawie: kaniula oddechowa (rurka) do wentylacji bez mankietu z anatomicznie ukształtowaną ramką mocującą , atraumatyczna igła-introduktor, rozszerzalna silikonowa przestrzeń martwa, skalpel, strzykawka do identyfikacji światła tchawicy, opaska mocująca z zapięciem na rzepy.","szt",4]
["5.","Jednorazowa, sterylna , prowadnica do rurek intubacyjnych w rozm. 2.5-4.5, z możliwością ukształtowania, metalowa, pokryta tworzymem , z miękką końcówką ","szt",20]
["6.","Jednorazowa, sterylna , prowadnica do rurek intubacyjnych w rozm. 5,0-8,0 i 8,5-11,5 z możliwością ukształtowania, metalowa, pokryta  tworzymem , z miękką końcówką ","szt",20]
["7.","Prowadnica do intubacji z gładko wyprofilowana końcówką dystalną , kolor niebieski dl. ok. 250 mm do 340 mm, śr. zew. 5 Fr do 10 Fr","szt",20]
["8.","Prowadnica do intubacji z atraumatyczn a końcówką , kolor niebieski dl. ok. 240 mm, śr. zew. 10 Fr","szt",40]
["9.","Rurki tracheostomijne z mankietem niskociśnieniowym, z łącznikiem ISO 15mm w rozmiarach 7.0; 7.5; 8.0; 9.0; 10.0 z przeźroczystą ramką","szt",150]
["10.","Rurka tracheostomijna z mankietem niskociśnieniowym nr 7,8,9 ze stałą ramką, z obrotowym łącznikiem 15mm w rozmiarach 7,8,9","szt",100]
["11.","Rurki intubacyjne zbrojone z mankietem niskociśnieniowym z medycznego PCV, automatyczne, znacznik głębokości intubacji nad mankietem, z zaworem w systemie uszczelnienia z zakończeniem typu Murphy w rozmiarach 7.0 - 9.5 /z rozmiarami połówkowymi/","szt.",100]
["12.","Rurka intubacyjna z systemem do odsysania z okolicy podgłośniowej.Mankiet uszczelniający baryłkowy, z otowerem Murphy'ego, balonik kontrolny z onaczeniem średnicy rurki i mankietu, sterylna, rozm. 6,0 do 9,0 co 0,5mm ","szt.",50]
["13.","Rurka intubacyjna profilowana północna wykonana z termowrażliwegoPVCbez DEHP, z mankietem niskociśnieniowym, do intubacji przez nos, ze znacznikiem głębokości intubacji w postaci jednego grubego ringu wokół całego obwodu rurki, minimum 2 oznaczenia rozmiaru w tym na łączniku 15 mm, niebieski balonik kontrolny, gładkie atraumatyczne krawędzie, niebieska linia RTGna całej długości rurki, skalowana jednostronnie, z otworem Murphy, sterylna, w rozmiarach od 3,0 do nr 8,0 co pół.","szt",5]
["14.","Jednorazowy adapter do drenu przeznaczony do\nstandardowego, gwintowanego wyjścia\ntlenu D.I.S.S. Bez lateksu, biologicznie czysty op. 50 sztuk","op",10]
["15.","Opaska do rurek tracheostomijnych ","szt",500]
["16.","Rurka intubacyna z medycznego PCV, zbrojon, wyprofilowana- kształt magill, ze znacznikiem głębokości intubacji w postaci jednego grubego pierścieni wokół całego obwodu rurki, z mankietem, baryłkowym, niskociśnieniowym, wysokocisnieniowym, minimum dwa oznaczenia rozmiaru na korpusie rurki i dodatkowo na łaczniku, rozmiar rurki podany na baloniku kontrolnym, otwór Murphego, łącznik z prostkątym skrzydełkiem z symetryczymi nacięciamy po obydwu stronach  ułatwiającymi utrzymanie tasiemki mocującej rurkę, linia RTG na całej długości, skalowana co 1 cm, streylna. Rurka z prowadnicą. Rozmiary 5,0-9,0 co 0,5mm.","szt",100]
["17.","Rurka tracheostomijna silikonowana, z regulowanym położeniem kołnierza, zbrojona z opaską, sterylna","szt",50]
["18.","Rurki intubacyjne z mankietem niskociśnieniowym z medycznego PCV, ze znacznikiem głębokości intubacji w postaci grubego pierścienia, minimum 2 oznaczenia rozmiaru na korpusie rurki i dodatkowo na łączniku 15 mm, gładkie atraumatyczne krawędzie, linia RTG na całej długości rurki, skalowana jednostronnie co 1 cm z automatycznym zaworem w systemie uszczelnienia z zakończeniem typu Murphy w rozmiarach 4.0 - 10.0 /z rozmiarami połówkowymi/ do zabiegów , ","szt",2200]
["19.","Sterylny jednorazowy zestaw do tracheostomii przeskórnej , o składzie:  jednostopniowe rozszerzadło obrotowe w ksztalcie śruby pokryte substancją hydrofilną, rurka tracheostomijna z obrotowym łącznikiem 15 mm, lub rurka z regulowanym położeniem kołnierza ( do wyboru przez Zamawiającego) prowadnica Seldingera, sklapel, strzykawka, opaska utrzymujaca rurkę, kaniula punkcyjna.Rozm 7,8,9","szt",100]
["20.","Rurka intubacyjna z PCV, dooskrzelowa z haczykiem na Carinę, mankiet dotchawiczny przezroczysty, mankiet dooskrzelowy niebieski, kolorystycznie dopasowane balony kontrolen, skalowana, prowadnica z umocowaniem, 2 cewniki do odsysania, 2 łączniki katowe, łącznik typu Y, sterylna, lewa, rozm. 35,37,39,41 CH","szt",10]
["21.","Rurka intubacyjna z PCV, dooskrzelowa z haczykiem na Carinę, mankiet dotchawiczny przezroczysty, mankiet dooskrzelowy niebieski, kolorystycznie dopasowane balony kontrolen, skalowana, prowadnica z umocowaniem, 2 cewniki do odsysania, 2 łączniki katowe, łącznik typu Y, sterylna, prawa, rozm. 35,37,39,41 CH",null,10]
[]
[]
[null,"Wartość netto :"]
[null,"Wartość brutto :"]
[null,"Warunki płatności (podać w dniach) "]

{"sheet":"Pakiet 16 ","index":15,"n_rows":21,"n_cols":11,"rows_kept":21,"merged":[[15,4,15,5],[16,4,16,5],[17,4,17,5]]}
[null,"Pakiet nr 16 "]
[null,"                                                "]
["Lp","Nazwa artykułu ","Jm","Ilość","Cena jed. ","Stawka","Cena jed. ",null,"Wartość","Nr Atestu","Nr katalogowy/"]
[{"$nulls":4},"netto","VAT","brutto ","Wartośc netto","brutto           ","data ważności","Producent sprzętu"]
["1.","Proteza naczyniowa, prosta, dziana, nieprzepuszczalna dla płynów, dwustronnie welurowana, imprtegnowana metodą bezaldechydową zmodyfikowaną żelatyną o niskiej trombogenności. Proteza zapewnia zminimalizowany przeciek na linii szwu. "]
[null,"długość 15 cm, średnica mm: 6,7,8","szt",2]
[null,"długość 30 cm, średnica mm: 6,7,9","szt",2]
[null,"długość 40 cm, średnica mm: 6,7,10","szt",2]
["2.","Łata naczyniowa welurowana,podwójnie dziana,  imprtegnowana zmodyfikowaną żelatyną. Nieprzepuszczalna dla krwi, żelatyna o niskiej trombogenności, zminimalizowany przeciek na linii szwu. "]
[null,"2 x 9 cm","szt",2]
[null,"3 x 4 cm","szt",2]
[]
[null,"Rozmiary do wyboru przez Zamawiajacego (pakiet będzie realizowany wartościowo)"]
[]
[]
[null,"Wartość netto :"]
[null,"Wartość brutto :"]
[null,"Warunki płatności (podać w dniach) "]
[]
[]
[null,"                                                                          "]

{"sheet":"Pakiet 17","index":16,"n_rows":28,"n_cols":11,"rows_kept":28,"merged":[[25,4,25,5],[26,4,26,5],[27,4,27,5]]}
[null,"Pakiet 17"]
[]
["Lp","Nazwa artykułu ","Jm","Ilość","Cena jed. ","Stawka","Cena jed. ",null,"Wartość","Nr Atestu","Nr katalogowy/"]
[{"$nulls":4},"netto","VAT","brutto ","Wartość netto","brutto           ","data ważności","Producent sprzętu"]
["1.","Papier do KTG firmy Philips 150x100x150xHP","szt",150]
["2.","Papier Ascard 31 60mmx12 mb Foton","szt",300]
["3.","Papier Ascard 33 0,11x10 mb","szt",100]
["4.","Papier Ascard A4 0,112x25","szt",{"v":1000,"d":"1,000"}]
["5.","Papier do EKG Ascard 3 z nadrukiem 0,104x40","szt",150]
["6.","Papier do KTG 152x90 do Aparatu Corometrix","szt",50]
["7.","Papier do videoprintera Mitschubishi K 61 B","szt",170]
["8.","Papier EKG 50x30 do defibrylatora Cardio AID 100 z nadrukiem","szt",120]
["9.","Papier EKG 100mm Lifepak 12,15,20","szt",150]
["10.","Papier EKG Ascard B5 58x25 do 30 ECO ","szt",50]
["11.","Żel do EEG a 0,25kg","szt",20]
["12.","Żel do EkG a 0,25kg","szt",40]
["13.","Żel do USGa 0,5 kg","op",350]
["14.","Żel ścierny a 0,25 kg do EKG","szt",10]
["15.","Elektrody do EKG dla dzieci a 50 szt","op",10]
["16.","Elektrody do EKG do długotrwałego monitorowania a 50 szt","op",100]
["17.","Elektrody do EKG dla dorosłych a 50 szt","op",1000]
["18.","Papier do KTG do aparatu BT 350 , 152x90x80-R01 160 kartek","szt",100]
["19.","Papier do KTG 150x143x300 kartek do aparatu Sonocaid","szt",100]
[{"$nulls":7},{"$f":"SUM(H5:H23)","v":{"v":0,"d":"0.00 zł"}},{"$f":"SUM(I5:I23)","v":{"v":0,"d":"0.00 zł"}}]
[]
[null,"Wartość netto :"]
[null,"Wartość brutto :"]
[null,"Warunki płatności (podać w dniach)"]

{"sheet":"Pakiet 18","index":17,"n_rows":14,"n_cols":11,"rows_kept":14,"merged":[[2,0,3,0],[2,1,3,1],[2,2,3,2],[2,3,3,3],[11,4,11,5],[12,4,12,5],[13,4,13,5]]}
[null,"Pakiet 18"]
[]
["Lp","Nazwa artykułu ","Jm","Ilość","Cena jed. ","Stawka","Cena jed. ",null,"Wartość","Nr Atestu","Nr katalogowy/"]
[{"$nulls":4},"netto","VAT","brutto ","Wartość netto","brutto           ","data ważności","Producent sprzętu"]
["1."," Elektroda do czasowej przezżylnej stymulacji serca. Wyrób jałowy, sterylizowany radiacyjnie, jednorazowego użytku, nietoksyczny, apirogenny, widoczny w promieniach RTG. Elektroda kompatybilna ze wszystkimi dostępnymi na rynku stymulatorami, również na styki safety pin. Wykonana z poliuretanu, pakowna w sztywną, uformowaną spiralnie rurkę, chroniącą wyrób przed uszkodzeniem w czasie transportu i magazynowania.\n\nDługość 1250mm, długość robocza 1120mm, rozstaw biegunów 4-10mm. Elektroda z miękkim końcem, wielkość wg. zapotrzebowania Zamawiającego w zakresie rozmiarowym 4-7F","szt.",25]
[2,"Introduktor tętniczy. Skład zestawu: introduktor, dylatator, prowadnik, prostownik prowadnik, igła. Wyposażony w szczelną zastawkę hemostatyczną, elastyczny i sprężysty, widoczny w promieniach RTG. Kompatybilny z asortymentem z poz. nr 1. ","szt.",25]
[]
[]
[]
[]
[]
[null,"Wartość netto :"]
[null,"Wartość brutto :"]
[null,"Warunki płatności (podać w dniach) "]

{"sheet":"Pakiet 19","index":18,"n_rows":14,"n_cols":11,"rows_kept":14,"merged":[[11,4,11,5],[12,4,12,5],[13,4,13,5]]}
[null,"Pakiet 19 "]
[]
["Lp","Nazwa artykułu ","Jm","Ilość","Cena jed. ","Stawka","Cena jed. ",null,"Wartość","Nr Atestu","Nr katalogowy/"]
[{"$nulls":4},"netto","VAT","brutto ","Wartość netto","brutto           ","data ważności","Producent sprzętu"]
["1.","Smoczek jednorazowego użytku, sterylny przeznaczony do karmienia noworodków donoszonych , wykonany z elastycznego, miękkiego, naturalnego lateksu, anatomiczny - profilowany. Średni, jednootworowy przepływ, umieszczony w miękkiej strefie podniebienia.  Antykolkowy, zewnętrzny system odpowietrzania. Z nakrętką, kolorem oznaczającą wielkość przepływu, kompatybilny z butelkami i gotowymi mieszankami mlecznymi RTF wszystkich firm. Sterylnie zapakowany pojedynczo folia-papier, gwarantujący jednorazowe użycie i najwyższy standard higieny. ","szt",{"v":1000,"d":"1,000"}]
["2.","Sterylny smoczek jednorazowego użytku przeznaczony do karmienia noworodków przedwcześnie urodzonych i donoszonych, rozmiar 1 ( 0-6 m-ca) wykonany z TPE( nieco twardszy niż naturalny lateks),  anatomiczny - profilowany. Mały-mini, jednootworowy przepływ, umieszczony w miękkiej strefie podniebienia.  Antykolkowy, zewnętrzny system odpowietrzania. Z nakrętką, kolorem oznaczającą wielkość przepływu, kompatybilny z butelkami i gotowymi mieszankami mlecznymi RTF wszystkich firm. Sterylnie zapakowany pojedynczo folia-papier, gwarantujący jednorazowe użycie i najwyższy standard higieny. ","szt",100]
["3.","Sterylna osłonka brodawek sutkowych, wykonana z cienkiego, strukturalnego silikonu z domieszką elastomeru wspomagająca technikę ssania, doraźnie, w  leczeniu stanów zapalnych okolicy brodawki sutkowej, redukuje bolesność, wyprofilowana, z trzypunktową, sercowatą otoczką, gwarantującą doskonałe umocowanie na piersi, pakowana po 1 szt rozmiar M","szt",500]
["4.","Sterylna osłonka brodawek sutkowych, wykonana z cienkiego, strukturalnego silikonu z domieszką elastomeru wspomagająca technikę ssania, doraźnie, w  leczeniu stanów zapalnych okolicy brodawki sutkowej, redukuje bolesność, wyprofilowana, z trzypunktową, sercowatą otoczką, gwarantującą doskonałe umocowanie na piersi, pakowana po 1 szt rozmiar L","szt",100]
["5.","Lateksowy, anatomiczny, z szeroką, spłaszczoną częścią wewnątrzustną i wyeksponowanym szerokim oparciem dla warg, symulujący płytkę podniebienną  smoczek na rozszczep podniebienia (bez otworu przepływowego, wykonanie indywidualnie po ocenie przebiegu roszczepienia), wielorazowego użytku, z nakrętką, kompatybilny z gotowymi mieszankami mlecznymi i butelkami szpitalnymi standard. ","szt",5]
["6.","Lateksowy, anatomiczny, z szeroką, spłaszczoną częścią wewnątrzustną i wyeksponowanym szerokim oparciem dla warg, symulujący płytkę podniebienną  smoczek na rozszczep podniebienia (bez otworu przepływowego, wykonanie indywidualnie po ocenie przebiegu roszczepienia), wielorazowego użytku, z nakrętką, kompatybilny z gotowymi mieszankami mlecznymi i butelkami szpitalnymi standard. ","szt",5]
[]
[null,"Wartość netto :"]
[null,"Wartość brutto :"]
[null,"Warunki płatności (podać w dniach) "]

{"sheet":"Pakiet 20","index":19,"n_rows":19,"n_cols":11,"rows_kept":19,"merged":[[15,4,15,5],[16,4,16,5],[17,4,17,5]]}
[null,"Pakiet nr 20"]
[null,"                                                "]
["Lp","Nazwa artykułu ","Jm","Ilość","Cena jed. ","Stawka","Cena jed. ",null,"Wartość","Nr Atestu","Nr katalogowy/"]
[{"$nulls":4},"netto","VAT","brutto ","Wartość netto","brutto           ","data ważności","Producent sprzętu"]
["1.","Zestaw do odciągania pokarmu 1x użytku do laktatora Symphony 24mm- 30mm do wyboru","szt",200]
["2.","Butelka jednorazowa 80 ml","szt",100]
["3.","Butelka jednorazowa 150 ml","szt",100]
["4.","Smoczek dla dzieci donoszonych  ( średni przepływ)","szt",50]
["5.","Smoczek dla wcześniaków ( wolny przepływ)","szt",50]
["6.","Jednorazowy zbiorniczek na sarę","szt",50]
["7.","Torebki do dezynfekcji w kuchence mikrofalowej a 5 szt","op",20]
["8.","Zestaw osobisty z membraną do Symphony, wielorazowy, autoklawowalny","szt",100]
[]
[]
[]
[]
[null,"Wartość netto :"]
[null,"Wartość brutto :"]
[null,"Warunki płatności (podać w dniach) "]

{"sheet":"Pakiet 21","index":20,"n_rows":25,"n_cols":11,"rows_kept":25,"merged":[[22,4,22,5],[23,4,23,5]]}
[null,"Pakiet nr 21 "]
[null,"                                                "]
["Lp","Nazwa artykułu ","Jm","Ilość","Cena jed. ","Stawka","Cena jed. ",null,"Wartość","Nr Atestu","Nr katalogowy/"]
[{"$nulls":4},"netto","VAT","brutto ","Wartość netto","brutto           ","data ważności","Producent sprzętu"]
["1.","Łącznik do zastawek typu Heimlich","szt.",5]
["2.","Rurka ustno-gardłowa, giętka, z zaokrągloną końcowką dystalną, końcówka z nylonową ochroną zapobiegającą pęknięciu lub przegryzieniu, z oznaczeniem rozmiaru. Rozmiary do wyboru Zamawiającego.","szt.",5]
["3.","Przezskórny cewnik wprowadzany obwodowo za pomocą igły typu motylek lub za pomocą rozrywalnej kaniuli microflash 20G ( do wyboru przez Zamawiającego) przeznaczony do przewlekłego stosowania wykonany z silikonu, cieniujący w Rtg. o rozmiarze 2 Fr tj.0,3-0,6 mm i długości 30 cm lub 15 cm . Do wyboru przez Zamawiającego. ","szt.",5]
["5.","Przezskórny mikrocewnik wprowadzany obwodowo , przeznaczony do przewlekłego stosowania wykonany z poliuretanu, cieniujący w Rtg znaczniki co 1 cm. o rozmiarze 1F(0,15x0,3mm) i 3F długości 15 cm i 20 cm. Cewnik zakończony giętkimi skrzydełkami. Wbudowana w cewnik ochrona przed zaginaniem światła cewnika.Cewnik wprowadzany za pomocą rozrywalnej igły G-24 lub kaniuli G24 lub rozrywalnej kaniuli Microflesh (typu peel away) 20G do wyboru przez Zamawiającego","szt.",20]
["9.","Cewnik pępkowy wykonany z poliuretanu, cieniujący w Rtg, znaczniki długości , wyposażony w kranik Luer Lock roz.3,5F długość 40 cm","szt.",20]
["10.","Cewnik pępkowy wykonany z poliuretanu, cieniujący w Rtg, znaczniki długości , wyposażony w kranik Luer Lock roz.4,0 F długość 40 cm","szt.",20]
["11.","Cewnik do odsysania z kontrolą ssania. Otwarty koniec, jeden otwór boczny. Z zatyczką, kodowane kolorem . Długość 29 cm , znakowane co 1 cm.","szt.",100]
["12.","Cewnik trokar, z dystalną końcówką lejkowatą z bocznym otworem, przezroczysty, sztywny, nasadka zakończona końcówką Lock.oznaczenie co 1 cm. Średnica 2,7mm , długość 8 cm. Fr8","szt.",10]
["13.","Cewnik trokar, z dystalną końcówką lejkowatą z bocznym otworem, przezroczysty, sztywny, nasadka zakończona końcówką Lock. oznaczenie co 1 cm. Średnica 3,3 mm , długość 8 cm. Fr 10","szt.",10]
["15.","Zestaw do żywienia noworodków, zawierający filtr 96 godzinny 0,22 mikrona, z dodatkowym portem bezigłowym dostępnym portem poniżej filtra. Zaciski na każdej z linii.","szt.",200]
["16.","Neonatologiczny  filtr 1,2 mikrona , żywieniowy  do lipidów, Bez przedłużek.","szt.",200]
["17.","Igła do nakłucia lędźwiowego typu Quincke G22 0,7x38mm i 0,5x500mm","szt.",50]
["21.","Sonda żywieniowa z PCV oznaczniki długości co centymetr od  5 do 25 cm. rozm. 0.4, 0.5, 0.6, 0.8","szt.",200]
["22.","Jednoświatłowy lekki dren o średnicy 1,5 x 2,5 mm i długości 10 cm. Dren zakończony bionectorem","szt.",30]
["23.","Dwuświatłowy lekki dren przekształcający wejście centralne w cewnik kilkukanałowy. Dreny o średnicy 1,5x2,5 mm i długości 10 cm. Wszystkie dreny zakończone bionectorem","szt.",50]
["24.","Dwukanałowa rurka intubacyjna do podawania surfaktantu w trakcie ciagłej terapii oddechowej. Wykonana z silikonowego przezroczystego materiału, z paskiem kontrastującym w rtg, zakończona pod kątem 30-40 stopni, znacznik co 0,5 cm, cienkościenna z dużą średnicą wewnętrzną. Rozmiary od 2,0 do 4,0 ","szt.",50]
["27.","Zestaw do tranfuzji wymiennej noworodków ","szt.",5]
[]
[null,"Wartość netto :"]
[null,"Wartość brutto :"]
[null,"Warunki płatności (podać w dniach) "]

{"sheet":"Pakiet 22","index":21,"n_rows":23,"n_cols":11,"rows_kept":23,"merged":[[20,4,20,5],[21,4,21,5],[22,4,22,5]]}
[null,"Pakiet nr 22 "]
[null,"                                                "]
["Lp","Nazwa artykułu ","Jm","Ilość","Cena jed. ","Stawka","Cena jed. ",null,"Wartość","Nr Atestu","Nr katalogowy/"]
[{"$nulls":4},"netto","VAT","brutto ","Wartośc netto","brutto           ","data ważności","Producent sprzętu"]
["1.","Układ oddechowy noworodkowy z generatorem IF, jednorazowego użytku (mikrobiologicznie czysty), z zabezpieczeniem przeciwdrobnoustrojowym opartym na działaniu jonów srebra \n\nW skład zestawu wchodzi:\n- odcinek wdechowy podgrzewany dł. 1,2 m,  wew. 10 mm, odcinek niepodgrzewany dł. \n  0,3m,\n- odcinek wydechowy niepodgrzewany z perforacją w postaci regularnych otworów \n  zabezpieczających przed okluzją, umiejscowionych na wierzchołkach karbowań, na całej \n  długości odcinka, \n- odcinek łączący nawilżacz z respiratorem dł. 0,6 m,\n- odcinek do pomiaru ciśnienia dł. 2,1 m,\n- zestaw generatora, w komplecie znajdują się:\n• generator IF z elastycznymi i miękkimi paskami mocującymi z pętelkami do zaczepienia rzepów z jednej strony, zakończone zwężanymi, usztywnianymi i karbowanymi końcówkami, które ułatwiają montaż generatora do czapeczki,\n• kołyska do zamocowania generatora na czepcu, wykonana z elastycznego tworzywa w kształcie litery T,  \n   z rzepem mocującym,\n• końcówka donosowa o zróżnicowanej grubości ramion donosowych w rozm. S, M, L (3 szt.),\n• klipsy – 4 szt.,\n• miarka\n","szt",80]
["2.","Czujnik brzuszny oddechów","szt",10]
["3.","Końcówka nosowa o zróżnicowanej grubości ramion rozm S,M,L","szt",200]
["4.","Czujnik temperatury do nawilżacza F&P MR850","szt",2]
["5.","Komora nawilżajaca z automatyczną regulacją poziomu wody o kontrukcji zapobiegającej nadmiernemu gromadzeniu kondensantu w obwodzie oddechowym, dł. Drenu do podaży wody 1,2 m","szt",80]
["6.","Adapter do podłączenia grzałki w ramieniu wdechowym w układzie oddechowym z nawilżacza F&P MR850","szt",2]
["7.","Zestaw jednorazowy do napełniania samoczynnego komory nawilżacza zawiera : system wyrównania ciśnienia, łącznik T","szt",5]
["8.","Czapeczka do zamocowania generatora, wykonana z bawełny, posiada trzy zapięcia na rzepy do mocowania węży, z miarką. Wielkość oznaczenia kolorem w sposób trwały. Dostępne rozmiary: - obwód głowy 18-20cm, rozm 00                                                                           -obwód głowy 20-22cm rozm 0                                          - obwód głowy 22-24cmrozm. 1                                                                       - obwód głowy 24-26cm, rozm 2                                                        - obwód głowy 26-28cm rozm.3                                        - obwód głowy 28-30cm rozm. 4                                                 - obwód głowy 30-32cm rozm 5                       - obwód głowy 32-34cm, rozm6                                                  - obwód głowy 34-36 cm rozm7 ","szt",60]
["9.","Układ do resuscytacji dł. 1m5m. Układ oddechowy do resuscytacji noworodka przeznaczony do aparatów: Neopuff, Babypuff, Resuscitare, Panda, Giraffe Star, Atom posiadający zabezpieczenie antybakteryjne oparte na działaniu jonów srebra. W skład zestawu wchodzi:                                                       - ramię wdechowe niepodgrzewane dł. 1,5m,                                                       - zastawka PEEP zz zabezpieczeniem przed przypadkowym odkręceniem pokrętła regulatora ciśnienia końcowego - wydechowego oraz z podwójnie obrotową regulacją położenia przy zastawce                                                                                   - zatyczka uszczelniająca                                                    - łącznik umożliwiający dopasowanie do aparatu Resuscitare, Panda, Giraffe Star ","szt",200]
["10.","Filtr powietrza przeciwkurzowy do inkubatora Atom Rabee i Dual Incu i Air Incu","szt",10]
["11.","Maska nosowa rozm. S, M, L XL","szt",100]
["12.","Maska twarzowa, okrągła, silikonowa, rozm.0(I.D.30mm)","szt",50]
["13.","Maska twarzowa, okrągła, silikonowa rozm 1 (I.D.38mm)","szt",50]
["14.","Maska twarzowa, okrągła, silikonowa, rozm. 2 (I.D.48mm) ","szt",50]
["15.","Płucko testowe ","szt",4]
[]
[null,"Wartość netto :"]
[null,"Wartość brutto :"]
[null,"Warunki płatności (podać w dniach)"]

{"sheet":"Pakiet 23","index":22,"n_rows":16,"n_cols":11,"rows_kept":16,"merged":[[9,4,9,5],[10,4,10,5]]}
[null," Pakiet nr 23"]
[]
[{"$nulls":4},"Cena jed. ","Stawka","Cena jed. ",null,"Wartość","Nr Atestu","Nr katalogowy/"]
["Lp","Nazwa artykułu","Jm","Ilość","netto","VAT","brutto ","Wartość netto","brutto           ","data ważności","Producent sprzętu"]
[1,"Elementy wymienne do strzykawki CT EXPRES, elementy musza być kompatyblineze strzykawką CT EXPRES i dopuszczone przez producenta : zestaw wielu pacjentów do używania przez 12 godz. lub 20 pacjentów składający się z kasety perystaltycznej oraz przewodu zakończonego złączem luer-lock x 25 zestawów.","op",25]
[2,"Elementy wymienne do strzykawki CT EXPRES, elementy musza być kompatyblineze strzykawką CT EXPRES i dopuszczone przez producenta : jednorazowe przekłuwacze do butelek z kontrastem w obj. 50-500 ml x 60 szt","op",25]
[3,"Elementy wymienne do strzykawki CT EXPRES, elementy musza być kompatyblineze strzykawką CT EXPRES i dopuszczone przez producenta : zestaw dzienny łączący trzy źródła ( 2 x kontrast + 1 x sół) przeznaczony do stosowania max. 12 dodzin x 15 zestawów","op",30]
[4,"Elementy wymienne do strzykawki CT EXPRES, elementy musza być kompatyblineze strzykawką CT EXPRES i dopuszczone przez producenta : jednorazowy łącznik o dł. 120 cm z jednokierunkowym zaworem na każdym z końców linii ze złączem luer-lock x 40 sztuk","op",80]
[]
[null,"Wartość netto :"]
[null,"Wartość brutto :"]
[null,"Warunki płatności (podać w dniach)"]
[]
[]
[]
[null,"Sprzęt musi być kompatybliny z automatycznym  wstrzykawaczem kontrastu Medard Vistron CT "]

{"sheet":"Pakiet 24","index":23,"n_rows":21,"n_cols":11,"rows_kept":21,"merged":[[18,4,18,5],[19,4,19,5],[20,4,20,5]]}
[null,"Pakiet nr 24"]
["Lp","Nazwa artykułu ","Jm","Ilość","Cena jed. ","Stawka","Cena jed. ",null,"Wartość","Nr Atestu","Nr katalogowy/"]
[{"$nulls":4},"netto","VAT","brutto ","Wartośc netto","brutto           ","data ważności","Producent sprzętu"]
["1.","Jednoczęściowy worek ileostominy z filtrem o długości 25 cm zamykany plastikową zapinką. Z jednej strony pokryty fizeliną a z drugiej przezroczystą folią. Przylepiec hipoalergiczny o właściwościach ochronnych i gojących. Otwór uniwersalny 20 mm w przylepcu do docięcia pozwalający zaopatrzyć stomię od 18 do 60 mm.","szt",500]
["2.","200 ml spray na bazie naturalnych olejków eterycznych, skutecznie neutralizujący nieprzyjemne zapachy. Nie powodujący uczuleń i podrażnień.","szt",5]
["3.","30 ml krople na bazie  naturalnych olejków eterycznych, skutecznie neutralizujące nieprzyjemne zapachy. Nie powodujący uczuleń i podrażnień.","szt",5]
["4.","Gaziki do zmywania, pielęgnacji oraz do usuwania, pozostałości sprzętu stomijnego ze skóry. Nie podrażniające skóry.","szt",100]
["5.","60 g pasta z materiału hydrokoloidowego o właściwościach uszczelniająco gojących.","szt",5]
["6.","Worek jednoczęściowy kolostomijny odpuszczany. Z jednej strony pokryty bawełnianą siateczką a drugiej przezroczystą folią. Odpływ worka zamykany plastikową zapinką","szt",100]
["7.","Worek do irygacji przez przetokę kałową","szt",100]
["8.","System do kontrolowanej zbiórki luźnego stolca wyposażonyw : silikonowy rękaw odprowadzający treści kałowe, balonik retencyjny z niebieska kieszonką do umieszczania palca wiodoącego, port do napełniania balonika retencyjnego z sygnalizatorem, który wypełnia się gdy balonik osiagnie wielkość optymalną w ciele pacjenta oraz port do irygacji umozliwiający także doodbytnicze podanie leków z klamrą zamykacjącą światło drenu w celu utrzymania leku w miejscu podania, system zawiera port do pobierania próbek stolca z zstawką antyzwrotną. czas utrzymania systemu do 29 dni, biologicznie czysty, zestaw wyposażony dodatkowo w 3 worki zbiorcze o poj. 1000 ml.","szt",8]
["9.","Worki wymienne kompatybilne z systemem do kontrolowanej zbiórki luźnego stolca o poj. 1000 ml , nieprzeźroczyste, z podglądem, skalowane co 25 ml, w tym numerycznie co 100 ml, z filtrem węglowym o wysokiej absorbcji zapachów i możliwością filtrowania gazów, z zastawką antyzwrotną zabezpieczająca przed wylaniem zawartości, biologicznie czyste.","szt",10]
[]
[]
[]
[]
[]
[]
[null,"Wartość netto :"]
[null,"Wartość brutto :"]
[null,"Warunki płatności (podać w dniach) "]

{"sheet":"Pakiet 25","index":24,"n_rows":12,"n_cols":11,"rows_kept":12,"merged":[[9,4,9,5],[10,4,10,5],[11,4,11,5]]}
[null,"Pakiet nr 25  "]
[]
[]
["Lp","Asortyment","Jm","Ilość","Cena netto","VAT","Cena brutto ","Wartość netto","Wartość brutto           ","Nr atestu data ważności","Nr kat. Producent sprzętu"]
[1,"Czujnik do pomiaru ciśnienia pojedynczy :przetwornik do krwawego pomiaru ciśnienia, częstotliwość własna przetwornika ≥ 200Hz, długość linii pojedynczej min.120 cm + 30 cm, linia płucząca z biuretą wyposażoną w szpikulec z trzema otworami, zabezpieczający przed zapowietrzeniem, zestaw wyposażony w min 2 koreczki na linie pomiarową, zestaw wyposażony w min 2 kraniki trójdrożne linie kodowane kolorystycznie (odpowiednie kolory drenów, bądź zestaw wyposażony w kolorowe koreczki), system przepłukiwania uruchamiany wielokierunkowo przez pociągnięcie za wypustek, połączenie przetwornika z kablem łączącym z monitorem, bezpinowe, chroniące przed zalaniem (wodoodporne),  konstrukcja przetwornika zawierająca osobny port do testowania poprawności działania systemu: linia z przetwornikiem /kabel sygnałowy/monitor","szt",50]
[2,"Czujnik do pomiaru rzutu serca : długość linii 152 cm, dwa niezależne gniazda ciśnienia. Zestaw musi być kompatybilny z monitorem VIGILEO firmy Edwards Lifesciences. Instrukcja obsługi w języku polskim.","szt",100]
[3,"Cewnik Swan - Ganza nr 7F, 4 światła - opatentowany balon o optymalnej twardości i bardzo dużej wytrzymałości, zawór przesuwny napełniania balonika do obsługi jedną ręką, przejrzyste oznaczenie barwne i opisy koncówek, specjalna konstrukcja przekroju umozliwiająca wysoki przepływ, specjalny termoczuły materiał o optymalnej giętkosci i twardosci (mieknie in vivo o 60%), cewnik pokryty powłoką AMC działającą jednocześnie przeciwbakteryjne  i antyzakrzepowo","szt",5]
[4,"Itroducer do wpowadzania cewnika Swan Ganza, rozmiar 8F - minimalizujacy ryzyko uszkodzenia cewnika a zwłaszcza jego balonika, koszulka wykonana z poliuretanu (materiał termoczuly po wprowadzeniu do ciała, zminimalizowane ryzyko zagięcia, nastawna zastawka Touhy-Borstova umozliwiająca unieruchomienie wprowadzonego cewnika), port do wlewów umiejscowiony bocznie w kształcie V zapewniający przepływ i niezapychający się, sfazowane koncówki koszulki minimalizujace uszkodzenie tkanki i zapychanie, osłonka antybakteryjna umożliwiająca sterylną manipulację cewnikiem Swan Ganza, heparynizowany w technologii AMC THROMOSHIELD","szt",5]
[]
[null,"Wartość netto :"]
[null,"Wartość brutto :"]
[null,"Warunki płatności (podać w dniach) "]

{"sheet":"Pakiet 26","index":25,"n_rows":21,"n_cols":11,"rows_kept":21,"merged":[[18,4,18,5],[19,4,19,5]]}
[null,"Pakiet 26 "]
[]
["Lp","Asortyment","Jm","Ilość","Cena netto","VAT","Cena brutto ","Wartość netto","Wartość brutto           ","Nr atestu data ważności","Nr katalogowy/Producent sprzętu"]
["1.","Rurka tracheostomijna Blue Blue Line® Ultra z mankietem niskociśnieniowym Soft-Seal® w zestawie: z dwiema kaniulami wymiennymi, szczoteczką do kaniul oraz opaską mocującą","szt",10]
["2.","Koc do ogrzewania konwekcyjnego Equator, na całe ciało pacjenta","szt",100]
["3.","Linia jednorazowego użytku do infuzji ogrzewanych płynów, z płaszczem wodnym, do urządzenia Hotline, dł. ok.. 2 m.","szt",30]
["4.","Zestaw do drenażu Robinsona: Zamknięty system do drenażu grawitacyjnego z drenem wykonanym z czystego silikonu, o długości 100 cm, z wtopioną linią RTG, perforowanymi eliptycznymi otworami, zintegrowany z workiem o pojemnosci 600 ml, z zastawką płatkową, z kranikiem spustowym, wyskalowanym od 0 - 100 ml co 25 ml i 100-600 ml co 100ml. W rozmiarach 9,12,15,18,20,24,28,30,33,36 Ch. Sterylny","szt",50]
["5.","Zestaw do przezskórnej tracheotomii metodą Seldingera z jednostopniowym rozszerzadłem o kształcie \"rogu nosorożca\" z warstwą poślizgową o miękkim końcu i ergonomicznym uchwycie, zawierający skalpel, strzykawkę 10ml, igłę 14Ga z kaniulą, prowadnicę Selingera i  prowadnik, krótkie rozszerzało 14F, cewnik wprowadzający, jednostopniowe rozszerzadło, rurkę tracheostomijna z mankietem niskociśnieniowym i odsysaniem posiadająca samoblokujący się mandryn z otworem na prowadnicę Seldingera, stożkowy prowadnik rurki z uchwytem, 2 kaniule wewnętrzne do rurki, gaziki, opaska do rurki, szczoteczka, jałowy żel poślizgowy 5g, całość sterylna, pakowana na podwójnej tacy z serwetą. Rozmiary: 7mm, 8mm i 9mm","szt",40]
["6.","Uzupełniający zestaw do przezskórnej tracheotomii metodą Griggsa, bez peana, zawierający skalpel, kaniulę z igłą i strzykawką do identyfikacji tchawicy, prowadnicę Seldingera, rozszerzadło oraz rurkę tracheostomijną z mankietem niskociśnieniowym, posiadającą sztywny samoblokujący się mandryn z otworem na prowadnicę Seldingera. Pakowany na jednej, sztywnej tacy umożliwiającej szybkie otwarcie zestawu.","szt",50]
["7.","Zestawy jednorazowe do pompy objętościowej AffMark przezroczyste","szt",500]
["8.","Zestawy jednorazowe do pompy objętościowej AffMark bursztynowe","szt",100]
["9.","Rurka intubacyjna z mankietem zwężającym się ku dołowi, otwór usytuowany tuż nad mankietem pozwalający na odessanie wydzieliny, wbudowany w ściankę rurki przewód do odsysania niezmniejszający jej wewnętrznego świata z przymocowanym kapturkiem w jaskrawym kolorze, z otworem Murphy’ego, o wygładzonych wszystkich krawędziach wewnątrztchawiczych, z gładkim połączeniem mankietu z rurką, balonik kontrolny wskazujący na stan wypełnienia mankietu (płaski przed wypełnieniem) z oznaczeniem nazwy producenta, średnicy rurki i mankietu oraz rodzaju mankietu, przewód łączący balonik kontrolny w innym kolorze niż korpus rurki, dodatkowe oznaczenie rozmiaru na korpusie rurki w miejscu widocznym po zaintubowaniu jak i na łączniku, linia Rtg na całej długości rurki, skala centymetrowa podana na korpusie rurki pomagająca określić głębokość intubacji wraz z oznaczeniem poziomu strun głosowych, sterylna, jednorazowa.Rozmiary od 6,0 do 9,0 mm co 0,5 mm.","szt",10]
["10.","Igła Hubera z drenem do długich przetoczeń, z odpinanym uchwytem do wkłucia i miękką poduszką do pacjenta. Wyposażona w zacisk na drenie, przezroczysta -  umożliwiająca obserwację skóry pacjenta nad komorą portu. Rozmiary 19-22Ga, długość 19-32mm\n","szt",1000]
["11.","Bezpieczny zestaw do punkcji opłucnej ( dedykowany również do punkcji osierdzia i otrzewnej) składający się z igły Veressa ograniczającej ryzyko omyłkowego nakłucia płuca ( poprzez sygnalizację za pomocą zielonego wskaźnika) cewnika wykonanego z poliuretanu, widocznego w rtg, z możliwością utrzymania w pacjencie do 29 dni, dostępnego w dwóch rozmiarach 9Ch i 12Ch, zkończonego ukłądem z automatycznymi zastawkami jednokierunkowymi ( bez konieczności regulacji przepływu za pomocą kraników) posiadający możliwość przełączenia w tryb drenażu z pominięciem zastawek, strzykawki luer lock 60 ml, worka do drenażu 2000 ml z kranikiem spustowym, skalpela do nacięcia skóry z zstrzaskowym zabepieczeniem ostrza przed zakłuciem oraz łącznika do systemu drenażowego, posiadający dodatkowo linię do prezdłużenia cewnika o dł. 50 cm montowną pomiędzy ukóładem zastawek, a cewnikiem, zacisk nożyczkowy i komplet mocowań cewnika do skóry pacjenta","szt",50]
["12.","Rurka tracheostomijna z regulowanym położeniem kołnierza, posiadająca element umożliwiający przesuwanie kołnierza wzdłuż i wokół osi rurki, wykonana z czystego silikonu, zbrojona, z mankietem typu TTS (gładko przylegającym przed wypełnieniem), centymetrowe znaczniki głębokości, oznaczenie na kołnierzu średnicy wew. i zew. długości, rodzaju i średnicy mankietu, samoblokujący się mandryn z otworem na prowadnicę Seldingera, łącznik 15mm, w zestawie z opaska do mocowania, sterylna, rozmiary:\nŚr. wew. (mm) / Śr. zew. (mm) / Długość (mm)\n6,0 / 8,7 / 110\n7,0 / 10,0 / 120\n8,0 / 11,0 / 130\n9,0 / 12,3 / 140\n","szt",20]
["13.","Wyskalowana, zbrojona rurka tracheostomijna z mankietem niskociśnieniowym z balonikiem kontrolnym wyraźnie wskazującym na wypełnienie mankietu (płaski przed wypełnieniem) posiadający oznaczenia rozmiaru rurki oraz rodzaju i średnicy mankietu, wykonana z termoplastycznego PCW, zbrojona drutem na całej długości, z elastycznym, przezroczystym regulowanym kołnierzem z zaciskiem utrzymującym właściwą pozycję, z oznaczeniem rozmiaru na giętkich skrzydełkach, w zestawie: samoblokujący się mandryn z otworem na prowadnicę Seldingera, cienkościenna elastyczna kaniula z PTFE, prowadnica Seldingera, gąbka do czyszczenia kaniuli, miękka opaska mocująca i klin do rozłączania układu oddechowego, rozmiary: 7,0, 8,0, 9,0",null,20]
[]
[]
[null,"Wartość netto:"]
[null,"Wartość brutto :"]
[null,"Warunki płatności: przelew"]

{"sheet":"Pakiet 27","index":26,"n_rows":34,"n_cols":11,"rows_kept":34,"merged":[[31,4,31,5],[32,4,32,5],[33,4,33,5]]}
[null," Pakiet nr 27 "]
[]
[{"$nulls":4},"Cena jed. ","Stawka","Cena jed. ",null,"Wartość","Nr Atestu","Nr katalogowy/"]
["Lp","Nazwa artykułu","Jm","Ilość","netto","VAT","brutto ","Wartość netto","brutto           ","data ważności","Producent sprzętu"]
["3.","Zestaw drenów odprowadzających wodę do nawlżacza w inkubatorze Caleo, jednorazowego użytku, zaopatrzone w nakłuwacz do butelek, w zaciskacz kontrolujący przepływ oraz złącze kompatybilne z króćcem systemu nawilżania w inkubatorze Caleo a 20 szt","op",50]
["4.","Jednorazowy układ oddechowy kompatybilny z respiratorem Babylog 8000 plus oraz VN500-kompatybilność potwierdzona stosownym certyfikatem.Wyposażony w jednorazową komorę nawilżacza o poj. 130 ml ze zintegrowanym drenem dozującym, komora wykonana z PC, SBC, silikon i aluminium.Ogrzewane ramię wdechowe, gniazdo grzałki kompatybilne z nawilczaczami F&P, przedłużenie ramienia wdechowego, pułapka wodna w ramieniu wydechowym, poj. 55 ml, wykonana z PP, Y pacjenta z portem ssaka , wykonany SBC, rury przystosowaned do pracy w systemie BabyFlow, końcówki ( od strony respiratora) rury wdechowej /wydechowej rozmiar 15M/10F, całkowita długośc układu 120 cm, bezlateksowy, pełny układ oddechowy wraz z komorą nawilżacza pakowany w samodzielne op. foliowe, mikrobiologicznie czysty","szt",10]
["5.","Uszczelki otworów na przewody podwójne, wsuwane w ścianki inkubatora Caleo","szt",20]
["6.","Uszczelki otworów na przewody w ściankach bocznych Caleo, silikonowe","szt",20]
["7.","Czujnik temperatury centralnej, dla poj. pacjenta , kompatybilny do inkubatora Caleo","szt",2]
["8.","Czujnik temperatury obwodowej dla poj. pacjenta , kompatybilny do inkubatora Caleo","szt",2]
["9.","Halogenowa żarówka białego światła terapeutycznego, kompatybilna z inkubatorem Babytherm 8004","szt",10]
["12.","Filtr powietrza wlotowego kompatybilny z inkubatorem Caleo","szt",1]
["13.","Okrągłe palsterki odblaskowe z hydrożelem do mocowania czujników temperatury skóry w inkubatorach zamkniętych i otwartych","szt",1]
["14.","Wapno sodowane w postaci białych półsferycznych granulek/peletów identycznych kształtów i rozmiarów, o śr. 4 mm i wysokości 2mm, pozwalające na dokładne wypełnienie pojemnika i wysoką absorbcję CO2 min. 178 l CO2/1 l wapna, posiadające wskaxnik zuzycia ( zmiana koloru z białego na błękitno fioletowy), zawierające w składzie: 78-84% Ca (OH)2, 2-4% NaOH, 14-18% H2O, Fiolet etylowy. Charakteryzujące się brakiem zawartości wodorotlenku potasu , wysoką odpornością na transport, zawierające tym samym min. ilość pyłu-0,66%. Opakowanie 5 litrowe kanistry.","op",35]
["15.","Karbowane, wewnętrznie gładkie, mikrobiologicznie czyste przedłużacze lekkie i elastyczne, o dł. 15 cm, zaopatrzone w podwójnie obrotowy łącznik kątowy z portami przystosowanym do odsysania oraz do bronchofiberoskopu. Podwójny kapturek zabezpieczający porty utrzymuje PEEP podczas odsysania lub bronchoskopii. Końcówka od strony pacjenta zaopatrzona w czerwony kapturek utrzymujący element zamknięty, aż do momentu podłączenia go do pacjenta. Złącze 22F/15M po stronie urządzenia, po stronie pacjenta złącze standardowe dla bezpiecznego podłączenia innych akcesoriów. Wykonane bez zastosowania PVC w komponentach, pozbawione DEHP","szt",2500]
["16.","Czujnik saturacji jednorazowego użytku w technologii Masimo LNCS z plastrem mocującym, przeznaczony dla noworodków, zalecenia wagowe < 10 kg., czujnik pozbawiony lateksu, opakowanie zbiorcze 20 szt., kompatybilny z modułem pomiarowym przy kardiomonitorze typu Delta. ","szt",1]
["17.","Jednorazowy zestaw oddechowy  dla dorosyłych z wymiennikami HME składający się z przewodów oddechowych i trójnika. Zestaw komptybilny z respiratorem  firmy Drager Savina 300","szt",200]
["18.","Filtr jednorazowego użytku, do ssaków mocowanych przy aparatach typu Fabius, Primus, o skuteczności filtracji bakteryjno-wirusowej na poziomie 99,999%, metoda filtracji hydrofobowa typu Hepa, filtr zbudowany z akrylu w kształcie dwustronnego stożka, czas użytkowania do 7 dni","szt",20]
["19.","Dren połączeniowy, wielorazowego użytku, do pomiaru NIBP , dł. do 4m, kompatybilny z monitorami typu Delta, Gamma, dren wyposażony w tzw. łamane złącze w kształcie tulipana, pozwalające na połączenie jednożyłowych mankietów pomiarowych","szt",3]
["20.","Mankiet jednorazowego użytku w rozmiarze M (23-33cm/33cm) do pomiaru NIBP, wykonany z poliuretanu i weluru, bez  dodatku silikonu, lateksu, PCV, bez zawartości DEHP, drern połączeniowy wykonany z TPE zakończony tzw. łamanym złączem w kształcie tulipana, pozwalającym na połączenie mankietów z drenem. Mankiet wyposażony w klejone rzepy oraz niezbędne oznaczenia ułątwiające pomiar","szt",1]
["21.","Mankiet jednorazowego użytku w rozmiarze M+ (23-33cm/43cm) do pomiaru NIBP, wykonany z poliuretanu i weluru, bez  dodatku silikonu, lateksu, PCV, bez zawartości DEHP, drern połączeniowy wykonany z TPE zakończony tzw. łamanym złączem w kształcie tulipana, pozwalającym na połączenie mankietów z drenem. Mankiet wyposażony w klejone rzepy oraz niezbędne oznaczenia ułątwiające pomiar","szt",1]
["22.","Czujnik przepływu Infinity ID, działający w technologii anometrii cieplnej, wielorazowego użytku, przeznaczony do dezynfekcji.","szt",1]
["23.","Filtr hydrofobowy jednorazowego użytku, antybakteryjny i antywirusowy, przeznaczony do zbiornika ssaka o pojemności 40ml, kompatybilny z inkubatorem typu Resuscitaire (potwiedzone certyfikatem)","szt",1]
["24.","Przedłużacz SpO2 kompatybilny z modułami wieloparametrycznymi typu Multimed 5,6,12 i Neomed, dł. Do 2m, zakończony wtykiem typu kostka, umożliwiającym podłączenie czujnika SpO2","szt",5]
["25.","Przewód EKG w standardzie UE, 3 odprowadzenia typu grabber, dł. 1m, zakończony wtykiem 2-pinowym, kompatybilny z modułami wieloparametrycznymi typu Multimed 5, 6, 12 i Neomed","szt",3]
["26.","Silikonowe maski anestetyczne wielorazowego użytku, posiadające elastyczny, miękki i przezroczysty korpus ułatwiający obserwację pacjenta, anatomiczny kształt pozwalający na stabilny uchwyt oraz oparcie na kciuk. Maski wyposażone w mankiet uszczelniający w postaci łatwego do czyszczenia elementu rynnowgo, zapewniającego wysoką szczelność przy jednoczesnym utrzymaniu komfortu pacjenta. Wykonana z wysokiej klasy silikonu, odpornego na uszkodzenia podczas wielokrotnych procesów dekontaminacji, bez zawaartośći lateksu oraz DEHP, wyposażona w łącza 22MM, możliwość sterylizacji w autoklawie w temp. 134st. C. Rozmiary od 00 do 5.","szt",50]
["27.","Akumulator do kardiomonitora typu Delta","szt",2]
["28.","Kuweta jednorazowego użytku, przeznaczona dla\nosób dorosłych, transparentna, materiał SBC,\nwymiary 56 mm x 24 mm x 22,5 mm, rzeczywista\nobjętość wewnętrzna 4,3 cm3, kompatybilna\nz czujnikiem do pomiaru CO2 w strumieniu głównym\nwspółpracującym np. z Evitą, V500, VN500, M540,\nOxylog.","szt",100]
["29.","Kuweta jednorazowego użytku, przeznaczona dla\ndzieci, kolor niebieski, materiał SBC, wymiary 56\nmm x 24 mm x 22,5 mm, rzeczywista objętość\nwewnętrzna 1,9 cm3, kompatybilna z czujnikiem do\npomiaru CO2 w strumieniu głównym\nwspółpracującym np. z Evitą, V500, VN500, M540,\nOxylog.","szt",30]
["30.","Zestaw oddechowy kompatybilny z respiratorem typu Carina skąłdający się z karbowanej rury o dl. 1,5 m i sr. 22 mm, zintegrowanej zastawki wydechowej i drenu pomiarowego o dl. 1,5 m, dren pomiarowy mocowany trzema zaczepami na przebiegu rury, zestaw nie zawiera lateksu, złącza usztywnione, wejście od strony pacjenta zabepieczone kapturkiem","szt",100]
[]
[null,"Wartość netto :"]
[null,"Wartość brutto :"]
[null,"Warunki płatności (podać w dniach) "]

{"sheet":"Pakiet 28","index":27,"n_rows":23,"n_cols":11,"rows_kept":23,"merged":[[20,4,20,5],[21,4,21,5],[22,4,22,5]]}
[null," Pakiet nr 28 "]
[]
[{"$nulls":4},"Cena jed. ","Stawka","Cena jed. ",null,"Wartość","Nr Atestu","Nr katalogowy/"]
["Lp","Nazwa artykułu","Jm","Ilość","netto","VAT","brutto ","Wartość netto","brutto           ","data ważności","Producent sprzętu"]
["1.","Elektrody EDGE , system ze złączem QUICK-COMBO stymulacja/defibrylacja/EKG do defibrylatora Lifepack 15,20 i 12 dla dorosłych i dzieci- kpl a 2 szt","op",100]
["2.","Czujniki na rurkę do CO2 ( kapnometr) dla dzieci  do defibrylatora Lifepack 15","szt",50]
["3.","Czujniki do nosa  do CO2 ( kapnometr) dla dzieci  do defibrylatora Lifepack 15","szt",50]
["4.","Czujniki na rurkę do CO2 ( kapnometr) dla dorosłych  do defibrylatora Lifepack 15","szt",100]
["5.","Czujniki do nosa do CO2 ( kapnometr) dla dorosłych  do defibrylatora Lifepack 15","szt",100]
["6.","Ssawka 1x użytku do urzadzenia do masażu serca Lucas-2","szt",24]
["7.","Wielorazowy czujnik typu Masimo SET M-LNCS DCI dla dorosłych. Dla pacjentów o masie >30kg","szt",20]
["8.","Wielorazowy pediatryczny czujnik typu Masimo SET M-LNCS DCI pediatryczny. Dla pacjentów o masie 10-50kg","szt",10]
["9.","Wielorazowy czujnik typu Masimo RAINBOW dla dorosłych. Podłączany do przedłużacza. Przewód o długości 90 cm. Dla pacjentów o masie >30kg","szt",5]
["10.","Wielorazowy czujnik typu Masimo RAINBOW pediatryczny. Podłączany do przedłużacza. Przewód o długości 90 cm. Dla pacjentów o masie 10-50 kg","szt",3]
["11.","Przedłużacz do czujnika SpO2 - typ Masimo SET RC (do Rainbow i M-LNCS) (długość 120cm)","szt",15]
["12.","wiązka 6-żyłowa do 12-odpr. EKG do LIFEPAK 12, 15","szt",10]
["13.","kabel główny zintegrowany z wiązką 4-żyłową do 12-odpr. EKG do LIFEPAK 12, 15","szt",10]
[]
[]
[]
[null,"Wartość netto :"]
[null,"Wartość brutto :"]
[null,"Warunki płatności (podać w dniach) "]

{"sheet":"Pakiet 29","index":28,"n_rows":13,"n_cols":11,"rows_kept":13}
[null," Pakiet nr 29 "]
[]
[{"$nulls":4},"Cena jed. ","Stawka","Cena jed. ",null,"Wartość","Nr Atestu","Nr katalogowy/"]
["Lp","Nazwa artykułu","Jm","Ilość","netto","VAT","brutto ","Wartość netto","brutto           ","data ważności","Producent sprzętu"]
["1.","Zestaw do przezskórnej endoskopowej gastrostomii w wersji „Push” i „Pull”, w rozmiarach 20 Fr, 24Fr , wykonany z silikonu, z możliwością usunięcia zestawu przezskórnie  (bez konieczności wykonywania endoskopii), zestaw wyposażony w port typu „Y” z niezależnymi portami do odżywiania i podawania leków, z klamrą pozwalającą na szczelne zamknięcie drenu. Zestaw zawiera:\ndren PEG, igłę z mandrynem, pętlę do przeciągania drutu, drut do przeciągania drenu PEG, skalpel, obłożenie z otworem, komplet gazików z otworem, 2 zewnętrzne nasadki zabezpieczające dren, PEG, nożyczki i ergonomiczny, zagięty pean.","szt.",30]
["2.","Zestaw do opaskowania żylaków przełyku,  zawierający 4, 6 lub 10 opasek wykonanych z lateksu. Przezroczysta nasadka Opti-Vu posiada pleciony sznur zapadkowy oraz wpuszczone    w niego gumki co zapewnia maksymalną widoczność przy zachowaniu ssania. Wyposażony w złącze do irygacji podłączane do głowicy. Zestaw z mechaniczną sygnalizacją momentu uwalniania podwiązki. Wyraźny sygnał gdy pozostała do rozmieszczenia ostatnia gumka; przedostatnia opaska w innym kolorze. Przystosowany do współpracy z endoskopami o średnicy 9.5-11.5mm, 9.5-13mm, 11-14mm . Gotowy do bezpośredniego zakładania","szt.",20]
["3.","Igła do biopsji pod kontrolą endoultrosonografii EUS-FNA. Dostępnośc igieł w min. 3 rozm. 25G, 22G i 19G.","szt.",10]
["4.","Igła używana do neurolizy splotu trzewnego pod kontrolą endoskopu ultrasonograficznego. Rozmiar igły 20 Gage, rozmiar koszulki 6Fr, nastawne przedłużenie igły 0-8 cm, minimalny kanał dostępowy 2,4 mm.","szt.",8]
[]
[]
[null,"Wartość netto:"]
[null,"Wartość brutto :"]
[null,"Warunki płatności (podać w dniach) "]

{"sheet":"Pakiet 30","index":29,"n_rows":19,"n_cols":11,"rows_kept":19,"merged":[[16,3,16,4],[17,3,17,4],[18,3,18,4]]}
[null," Pakiet nr 30 "]
[]
[{"$nulls":4},"Cena jed. ","Stawka","Cena jed. ",null,"Wartość","Nr Atestu","Nr katalogowy/"]
["Lp","Nazwa artykułu","Jm","Ilość","netto","VAT","brutto ","Wartość netto","brutto           ","data ważności","Producent sprzętu"]
["1.","Elektrody neutralna, jednorazowego użytku, dla pacjentów o wadze powyżej 5 kg, z pierścieniem wyrównującym potencjał , o powierzchni czynnej 90 cm2 +/- 10%. Elektroda wykonane na podłożu z z wodoodpornej elastycznej pianki , powierzchnia przewodzaca pokryta hydrożelem absobującycm wilgoć, powierzchnia pianki pokryta klejem absorbującym wilgoć. Klej i hydrożel przyjazny dla skóry.,kompatybilne z aparatem ERBE VIO 300","szt",3000]
["2.","Bezlateksowy czyścik elektrod samoprzylepny, jednorazowego użytku, pakowany sterylnie,  wymiary 4,2cm x 0,5cm x 4,2cm / opakowanie 50 szt.","szt.",1000]
["3.","Penseta bipolarna prosta długość 200 - 225mm , końcówki 9x1mm proste lub zagięte , wyonane ze stopów minimalizujących przywieranie tkaniek, złacze płaskie ( typ europejski), część chwytowa okrągła umożliwiające ergonomiczną i precyzyjną pracę.","szt.",4]
["4.","Kabel przyłączeniowy do penset bipolarnych długość 4,5 m złacze od strony narzędzia płaskie (typ europejski) , od strony aparatu kompatybilne z diatermią ERBE VIO 300","szt ",10]
["5.","Kabel do elektrod biernych o długości ok. 4-5 m, z wtykiem kompatybilnym z aparatem ERBE VIO 300","szt",40]
["6.","Wielorazowy uchwyt elektrod monopolarnych z dwoma przyciskami ( cięcie, koagulacja), gniazdo elektrody o śr. 4 mm i długości min. 15 mm, kabel o długości 4,5 m, zakończony wtyczką kompatybilną z aparatem firmy Erbe. Uchwyt powinien mieć gwarancję wykonania min. 200 zabiegów.","szt",20]
["7.","Elektrody nożowa, wielorazowego użytku fi 2,4-4,00 mm, dł. Od 40-150 mm kompatybilna z uchwytem z poz. 3","szt",40]
["8.","Elektroda z kulką, wielorazowego użytku fi 4,00 mm, kompatybilna z uchwytem z poz. 3","szt",5]
["9.","Penseta bipolarna od 110-300 mm prosta-zagięta","szt",10]
["10.","Penseta monopolarna prosta-zagieta 195-250  mm","szt",10]
["11.","Przedłużki elektrod","szt",10]
[]
[null,"Wartość netto:"]
[null,"Wartość brutto :"]
[null,"Warunki płatności (podać w dniach) "]

{"sheet":"Pakiet 31","index":30,"n_rows":13,"n_cols":11,"rows_kept":13}
[null," Pakiet nr 31 "]
[]
[{"$nulls":4},"Cena jed. ","Stawka","Cena jed. ",null,"Wartość","Nr Atestu","Nr katalogowy/"]
["Lp","Nazwa artykułu","Jm","Ilość","netto","VAT","brutto ","Wartość netto","brutto           ","data ważności","Producent sprzętu"]
["1.","Pediatryczne automatycznie wkłucie doszpikowe dla dzieci w wieku od 3 do\n12 lat.\n- sterylne;\n- gotowe do natychmiastowego użycia;\n- igła znajduje się w osłonie;\n- brak zewnętrznego źródła zasilania lub baterii;\n- bezpieczne i łatwe w użyciu;\n- niewielki rozmiar i waga (poniżej 100g)\n- dostęp naczyniowy w 10 sekund;\n- 5- letni termin przydatności do użytku.\n","szt",10,{"v":396,"d":"396.00 zł"},{"v":0.08,"d":"8%"},{"v":427.68,"d":"427.68 zł"},{"v":3960,"d":"3,960.00 zł"},{"v":4276.8,"d":"4,276.80 zł"},"min. 12 miesięcy","WS NIO-P /WaisMed Ltd."]
["2.","Automatyczne wkłucie doszpikowe, sterylne oraz jednorazowe dla dorosłych i\ndzieci powyżej 12 roku życia.\nAutomatyczne wkłucie doszpikowe NIO dedykowane jest dla pacjentów, u których\nzałożenie obwodowego dostępu dożylnego jest utrudnione bądź niemożliwe. NIO\nautomatyczne jest wkłuciem doszpikowym przeznaczonym do użycia przez\nratunkowe zespoły medyczne w każdych warunkach. W tracie działań\nprzedszpitalnych, jak i wewnątrz szpitalnych.\nW opakowaniu znajduje się wkłucie gotowe do użytku.\nRekomendowane miejsca wkłuć:\n- 1-2 cm przyśrodkowej i 1 cm proksymalnie w stosunku do guzowatości\npiszczelowej;\n- głowa kości ramiennej.\n","szt",20,{"v":396,"d":"396.00 zł"},{"v":0.08,"d":"8%"},{"v":427.68,"d":"427.68 zł"},{"v":7920,"d":"7,920.00 zł"},{"v":8553.6,"d":"8,553.60 zł"},"min. 12 miesięcy","WS NIO-A /WaisMed Ltd."]
["3.","Złącze oodechowe 1x użytku do kapnometru EMMA dla dorosłych i dzieci powyżej 1 roku życia","szt",200,{"v":80,"d":"80.00 zł"},{"v":0.08,"d":"8%"},{"v":86.4,"d":"86.40 zł"},{"v":16000,"d":"16,000.00 zł"},{"v":17280,"d":"17,280.00 zł"},"min. 12 miesięcy","MAS 17448/ Masimo Sweden AB"]
["4.","Przewód pacjenta z zastawką jednorazowego użytku do respiratorów  Medumat Basic, Medumat Easy, Standard 2- firmy Weinmann. Długość 2 m. - zgodnie z odpowiedziami z dnia 03.03.2022 r. ","szt",100,{"v":120,"d":"120.00 zł"},{"v":0.08,"d":"8%"},{"v":129.6,"d":"129.60 zł"},{"v":12000,"d":"12,000.00 zł"},{"v":12960,"d":"12,960.00 zł"},"min. 12 miesięcy","WM 28110 /WEINMANN Emergency Medical Technology GmbH + Co. KG"]
["5.","Przewód pacjenta z zastawką jednorazowego użytku do respiratorów Medumat Standard 2 firmy Weinmann. Długość 2 m.","szt",50,{"v":145,"d":"145.00 zł"},{"v":0.08,"d":"8%"},{"v":156.6,"d":"156.60 zł"},{"v":7250,"d":"7,250.00 zł"},{"v":7830,"d":"7,830.00 zł"},"min. 12 miesięcy","WM 28865 /WEINMANN Emergency Medical Technology GmbH + Co. KG"]
[]
[null,"Wartość netto: 47 130,00 zł"]
[null,"Wartość brutto : 50 900,40 zł"]
[null,"Warunki płatności 60 dni"]

{"sheet":"Pakiet 32","index":31,"n_rows":17,"n_cols":11,"rows_kept":17,"merged":[[14,4,14,5],[15,4,15,5],[16,4,16,5]]}
[null," Pakiet nr 32 "]
[]
[{"$nulls":4},"Cena jed. ","Stawka","Cena jed. ",null,"Wartość","Nr Atestu","Nr katalogowy/"]
["Lp","Nazwa artykułu","Jm","Ilość","netto","VAT","brutto ","Wartość netto","brutto           ","data ważności","Producent sprzętu"]
[1,"Pojemnik na materiały medyczne 2 L czerwone","szt",5000]
[2,"Pojemnik na materiały medyczne 3,5 L czerwone","szt",1300]
[3,"Pojemnik na materiały medyczne 5 L czerwone","szt",1500]
[4,"Pojemnik na materiały medyczne 10 L czerwone","szt",3000]
[5,"Pojemnik na materiały medyczne 0,7l wysokość z pokrywą 12 cm czerwone","szt",400]
[6,"Pojemnik na materiały medyczne 2 L żółte","szt",200]
[7,"Pojemnik na materiały medyczne 10 L żółte","szt",300]
[8,"Pojemnik na materiały medyczne 0,75 l prostokątne, czerwone","szt",1000]
[]
[]
[null,"Wartość netto:"]
[null,"Wartość brutto :"]
[null,"Warunki płatności (podać w dniach)"]

{"sheet":"Pakiet 33","index":32,"n_rows":11,"n_cols":11,"rows_kept":11,"merged":[[8,4,8,5],[9,4,9,5],[10,4,10,5]]}
[null," Pakiet nr 33"]
[]
[{"$nulls":4},"Cena jed. ","Stawka","Cena jed. ",null,"Wartość","Nr Atestu","Nr katalogowy/"]
["Lp","Nazwa artykułu","Jm","Ilość","netto","VAT","brutto ","Wartość netto","brutto           ","data ważności","Producent sprzętu"]
[1,"Zestaw z przetwornikiem pojedynczym do inwazyjnego pomiaru ciśnienia wyposażony w linię pomiarową 150 cm, przetwornik ze zintegrowanym systemem płuczącym 3 ml/h z 2x możliwością przepłukiwania. Systemm wypełniania linii pomiarowej wyposażony w zakrzywioną igłę zapobiegającą zapowietrzaniu się systemu pomiarowego. Zestaw wyposązony w koreczek tłumiący zamknięty zabezpieczający system pomiarowy przed przypadkową kontyminacją. Zestaw dający zapis ciśnienia z dokładnością odwzorowania na poziomie <5% błędu pomiarowego dla całej linii pomiarowej potwierdzony przeprowadzonym testem w fazie produkcyjnej. Zestaw komptatybilny z monitorem Pilips poprzez kabel typu PMSET z okrągłym wtykiem pinowym.","szt",100]
[2,"Pojedynczy przetwornik do pomiaru ciśnienia metodą inwazyjną, ze zintegrowaną membraną do pobierania krwi -  pojedyncza linia pomiarowa w kolorze czerwonym (linia tętnicza) o łącznej długości min. 190 cm z minimalną przestrzenią zalegania, ze zintegrowaną komorą do pobierania krwi -  komora współpracująca z każdym systemem bez dodatkowego oprzyrządowania oraz strzykawkami typu Luer -  przetwornik ze zintegrowanym systemem płuczącym max. 3 ml/h, strzykawka do aspiracji krwi tętniczej o pojemności 2,5 ml, z silikonową osłoną, zabezpieczającą tłok przed przypadkową kontaminacją - zestaw wyposażony w koreczek tłumiący, zamknięty, który zabezpiecza system pomiarowy przed przypadkową kontaminacją w trakcie pomiaru ciśnień, a podczas zerowania i kalibracji zapobiega przypadkowemu zdjęciu i rozszczelnieniu systemu pomiarowego poprzez wewnętrzny kołnierz zabezpieczający - zestaw wyposażony w aparat kroplówkowy 150 cm z zakrzywioną igłą w zbiorniku wyrównawczym zapobiegający zapowietrzaniu się systemu pomiarowego.","szt",50]
[]
[]
[null,"Wartość netto:"]
[null,"Wartość brutto :"]
[null,"Warunki płatności (podać w dniach)"]

{"sheet":"Pakiet 34","index":33,"n_rows":12,"n_cols":11,"rows_kept":12,"merged":[[9,4,9,5],[10,4,10,5],[11,4,11,5]]}
[null," Pakiet nr 34 "]
[]
[{"$nulls":4},"Cena jed. ","Stawka","Cena jed. ",null,"Wartość","Nr Atestu","Nr katalogowy/"]
["Lp","Nazwa artykułu","Jm","Ilość","netto","VAT","brutto ","Wartość netto","brutto           ","data ważności","Producent sprzętu"]
["1.","Port naczyniowy w kształcie delty wykonany z polisulfonu z komorą tytanową, wysokość portu 10,6mm, waga portu 4,7g, membrana silikonowa o średnicy 9,5 mm, komora o objętości 0,25 ml. \n- do prowadzenia długotrwałej chemoterapii, z możliwością pobierania krwi, podawania leków i żywienia pozajelitowego, posiadający membranę umożliwiającą do 3000 wkłuć\n- niewykluczający wykonywania badań TK i MR, z możliwością wspomaganego podawania kontrastu do w/w badań do 325psi\n- membrana obniżona względem obrzeża portu w celu ułatwienia jej lokalizacji\n- niepodłączony trwale do portu cewnik silikonowy 8,5F o wymiarach: średnica wewnętrzna 1,1mm średnica zewnętrzna 2,8mm, długość 800mm, z jednej strony zakończony bezigłowym łącznikiem Luer, z drugiej strony o zaokrąglonym, atraumatycznym zakończeniu\nZestaw akcesoriów wprowadzających:\n- strzykawka 10ml\n- igła Seldingera 18G\n- dwie igły proste G22x30 do przepłukania portu\n- drut prowadnik J w podajniku\n- dwa łączniki z zabezpieczeniem przeciw załamaniu się cewnika\n- rozszerzacz naczynia z osłonką rozrywalną\n- tunelizator o tępych zakończeniach\n- igłą ze skrzydełkami, drenem oraz zaciskiem G20x20mm\nKażdy port posiada instrukcję w jęz. polskim oraz kartę pacjenta umożliwiającą identyfikację portu.\n                                        ","szt",50]
["2.","Port naczyniowy w kształcie delty wykonany z polisulfonu z komorą tytanową, wysokość 13,2mm, waga portu 9g, membrana silikonowa o średnicy 12mm, komora o objętości 0,5 ml. \n- do prowadzenia długotrwałej chemoterapii, z możliwością pobierania krwi, podawania leków i żywienia pozajelitowego, posiadający membranę umożliwiającą do 3000 wkłuć\n- niewykluczający wykonywania badań TK i MR, z możliwością wspomaganego podawania kontrastu do w/w badań do 325psi\n- membrana obniżona względem obrzeża portu w celu ułatwienia jej lokalizacji\n- niepodłączony trwale do portu cewnik silikonowy 8,5F o wymiarach: średnica wewnętrzna 1,1mm średnica zewnętrzna 2,8mm, długość 800mm, z jednej strony zakończony bezigłowym łącznikiem Luer, z drugiej strony o zaokrąglonym, atraumatycznym zakończeniu\nZestaw akcesoriów wprowadzających:\n- strzykawka 10ml\n- igła Seldingera 18G\n- dwie igły proste G22x30 do przepłukania portu\n- drut prowadnik J w podajniku\n- dwa łączniki z zabezpieczeniem przeciw załamaniu się cewnika\n- rozszerzacz naczynia z osłonką rozrywalną\n- tunelizator o tępych zakończeniach\n- igłą ze skrzydełkami, drenem oraz zaciskiem G20x20mm\nKażdy port posiada instrukcję w jęz. polskim oraz kartę pacjenta umożliwiającą identyfikację portu.                                                                   ","szt",20]
["3.","Zestaw wprowadzający składający się z:\n• igły Seldingera widoczna w USG G18 1,3x70mm\n• strzykawka luer slip 10ml\n• drut prowadnik J 70cm 0,035\n• osłona USG 13x122cm\n• książeczka obserwacji portu naczyniowego\nIgła Seldingera oraz drut prowadnik muszą być tego samego producenta co porty z poz. 1 i 2.\n\n","szt",50]
["4.","Zestaw do usuwania portu skłądający się z : miska 28x25x5cm, miska 14x12x5 cm,skalpel bezpieczny fig.11, kleszczyki Mosquito proste, metalowe, igłotrzymacz Mayo Hegar 12 cm, metalowy, pęseta chirurgiczna 14-15 cm, hak do ran Roux 17 cm, nożyczki Metzenbaum 18 cm, wygięte z osłonką na ostrze, strzykawka 3 częściowa 20 ml, Luer Lock, igła 0,70x40mm, 22G, igła 1,2x40mm, 18 G, kompres 7,5x7,5 cm, 8 warstw, nić wchłanialna po 56 dniach , monifilament 3/0 70 cm z igłą odwrotnie tnącą 24 mm 3/8 koła, opatrunek pooperacyjny, paraprzepuszczalny 9x10 cm, fartuch rozmiar L, rekawiczki operacyjne rozm. 7, chusta 75x90 cm, samoprzylepna 3 sztuki, chusta 100x150 cm, miska 150 ml, rękawiczki operacyjne rozmiar 8-9 x 2 pary, gazik rozm. śliwki x 4, kleszczyki do gazikówwygięte 20 cm","kpl",4]
[]
[null,"Wartość netto:"]
[null,"Wartość brutto :"]
[null,"Warunki płatności (podać w dniach)"]

{"sheet":"Pakiet 35","index":34,"n_rows":13,"n_cols":11,"rows_kept":13,"merged":[[11,4,11,5],[12,4,12,5]]}
[null," Pakiet nr 35 "]
[]
[{"$nulls":4},"Cena jed. ","Stawka","Cena jed. ",null,"Wartość","Nr Atestu","Nr katalogowy/"]
["Lp","Nazwa artykułu","Jm","Ilość","netto","VAT","brutto ","Wartość netto","brutto           ","data ważności","Producent sprzętu"]
[1,"Butelka do ssaka z czerwoną pokrywką ","szt",200]
[2,"Mankiety noworodkowe rozm.3. 6 -11cm Classic-cuf z końcówką Neo-snap, jednopacjentowe ","szt",200]
[3,"Mankiety noworodkowe rozm. 4. 7 - 13cm Classic-cuf z końcówką Neo-Snap, jednopacjentowe ","szt",200]
[4,"Przewód interfejsowy ciśnienia Neo-Snap 3,6m","szt",6]
[]
[]
[null,"Wartość netto:"]
[null,"Wartość brutto :"]
[null,"Warunki płatności (podać w dniach)"]

{"sheet":"Pakiet 36","index":35,"n_rows":14,"n_cols":11,"rows_kept":14,"merged":[[11,4,11,5],[12,4,12,5],[13,4,13,5]]}
[null," Pakiet nr 36 "]
[]
[{"$nulls":4},"Cena jed. ","Stawka","Cena jed. ",null,"Wartość","Nr Atestu","Nr katalogowy/"]
["Lp","Nazwa artykułu","Jm","Ilość","netto","VAT","brutto ","Wartość netto","brutto           ","data ważności","Producent sprzętu"]
["1.","Licznik na igły z blokami pianki, z uchwytem do zdejmowania ostrzy i pojedynczym czarnym magnesem, 10/20, możliwość rozłożeniz na dwie części,  z paskami samoprzylepnymi,  żółte boczne zatrzaski ","szt",10]
["2.","Licznik na igły z paskami pianki, z uchwytem do zdejmowania ostrzy i pojedynczym czarnym magnesem, 15/30, możliwość rozłożenia na dwie części,  z paskami samoprzylepnymi,  żółte boczne zatrzaski ","szt",10]
["3.","Jałowy marker chirurgiczny na bazie fioletu gencjany ","szt",100]
["4.","Rurki ustno gardłowe Guedel, strylne kodowane kolorami rozmiar, 00-40mm, 0-50mm, 1-60mm, 2-70mm, 3-80mm,4-90mm,5-100mm,6-110mm","szt",1000]
["5.","Woda jałowa do tlenoterapii biernej, możliwość stosowania wody przez min 70 dni,  możliwość stosowania u więcej niż jednego pacjenta, potwierdzona oświadczeniem producenta. Pojemność 325ml.","szt",2000]
[]
[]
[null,"Wartość netto:"]
[null,"Wartość brutto :"]
[null,"Warunki płatności (podać w dniach)"]

{"sheet":"Pakiet 37","index":36,"n_rows":12,"n_cols":11,"rows_kept":12,"merged":[[9,4,9,5],[10,4,10,5],[11,4,11,5]]}
[null," Pakiet nr 37 "]
[]
[{"$nulls":4},"Cena jed. ","Stawka","Cena jed. ",null,"Wartość","Nr Atestu","Nr katalogowy/"]
["Lp","Nazwa artykułu","Jm","Ilość","netto","VAT","brutto ","Wartość netto","brutto           ","data ważności","Producent sprzętu"]
["1.","Strzykawka 1 x użytku 2ml z końcówką LUER, czarna czytelna skala odpowiadająca nominalnej pojemności strzykawki, skalowana co 0,1 ml, logo producenta na cylindrze, op. 100szt","op.",500]
["2.","Strzykawka 1 x użytku 5ml z końcówką LUER, czarna czytelna skala odpowiadająca nominalnej pojemności strzykawki, skalowana co 0,1 ml, logo producenta na cylindrze, op. 100szt","op.",600]
["3.","Strzykawka 1 x użytku 10ml z końcówką LUER, czarna czytelna skala odpowiadająca nominalnej pojemności strzykawki, skalowana co 0,5 ml, logo producenta na cylindrze, op. 100szt","op.",{"v":1400,"d":"1,400"}]
["4.","Strzykawka 1 x użytku 20 ml z końcówką LUER, czarna czytelna skala odpowiadająca nominalnej pojemności strzykawki, skalowana co 1ml, logo producenta na cylindrze, op.80szt","op.",{"v":1200,"d":"1,200"}]
[]
[null,"Wartość netto:"]
[null,"Wartość brutto :"]
[null,"Warunki płatności (podać w dniach)"]

{"sheet":"Pakiet 38","index":37,"n_rows":10,"n_cols":11,"rows_kept":10,"merged":[[7,4,7,5],[8,4,8,5],[9,4,9,5]]}
[null," Pakiet nr 38 "]
[]
[{"$nulls":4},"Cena jed. ","Stawka","Cena jed. ",null,"Wartość","Nr Atestu","Nr katalogowy/"]
["Lp","Nazwa artykułu","Jm","Ilość","netto","VAT","brutto ","Wartość netto","brutto           ","data ważności","Producent sprzętu"]
[1,"Żel do USG, zgodny z częstotliwością drgań występujących w różnych aparatach USG,\ncałkowicie wodny roztwór, nie pozostawia zabrudzeń na ubraniach i nie uszkadza głowic i przetworników,  przystosowany  do wszystkich działań w których jest wymagany lepki i kleisty żel, hipoalergiczny, bakteriostatyczny, niewywołujący podrażnień, niezawierający aldehydu mrówkowego,niepowodujący odbarwień głowicy,   pojemnik 5 l. Dopuszczony do głowic USG firmy Mindray i Philips. Typu np. Parker\n","op",50]
[]
[]
[null,"Wartość netto:"]
[null,"Wartość brutto :"]
[null,"Warunki płatności (podać w dniach)"]

{"sheet":"Pakiet 39","index":38,"n_rows":12,"n_cols":11,"rows_kept":12,"merged":[[9,4,9,5],[10,4,10,5],[11,4,11,5]]}
[null," Pakiet nr 39 "]
[]
[{"$nulls":4},"Cena jed. ","Stawka","Cena jed. ",null,"Wartość","Nr Atestu","Nr katalogowy/"]
["Lp","Nazwa artykułu","Jm","Ilość","netto","VAT","brutto ","Wartość netto","brutto           ","data ważności","Producent sprzętu"]
["1.","Igła do znieczuleń zewnątrzoponowych od 20G/90 do 27G/90","szt",500]
["2.","Łącznik urologiczny","szt",100]
["3.","Zestaw do drenażu przeskórnego metodą jednostopniową ( dren Pigtail 9Fx 26 cm)+ igła dwuczęściowa 16G x 29 cm","szt",50]
[]
[]
[null,"Wartość netto:"]
[null,"Wartość brutto :"]
[null,"Warunki płatności (podać w dniach)"]

{"sheet":"Pakiet 40","index":39,"n_rows":10,"n_cols":11,"rows_kept":10,"merged":[[7,4,7,5],[8,4,8,5],[9,4,9,5]]}
[null," Pakiet nr 40 "]
[]
[{"$nulls":4},"Cena jed. ","Stawka","Cena jed. ",null,"Wartość","Nr Atestu","Nr katalogowy/"]
["Lp","Nazwa artykułu","Jm","Ilość","netto","VAT","brutto ","Wartość netto","brutto           ","data ważności","Producent sprzętu"]
[1,"Cewnik dializacyjny silikonowy dwuświatłowy, o grubości 11,5F lub 13,5F długość 150mm, 200mm lub 240mm. W zestawach do implantacji.","szt.",100]
[]
[]
[null,"Wartość netto:"]
[null,"Wartość brutto :"]
[null,"Warunki płatności (podać w dniach)"]

{"sheet":"Pakiet 41","index":40,"n_rows":13,"n_cols":11,"rows_kept":13,"merged":[[10,4,10,5],[11,4,11,5],[12,4,12,5]]}
[null," Pakiet nr 41"]
[]
[{"$nulls":4},"Cena jed. ","Stawka","Cena jed. ",null,"Wartość","Nr Atestu","Nr katalogowy/"]
["Lp","Nazwa artykułu","Jm","Ilość","netto","VAT","brutto ","Wartość netto","brutto           ","data ważności","Producent sprzętu"]
[1,"Strzygarka chirurgiczna, bezprzewodowa, wodoodporna, z nieruchomą głowicą, z możliwością dezynfekcji poprzez pełne zanurzenie w środku dezynfekcyjnym (klasa szczelności IPX7). Strzygarka dostępna z co najmniej 3 różnymi typmi kompatybilnych ostrzy jednorazowych. Strzygarka wyposażona w indukcyjną ładowarkę.","szt",3]
[2,"Ostrze mikrobiologicznie czyste , jednokrotnego użytku, uniwersalne, szerokość ostrza tnącego 31,3 mm, konstrukcja ostrza wyklucza jakiekolwiek uszkodzenie skóry- ostrze tnące nie ma kontaktu ze skórą pacjenta, wolne od lateksu, pakowane indywidualnie w blister i opakowanie zabiorcze","szt",1500]
[3,"Ostrze mikrobiologicznie czyste , jednokrotnego użytku, do włosów grubych (głowa lub inne obszary o grubym owłosieniu), szerokość ostrza tnącego 36,2 mm, konstrukcja ostrza wyklucza jakiekolwiek uszkodzenie skóry- ostrze tnące nie ma kontaktu ze skórą pacjenta, wolne od lateksu, pakowane indywidualnie w blister i opakowanie zabiorcze","szt",200]
[4,"Ostrze mikrobiologicznie czyste , jednokrotnego użytku, do miejsc wrazliwych (obszary intymne i inne wrazliwe częci ciała), szerokość ostrza tnącego 20 mm, konstrukcja ostrza wyklucza jakiekolwiek uszkodzenie skóry- ostrze tnące nie ma kontaktu ze skórą pacjenta, wolne od lateksu, pakowane indywidualnie w blister i opakowanie zabiorcze","szt",20]
[]
[]
[null,"Wartość netto:"]
[null,"Wartość brutto :"]
[null,"Warunki płatności (podać w dniach)"]

{"sheet":"Pakiet 42","index":41,"n_rows":23,"n_cols":11,"rows_kept":23,"merged":[[14,4,14,5],[15,4,15,5],[16,4,16,5]]}
[null," Pakiet nr 42 "]
[]
[{"$nulls":4},"Cena jed. ","Stawka","Cena jed. ",null,"Wartość","Nr Atestu","Nr katalogowy/"]
["Lp","Nazwa artykułu","Jm","Ilość","netto","VAT","brutto ","Wartość netto","brutto           ","data ważności","Producent sprzętu"]
["1.","Pojemniki ( wykonany z polistyrenu lub polipropylenu)  histologiczne -15-20 ml, z zakrętką","szt",100]
["2.","Pojemniki ( wykonany z polipropylenu))   histologiczne 60 ml, z zakrętką","szt",3000]
["3.","Pojemniki( wykonany z polistyrenu lub polipropyleniu)   histologiczne 100-150 ml, z zakrętką","szt",100]
["4.","Pojemniki ( wykonany z polipropylenu)   histologiczne 120 ml, z zakrętką","szt",1500]
["5.","Pojemniki ( wykonany z  polipropylenu)   histologiczne 250 ml, pojemnik zakręcany","szt",500]
["6.","Pojemniki ( wykonany z polipropylenu)   histologiczne 500 ml, z porywką zamykaną na wcisk","szt",400]
["7.","Pojemniki ( wykonany z polipropylenu )   histologiczne 1000 ml, z porywką zamykaną na wcisk","szt",500]
["8.","Pojemniki ( wykonany z polipropylenu) histologiczne 2500 -3000ml, z porywką zamykaną na wcisk","szt",500]
[]
[]
[null,"Wartość netto:"]
[null,"Wartość brutto :"]
[null,"Warunki płatności (podać w dniach)"]
[]
[]
[null,"Poz. 1-8"]
[null,"Pojemniki muszą posiadać oznakowanie oraz opisy w j. polskim dotyczące substancji niebepiecznej ( roztwór formaldehydu) zgodnie z Rozp. Parlamentu Europejskiego i Rady (WE) nr 1272/2008 ( CLP/GSH) z dnia 16 grudnia 2008r."]
[]
[null,"Zamawiający wymaga, aby pojemniki były wyrobem medycznym zgodnie z dyrektywą 98/79/CE na podstawie ustawy z dnia 20 maja 2010 r. o wyrobach medycznych"]

{"sheet":"Pakiet 43","index":42,"n_rows":36,"n_cols":11,"rows_kept":36,"merged":[[24,4,24,5],[25,4,25,5],[26,4,26,5]]}
[null," Pakiet nr 43"]
[]
[{"$nulls":4},"Cena jed. ","Stawka","Cena jed. ",null,"Wartość","Nr Atestu","Nr katalogowy/"]
["Lp","Nazwa artykułu","Jm","Ilość","netto","VAT","brutto ","Wartość netto","brutto           ","data ważności","Producent sprzętu"]
["1.","Maska jednorazowa anestezjologiczna z nadmuchiwana poduszką, korpus maski wraz z haczykowatym pierścieniem umożliwiającym łatwe utrzymanie maski na twarzy pacjenta, wraz z łącznikiem o przekroju 22 mm, rozmiary : 0-5, rozmiar oznaczony kolorem, produkt mikrobiologicznie czysty, pakowany pojedynczo","szt",300]
["2.","Maska jednorazowa anestezjologiczna z nadmuchiwana poduszką, korpus maski wraz z haczykowatym pierścieniem umożliwiającym łatwe utrzymanie maski na twarzy pacjenta, wraz z łącznikiem o przekroju 22 mm, rozmiar 6, rozmiar oznaczony kolorem, produkt mikrobiologicznie czysty, pakowany pojedynczo","szt",100]
["3.","Maska krtaniowa jednorazowego użytku, wykonana z silikonu, skąłdająca się z trzech elementów trwale ze soba połaczonych: rurki powietrznej, maski, nadmuchiwanego mankietu niskociśnieniowego. Rozmiar maski kodowany odpowiednim kolorem, dostepne rozmiary: 1,0;1,5;2,0;2,5; kolorystyczne na mankiecie niskociśnieniowym w celu łatwiejszej identyfikacji: (3-zielony, 4-żółty, 5-różowy)","szt",200]
["4.","Urządzenie do nagłośniowego zabezpieczenia drożności dróg oddechowych zapewniająće utrzymanie drożności dróg oddechowych, przeznaczonym do stosowania w przestrzeni nagłośniowej, wykonanym z medycznej jakości termoplastycznego, miękkiego, przezroczystego elastomeru przypominającego żel. Maska nie zawiera nadmuchiwanego mankietu. Konstrukcja i-gel zapewnia autonomiczne, bezciśnieniowe uszczelnienie struktur gardła i krtani oraz struktur przykrtaniowych. Wyposażone w kanał do odsysania treści żołądkowej (wszyskie rozmiary poza 1), z kodem kolorystycznym (identyfikacja rozmiaru na podstawie kloru). pakowane w szkielet wykonany z tworzywa sztucznego zamykany zatrzaskowo, zapobiegają odkształcaniom maski Kompatybilny ze środowiskim MRI. Maski ostępne w rozmiarach 1;1,5;2,5;3;4;5;- produkt jednorazowy, sterylny.","szt",100]
["5.","Wymiennik ciepła i wilgoci \"sztuczny nos\" do rurek tracheostomijnych z uniwersalnym portem tlenowym , którego konstrukcja zapewnia także nawilżanie dopływającego tlenu. Samodomykający się port do ssania pomiędzy dwoma mambranami wymiennika . Skutecznośc nawilżania 28 mg H2O przy Vt 500 ml. Przestrzeń martwa : 15-20 ml.  ","szt",1500]
["6.","Kołderka grzewcza na całe ciało pacjenta dorosłego, jednorazowego użytku. Bezlateksowa kołderka wykonana z materiału nietkanego oraz folii, 2- kolorowa, co pozwala na szybką orientację, która powierzchnia bezpośrednio okrywa ciało pacjenta . Kołderka nie posiadajaca perforacji , równomierny przepływ powietrza  zapewniony przez cała powierzchnie kołderki.","szt",50]
["7.","Resuscytator jednorazowego użytku dla dorosłych, objętość 1600 ml, w zestawie dwie maski dla dorosłych, rozmiar oznaczony kolorystycznie: 4 (biała), 5 (niebieska), rezerwuar tlenowy , objętość 2500 ml, dren tlenowy koloru zielonego o dł. min. 2m. Dla pacjentów >30 kg- wszyskie elementy zapakowane w jedno opakowanie , z nadrukowaną datą ważności i nr serii","szt",200]
["8.","Resuscytator jednorazowego użytku dla dzieci, objętość 550 ml, w zestawie dwie maski dla dzieci, rozmiar oznaczony kolorystycznie: 2,3, rezerwuar tlenowy , objętość 2500 ml, dren tlenowy koloru zielonego o dł. min. 2m. Dla pacjentów >30 kg- wszyskie elementy zapakowane w jedno opakowanie , z nadrukowaną datą ważności i nr serii","szt",20]
["9.","Mankiet do szybkich przetoczeń o pojemności 500 ml, jednorazowego uzytku, data ważności na każdym, pojedynczym mankiecie, pakowany folia-folia","szt",50]
["10.","Mankiet do szybkich przetoczeń o pojemności 500 ml, wielorazowego użytku,  pakowany folia-folia","szt",20]
["11.","Łyzka do laryngoskopun, światłowodowa, jednorazowa, typ McIntoshh. Rozmiary 00,05- wszyskie rozmiary łyżek od jednego producenta. Nieodształacająca się łyżka wykonana z niemagnetycznego , lekkiego stopu metalu, kompatybilna z rękojeściami w standardzie ISO 7376. profil łyżek identyczny z profilem łyżek wielorazowego uzytku. Mocowanie światłowodu zatopione w tworzywie sztucznym koloru zielonego, ułatwiającym  identyfikację ze standardem ISO 7376. Wytrzymały zatrzask kulkowy zapewniający trwałe mocowanie w rękojeści. Światłowód wykonany z polerowanego tworzywa sztucznego, dający mocne, skupione światło. Światłowód nieosłonięty, doświetlający wnętrze jamy ustnej i gardło. Wyraźne oznakowanie rozmiaru łyzki, symbol CE, nr seryjny, symbol \"nie do powtórnego użycia\" (przekreslona cyfra 2) naniesione po stronie wprowadzania światłowodu, pakowane folia-folia. Na kżadym pojedynczym opakowaniu data ważności i numer serii","szt",100]
["12.","Zamknięty system do odsysania z rurki intubacyjnej CH14/16, dł. 56,62 cm ora zrurki tracheostomijnej CH14/16, długość 36 cm. Możliwośc stosowania przez min. 72 h (potwierdzona instrukcją obsługi). Zintegrowany/wbudowany podwójnie obrotowy łącznik o kącie zamykania 90 st, zamykany obrotowy port do przepłukiwania cewnika o dł. min. 5 cm, zamykany port do podawania leków wziewnych (MDI) zintegrowany bezpośrednio w części łącznika podłączanej do pacjenta, komora pozwalająca na obserwację wydzieliny, zabezpieczenie łącznika podciśnienia w postaci kapturka, zamocowane do zestawu, Aktywacja podciśnienia za pomoca przycisku ściskanego wnętrzem dłoni, blokada przycisku aktywacji podciśnienia poprzez obrót o 90 st. uniemozliwiająca przypadkową aktywację odsysania. Przekręcsna zastawka na wysokości portu do przepłukiwania, oddzielająca cewnik od pacjenta po usunięciu go z rurki, zapewniająca szczelność zestawu. Sytem stanowiący integralną cąłość. Do każego zestawu 10 szt. fiolekm do przepłukiwania cewnika o pojemności 15 ml","szt",200]
["13.","Zamknięty system do odsysania z rurki intubacyjnej CH14/16, dł. 59,65 cm . Możliwośc stosowania przez min. 168 h (potwierdzona instrukcją obsługi). Zintegrowany/wbudowany podwójnie obrotowy łącznik o kącie zamykania 90 st, zamykany obrotowy port do przepłukiwania cewnika o dł. min. 5 cm, zamykany port do podawania leków wziewnych (MDI) zintegrowany bezpośrednio w części łącznika podłączanej do pacjenta, komora pozwalająca na obserwację wydzieliny, zabezpieczenie łącznika podciśnienia w postaci kapturka, zamocowane do zestawu, Aktywacja podciśnienia za pomoca przycisku ściskanego wnętrzem dłoni, blokada przycisku aktywacji podciśnienia poprzez obrót o 90 st. uniemozliwiająca przypadkową aktywację odsysania. Przekręcsna zastawka na wysokości portu do przepłukiwania, oddzielająca cewnik od pacjenta po usunięciu go z rurki, zapewniająca szczelność zestawu, port do bronchoskopii zintegrowany w dolnej częci acznika, bez możliwości rozłączenia całego układu. Sytem stanowiący integralną cąłość. Do każego zestawu 10 szt. fiolekm do przepłukiwania cewnika o pojemności 15 ml","szt",50]
["14.","Zamknięty system do odsysania z rurki tracheostomijnej CH14/16, długość 39 cm, opis j.w","szt",50]
["15.","Sterylny adapter kompatybilny  systemem zamkniętym z pozycji nr 12 , umożliwiający przeprowadzenie procedury bronchofiberoskopii bez przerywania wentylacji pacjenta. Adapter posiada : zintegrowany /wbudowany podwójnie obrotowy łącznik, kąt nachylenia pomiędzy systemem a portem służącym do wprowadzania bronchofiberoskopu nie większy niż 45 stopni, port do wprowadzania bronchofiberoskopu, posiadający silikonową zastawkę wewnętrzną oraz silikonową zabiezpieczającą nakładkę- zapewniającą szczelność systemu w trakcie uzytkowania. Wewnętrzna średnica ramienia łączącego się z systemem -12 mm. Możliwość stosowania adaptera przez min. 72h- potwierdzona dokumentem od producenta.","szt",10]
["16.","Dreny do zamkniętych systemów do odsysania. Sterylny, kompletny zestaw drenów przeznaczony do stosowania z zamknietymi sytemami do odsysania oraz akcesoriami do higieny jamy ustnej. W skład zestawu wchodzi łącznik Y do podłączenia pojemnika na wydzielinę. 2 dreny z zaciskamim umożliwiające niezależne połączenie z zamkniętym systemem do odsysania oraz standardowym cewnikiem do odsysania z jamy ustnej. Mozliwość stosowania do 72 godzin , potwierdzona dokumentem od producenta. Długość drenów min. 2 m, średnica drenów 25CH.","szt",300]
["17.","Zestaw do nebulizacji dla dorosłych, w skład zestawu wchodzi: nebulizator 6 lub 15 ml dla dprosłych, maska do nebulizacji dla dorosłych , przewód łączący o długości min. 210 cm ze standardowymi złączami.","szt",500]
["18.","Zestaw do nebulizacji , w skład zestawu wchodzi: nebulizator 6 l ml dla dprosłych, ustnik, łącznik T, rura karbowana o długości max. 150 mm, przewód łączący o długości min. 210 cm ze standardowami złączami","szt",300]
[]
[]
[null,"Wartość netto:"]
[null,"Wartość brutto :"]
[null,"Warunki płatności (podać w dniach)"]
{"$rows_empty":8}
[{"$nulls":8},"                                                                                                                                                                                                                                                                                                                                                                                                                                                                                                                                                                                                                                                                                                                                                                                                                                                                                                                "]

{"sheet":"Pakiet 44","index":43,"n_rows":9,"n_cols":11,"rows_kept":9,"merged":[[6,4,6,5],[7,4,7,5],[8,4,8,5]]}
[null,"Pakiet nr 44"]
[null,"                                                "]
["Lp","Nazwa artykułu ","Jm","Ilość","Cena jed. ","Stawka","Cena jed. ",null,"Wartość","Nr Atestu","Nr katalogowy/"]
[{"$nulls":4},"netto","VAT","brutto ","Wartość netto","brutto           ","data ważności","Producent sprzętu"]
[1,"Jednorazowa, sterylna przystawka do punkcji BiPlane do wykonywania biopsji stercza z możliwością jednoczesnego obrazowania w dwóch płaszczyznach.\n\nPrzystawka biopsyjna o średnicy otworu równą 1,6 mm przystosowana do igieł 18Ga, linia  punkcji  poprowadzona pod kątem 19° względem osi głowicy.\n\nKanał biopsyjny w formie metalowej prowadnicy z plastikowym elementem stabilizującym o  długość  13 cm i przebiega przez środek głowicy.","szt",300]
[]
[null," "]
[null,"Wartość brutto :"]
[null,"Warunki płatności (podać w dniach) "]

{"sheet":"Pakiet 45","index":44,"n_rows":11,"n_cols":11,"rows_kept":11,"merged":[[8,4,8,5],[9,4,9,5],[10,4,10,5]]}
[null,"Pakiet nr 45"]
[null,"                                                "]
["Lp","Nazwa artykułu ","Jm","Ilość","Cena jed. ","Stawka","Cena jed. ",null,"Wartość","Nr Atestu","Nr katalogowy/"]
[{"$nulls":4},"netto","VAT","brutto ","Wartość netto","brutto           ","data ważności","Producent sprzętu"]
[1,"Ustniki 1x użytku do kompatybilny ze spirometrem Lungtest 1000","szt",5000]
[]
[]
[]
[null,"Wartość netto :"]
[null,"Wartość brutto :"]
[null,"Warunki płatności (podać w dniach) "]

{"sheet":"Pakiet 46","index":45,"n_rows":11,"n_cols":11,"rows_kept":11,"merged":[[8,4,8,5],[9,4,9,5],[10,4,10,5]]}
[null,"Pakiet nr 46"]
[null,"                                                "]
["Lp","Nazwa artykułu ","Jm","Ilość","Cena jed. ","Stawka","Cena jed. ",null,"Wartość","Nr Atestu","Nr katalogowy/"]
[{"$nulls":4},"netto","VAT","brutto ","Wartość netto","brutto           ","data ważności","Producent sprzętu"]
[1,"Taśma do nietrzymania moczu . Sterylna, wykonanna z niewchłanialnego polipropylenu monofilamentowego. Parametry taśmy : szer. 1,2 cm, dł. 45 cm, grubośc 0,55 mm, gramatura : 55g/m2, wielkość porów 0,90 mm. Taśma w plastikowej osłonce , zakończona pętelkami","szt.",20]
[]
[]
[]
[null,"Wartość netto :"]
[null,"Wartość brutto :"]
[null,"Warunki płatności (podać w dniach) "]

{"sheet":"Pakiet 47","index":46,"n_rows":11,"n_cols":11,"rows_kept":11,"merged":[[8,4,8,5],[9,4,9,5],[10,4,10,5]]}
[null,"Pakiet nr 47"]
[null,"                                                "]
["Lp","Nazwa artykułu ","Jm","Ilość","Cena jed. ","Stawka","Cena jed. ",null,"Wartość","Nr Atestu","Nr katalogowy/"]
[{"$nulls":4},"netto","VAT","brutto ","Wartość netto","brutto           ","data ważności","Producent sprzętu"]
[1,"Jednorazowy próżnociag połozniczy, sterylny ( vaccum)","szt",20]
[]
[]
[]
[null,"Wartość netto :"]
[null,"Wartość brutto :"]
[null,"Warunki płatności (podać w dniach) "]

{"sheet":"Pakiet 48 ","index":47,"n_rows":32,"n_cols":11,"rows_kept":32,"merged":[[29,4,29,5],[30,4,30,5],[31,4,31,5]]}
[null,"Pakiet nr 48"]
[null,"                                                "]
["Lp","Nazwa artykułu ","Jm","Ilość","Cena jed. ","Stawka","Cena jed. ",null,"Wartość","Nr Atestu","Nr katalogowy/"]
[{"$nulls":4},"netto","VAT","brutto ","Wartość netto","brutto           ","data ważności","Producent sprzętu"]
["1.","Igły do obliteracji jednorazowe, osłonka  śr. igły 0,7 mm, dł. ostrza 4 mm, 5 mm i 6 mm oraz dostępne długości narzędzia 1600 mm, 1800 mm i 2300 mm, o śr. 2.3 mm, mechanizm długopisowy zapobiegający niekontrolowanemu wysuwaniu i chowaniu się ostrza, obsługiwany jednym kciukiem. Osłonka teflonowa odporna na załamania, u wyjścia ostrza wzmocniona atraumatycznym metalowym kołnierzem. W komplecie strzykawka. Pakowane po 5 szt","szt.",50]
["2.","Igły do biopsji pod kontrolą endoultrasonografii EUS-FNA,  Pro Control wymagana dostępność igieł  w min. 3 rozmiarach tj.  25 G (0,5 mm),  22 G (0,7 mm)  i 19 G (1,1 mm);  możliwość regulacji igły w zakresie min. 0-8,5 cm;  w części dystalnej igła poddana specjalnej obróbce wzmacniającej jej echogeniczność;  maksymalna średnica części wprowadzanej do endoskopu 1.8 mm (dla igły o śr. 25 G i 22 G)  i  2.1 mm (dla igły o śr. 19 G); igła posiada 2 blokady w postaci mechanizmu twist-lock (mechanizm umożliwia obsługę igły przy użyciu jednej ręki): blokadę stopnia wysunięcia igły z osłonki oraz blokadę stopnia wysunięcia osłonki;  narzędzie posiada zaokrąglony mandryn; w komplecie strzykawka próżniowa o pojemności 20 ml, możliwość ustawienia próżni w strzykawce na min. 4 poziomach (5 ml, 10 ml, 15 ml i 20 ml); igła kompatybilna z gastroskopem typu EUS / firmy Pentax bez konieczności stosowania dodatkowych adapterów.","szt",30]
["3.","Szczotki czyszczące jednorazowego użytku, dwustronne zakończone plastikową kulką do kanału roboczego o śr. 2.2 mm, śr. szczotki 5.0 mm o długości 1800 mm, 2300 mm i 2800 mm w kolorze swoistym dla danej długości. Pakowana po 25 szt.","szt",1000]
["4.","Ustniki jednorazowego użytku z otworem o rozmiarze 32 mm x 26 mm, nie zawierające lateksu, z gumką, wstępnie złożone - założona gumka z jednej strony. Pakowane po 100 szt. w stojący kartonowy dyspenser z otworem w jego dolnej części dla łatwego wyjmowania pojedynczych ustników.","szt",1500]
["5.","Cewnik spryskujący jednorazowego użytku (radial = 360 stopni), Złącze typu LL,  śr. 2.3 mm / Dostępne długości 1800 mm i 2300 mm","szt",5]
["6.","Szczypce biopsyjne wielorazowe, łyżeczki owalne z okienkiem, z igłą i bez igły, śr. osłonki 2,3 mm. dł. narzędzia 160, 180 i 230 cm. Spiralna osłonka polerowana na odcinku dystalnym, min. śr. kanału roboczego 2,8 mm, możliwość otwarcia i zamknięcia kleszczy bez względu na stopień podgięcia endoskopu, rękojeść trwale połączona z cewnikiem kleszczy za pomocą gumowego przegubu (do wyboru podczas zamówienia)","szt",3]
["7.","Szczypce biopsyjne wielorazowe typu JUMBO z igłą i bez igły, okrągłe, kubełkowe z okienkiem, spiralna osłonka polerowana na odcinku dystalnym, śr.  3.4 mm, dostępne długości narzędzia 1600 mm, 1800 mm i 2300 mm, możliwość otwarcia i zamknięcia kleszczy bez względu na stopień podgięcia endoskopu, rękojeść trwale połączona z cewnikiem kleszczy za pomocą gumowego przegubu (do wyboru podczas zamówienia)","szt",3]
["8.","Chwytak do polipów, jednorazowego użytku, woreczek (bez lateksu) lub siatka rozpostarta na owalnej pętli o śr. 35 mm z funkcą płynnej rotacji. dł. narzędzia 2300 mm. Śr. osłonki 2.3 mm. min. śr. kanału roboczego 2.8 mm.","szt",3]
["9.","Uchwyt  do pętli wielorazowej z przyłączem HF, wykonany z odpornego na uszkodzenia tworzywa sztucznego","szt",10]
["10.","Korki do kanału biopsyjnego  do wideoendoskopów Pentax seria 90i, op. a 10 szt,","op",3]
["11.","Jednorazowa szczotka przeznaczona do czyszczenia specjalistycznych narzędzi chirurgicznych o średnicy zewnętrznej włosia 2 mm, przeznaczona do kanałów o średnicy 1.15 - 1.50 mm","szt",25]
["12.","Jednorazowa szczotka przeznaczona do czyszczenia specjalistycznych narzędzi chirurgicznych o średnicy zewnętrznej włosia 3 mm, przeznaczona do kanałów o średnicy 1.72 - 2.40 mm","szt",25]
["13.","Jednorazowa szczotka przeznaczona do czyszczenia specjalistycznych narzędzi chirurgicznych o średnicy zewnętrznej włosia 5.5 mm, przeznaczona do kanałów o średnicy 2.70 - 4.80 mm","szt",25]
["14.","Jednorazowa dwustronna krótka szczoteczka przeznaczona do czyszczenia specjalistycznych narzędzi chirurgicznych o średnicy zewnętrznej 6.0 mm i 15.0 mm, przeznaczona do trudno dostępnych przestrzeni narzędziowych","szt",50]
["15.","Kleszcze biopsyjne jednorazowego użytku; średnica szczęk 2,3 mm, łyżeczki standardowe owalne z okienkiem, z igłą i bez igły, powlekane na całej długości, z 2 znacznikami odległości, długość robocza 160 cm i 230 cm, szerokość otwarcia szczęk 6,7 mm, pojemność łyżeczek 9 mm3, długość samych szczęk 4 mm, długość szczęk wraz z obudową na osłonce 12 mm. Spiralna osłonka pokryta teflonem, możliwość otwarcia i zamknięcia kleszczy bez względu na stopień zagięcia endoskopu","szt",1000]
["16.","Kleszcze biopsyjne jednorazowego użytku typ \"JUMBO\"; średnica szczęk 3,0 mm, łyżeczki standardowe owalne z okienkiem bez igły oraz łyżeczki ząbkowane bez igły, powlekane na całej długości, z 2 znacznikami odległości, długość robocza 230 cm, szerokość otwarcia szczęk 8,5 mm, pojemność łyżeczek 17 mm3, długość samych szczęk 5 mm, długość szczęk wraz z obudową na osłonce 12 mm. Spiralna osłonka, możliwość otwarcia i zamknięcia kleszczy bez względu na stopień zagięcia endoskopu","szt",800]
["17.","Pętla do polipektomii standardowa jednorazowego użytku, owalna, wykonana z plecionego drutu, śr. pętli: 15 mm, 25 mm i 35 mm, długość narzędzia 2300 mm. Obrotowa","szt",500]
["18.","Pętla do polipektomii standardowa jednorazowego użytku, owalna, wykonana z monofilementnego drutu, śr. pętli: 6 mm, 10 mm, 15 mm, 25 mm i 35 mm, długość narzędzia 2300 mm. Obrotowa","szt",500]
["19.","Jednorazowe narzędzie służące do zapobiegania lub opanowania krwawienia po usunięciu polipów, składające się ze skalowanego uchwytu, osłonki, rurki osłonowej i odłączalnej pętli nylonowej, długość narzędzia 2300mm; średnica pętli 30mm; maksymalna średnica części wprowadzanej do endoskopu 2,6mm, minimalna średnica kanału roboczego endoskopu 2,8mm, pakowane w pojedyncze sterylne opakowania.","szt",30]
["20.","Pułapka na polipy, 1-no komorowa, jednorazowa, na przewód ssaka","szt",30]
["21.","Pułapka na polipy, 4-ro komorowa, jednorazowa, na przewód ssaka","szt",30]
["22.","Black Eye ENDOSCOPIC MARKER \nsterylny apyrogenny tusz przeznaczony do stosowania jako marker w endoskopowym oznaczaniu polipów i zmian w przewodzie pokarmowym. Dostarczany w strzykawkach zawierających 5 ml znacznika","szt",5]
["23.","Klipsownica jednorazowego użytku do tamowania krwawień z rozwarciem klipsa 11 mm, 13 mm i 16 mm, długością ramienia 7 mm z funkcją rotacji, możliwość wielokrotnego otwarcia i zamknięcia klipsa przed jego uwolnieniem, dł. narzędzia 2300 mm","szt",30]
[]
[]
[null,"Wartość netto :"]
[null,"Wartość brutto :"]
[null,"Warunki płatności (podać w dniach) "]

{"sheet":"Pakiet 49","index":48,"n_rows":15,"n_cols":11,"rows_kept":15,"merged":[[12,4,12,5],[13,4,13,5],[14,4,14,5]]}
[null,"Pakiet nr 49"]
[null,"                                                "]
["Lp","Nazwa artykułu ","Jm","Ilość","Cena jed. ","Stawka","Cena jed. ",null,"Wartość","Nr Atestu","Nr katalogowy/"]
[{"$nulls":4},"netto","VAT","brutto ","Wartość netto","brutto           ","data ważności","Producent sprzętu"]
["1.","Pojemnik na śluz z dwoma odprowadzeniami - pojemność 175 - 200 ml","szt",200]
["2.","Ustniki jednorazowego użytku z otworem o rozmiarze 32 mm x 26 mm, nie zawierające lateksu, z gumką, wstępnie złożone - założona gumka z jednej strony. Pakowane po 100 szt. w stojący kartonowy dyspenser z otworem w jego dolnej części dla łatwego wyjmowania pojedynczych ustników.","szt",2000]
["3.","Szczoteczki do czyszczenia gniazd bronchofiberoskopu krótkie","szt",5]
["4.","Szczoteczki do czyszczenia kanału roboczego bronchofiberoskopu długie dwustronne śr. 5 mm, długość 120 cm","szt",50]
["5.","Igły do obliteracji jednorazowe, śr. igły 0,9 mm, dł. ostrza 6 mm oraz dostępne długości narzędzia 1600 mm, 1800 mm i 2300 mm, o śr. 2.3 mm, ścięcie pod kątem 35 stopni, mechanizm długopisowy zapobiegający niekontrolowanemu wysuwaniu i chowaniu się ostrza, obsługiwany jednym kciukiem. Osłonka teflonowa odporna na załamania. W komplecie strzykawka. Pakowane po 5 szt","szt",50]
["6.","Igła do biopsji transbronchialnej z blokadą igły w rękojeści, z metalowym portem na koncówce osłonki. Średnica igły 0,7 mm i 0,9 mm, długość  igly 15 mm, długość  robocza 120 cm średnica  osłonki 2,3 mm. Rozmiar określony przy zamawianiu. Pakowane po 5 szt.","szt",50]
[]
[]
[null,"Wartość netto :"]
[null,"Wartość brutto :"]
[null,"Warunki płatności (podać w dniach) "]

{"sheet":"Pakiet 50","index":49,"n_rows":11,"n_cols":11,"rows_kept":11,"merged":[[8,4,8,5],[9,4,9,5],[10,4,10,5]]}
[null,"Pakiet nr 50"]
[null,"                                                "]
["Lp","Nazwa artykułu ","Jm","Ilość","Cena jed. ","Stawka","Cena jed. ",null,"Wartość","Nr Atestu","Nr katalogowy/"]
[{"$nulls":4},"netto","VAT","brutto ","Wartość netto","brutto           ","data ważności","Producent sprzętu"]
["1.","Zestawy do nebulizacji z trzema nakładkami: nakładka A- terapia górnych dróg oddechowych, Nakładka B: terapia odcinka tchawiczo-oskrzelowego, Nakładka C: terapia dolnych dróg oddechowych. Skład zestawu: nebulizator wraz z 3 końcówkami: A,B,C oraz: rurka 1 m, i opcjonalnie: maska mała, lub maska duża, lub ustnik.. Max. objetośc zbiorniczka 6 ml, min. obj. zbiiorniczka 1,5 ml, min. prezpływ 5l/min, max. przepływ 8l/min, min. ciśnienie pracy 0,7 Bar, max. cisnienie pracy 1,6 Bar","kpl",1500]
[]
[]
[]
[null,"Wartość netto :"]
[null,"Wartość brutto :"]
[null,"Warunki płatności (podać w dniach) "]

{"sheet":"Pakiet 51","index":50,"n_rows":12,"n_cols":11,"rows_kept":12,"merged":[[9,4,9,5],[10,4,10,5],[11,4,11,5]]}
[null,"Pakiet nr 51"]
[null,"                                                "]
["Lp","Nazwa artykułu ","Jm","Ilość","Cena jed. ","Stawka","Cena jed. ",null,"Wartość","Nr Atestu","Nr katalogowy/"]
[{"$nulls":4},"netto","VAT","brutto ","Wartość netto","brutto           ","data ważności","Producent sprzętu"]
["1.","Dreny kompatybilne z zestawem artroskopowym (ConMed Corporation) ","kpl",100]
["2.","Ostrze wielorazowego użytku ( różne rozmiary)","szt",30]
["3.","Ostrze jednorazowego użytku ( różne rozmiary)","szt",100]
[]
[]
[null,"Wartość netto :"]
[null,"Wartość brutto :"]
[null,"Warunki płatności (podać w dniach) "]

{"sheet":"Pakiet 52","index":51,"n_rows":10,"n_cols":11,"rows_kept":10,"merged":[[7,4,7,5],[8,4,8,5],[9,4,9,5]]}
[null,"Pakiet nr 52"]
[null,"                                                "]
["Lp","Nazwa artykułu ","Jm","Ilość","Cena jed. ","Stawka","Cena jed. ",null,"Wartość","Nr Atestu","Nr katalogowy/"]
[{"$nulls":4},"netto","VAT","brutto ","Wartość netto","brutto           ","data ważności","Producent sprzętu"]
[1,"Szybki test ureazowy do wykrywania Helicobacter pylori w biopatach żołądka i dwunastnicy pobranych endoskopowo z wykorzystaniem niewielkiej ilości wody destylowanej. Zmiana barwy krążka bibuły z żółtego na amarantowy w czasie od kilku minut do jednej godziny świadczy o możliwości występowania bakterii Helicobacter pyroli w badanej próbce. Bez kleju, bez tasmy klejącej, z okienkiem przsuwym.","szt",1500]
[]
[]
[null,"Wartość netto :"]
[null,"Wartość brutto :"]
[null,"Warunki płatności (podać w dniach) "]

{"sheet":"Pakiet 53","index":52,"n_rows":17,"n_cols":11,"rows_kept":17,"merged":[[14,4,14,5],[15,4,15,5],[16,4,16,5]]}
[]
[null,"Pakiet 53"]
["Lp","Nazwa artykułu ","Jm","Ilość","Cena jed. ","Stawka","Cena jed. ",null,"Wartość","Nr Atestu","Nr katalogowy/"]
[{"$nulls":4},"netto","VAT","brutto ","Wartość netto","brutto           ","data ważności","Producent sprzętu"]
["1.","Kaniula noworodkowa do długotrwałych wlewów dożylnych Fi 0,6 – 0,7 mm bez portu bocznego ze\nzdejmowanym uchwytem ułatwiającym wprowadzenie kaniuli, wyposażona w zastawkę antyzwrotną ,wykonana z PTFE całkowicie widoczna w USG, bez pasków radiocieniujących,  o przepływie 13ml/min w obu rozmiarach.Opakowanie Tyvek, bez zawartości celulozy.\n","szt",{"v":3000,"d":"3,000"}]
["2.","Kaniula obwodowa dożylna bezpieczna, z  samodomykającym się koreczkiem portu bocznego -zamknięcie górnego portu nie wymaga dociskania i traumatyzacji naczynia, wykonana z biokompatybilnego poliuretanu, wyposażona w automatyczny zatrzask o gładkich krawędziach, zabezpieczający personel przed zakłuciem, zadrapaniem, oraz przed zachlapaniem, uruchamiany zaraz po użyciu igły, wyposażony w  zespół kapilar zapobiegający wypływowi krwi ze światła igły. Posiadająca wskaźnik wypływu krwi w postaci zastawki antyzwrotnej zapobiegającej wypływowi krwi w momencie wkłucia, oznaczenie przepływu na opakowaniu jednostkowym oraz minimum 5 pasków radiocieniujących. Opakowanie tyvek, bez zawartości celulozy, odporne na przypadkowe rozerwanie i utratę jałowości. Rozmiary, długości i przepływy:- 22G, dł. 25mm, 42 ml/min; 20G, dł. 32mm, 67 ml/min; 18G, dł. 32mm i 45mm, 103 ml/min; 17G, dł. 45mm, 133 ml/min; 16G, dł. 45 mm, 236 ml/min;- 14G, dł. 45mm, 270 ml/min","szt",{"v":60000,"d":"60,000"}]
["3.","Bezpieczna kaniula obwodowa bez portu górnego, posiadająca min. 5 pasków RTG, z plastikową osłonką na igle, otworem bocznym w igle umożliwiającym pojawienie się krwi pomiędzy igła a cewnikiem, z drenem zakończonym podwójnym rozgałęzieniem ( jedno z rozgałęzień zakończone niemechanicznym, przeźroczystym zaworem z jednorodną materiałowo powierzchnią do dezynfekcji - silikonową membraną osadzoną zewnętrznie na konektorze) Różne rozmiary","szt",50]
["4.","Korki sterylne do kaniul dożylnych, krótkie, na opakowaniu jednostkowym musi znajdować się informacja o numerze katalogowym, nazwie producenta, dacie, ważności i numerze serii, pakowane sterylnie po 4 szt na blistrze","szt",{"v":45000,"d":"45,000"}]
["5.","Bezpieczne igły do wstrzykiwaczy insulinowych 30 G 0,30 mm x 5 mm, sterylne, po użyciu igła bezpiecznie zamknięta w plastikowej osłonce chroniącej przed zakłuciem (z obu stron : od strony pacjenta i od strony wstrzykiwacza), kompatybilne z wstrzykiwaczami wszystkich producentów -  kompatybilność potwierdzona certyfikatem kompatybilności technicznej dołączonym do oferty, sterylizowane radiacyjnie , op. 100szt","szt",100]
["6.","Kaniula dotętnicza wykonana z PTFE, z zaworem odcinającym zapobiegająca wpływowi zwrotnemu, wyposażona w zawór kulkowo-suwakowy, skrzydełka ułatwiające zamocowanie cewnika 20G, opakowanie Tyvek bez zawartości celulozy, odporne na wilgoć, przypadkowe rozdarcie i utratę jałowości","szt",{"v":1000,"d":"1,000"}]
["7.","Bezpieczna kaniula w systemie zamkniętym:- wykonana z biokompatybilnego poliuretanu z min. 5 paskami RTG, dostępna w rozmiarach  24G - 18G, przeznaczona do wlewów pod wysokim ciśnieniem,  umożliwiająca współpracę z wstrzykiwaczami  kontrastu przy ustawieniu 325 psi  i  szybką podaż kontrastu, - posiadająca otwór na końcu igły umożliwiający pewne umieszczenie kaniuli w naczyniu,- cewnik kaniuli posiadający 3 łezkowate otwory redukujące: natężenie przepływu podawanego płynu i tym samym podrażnienie naczynia oraz ryzyko wynaczynienia środka kontrastowego do tkanek,- posiadająca drenik przedłużający odporny na wysokie ciśnienia podaży płynu","szt",100]
["8.","Bezpieczna kaniula dożylna wykonana z biokompatybilnego poliuretanu z dodatkowym, samodomykającym się portem do wstrzyknięć, min 5 pasków kontrastujących w promieniach RTG umożliwiających identyfikację radiologiczną położenia końca kaniuli. Posiadająca zastawkę bezzwrotną zapobiegającą wypływowi krwi oraz zabezpieczenie igły w postaci plastikowej osłonki o gładkich krawędziach z systemem kapilar zapobiegających zakłuciu się i zachlapaniu krwią oraz posiadająca otwór przy ostrzu igły umożliwiający szybkie potwierdzenie wejścia do naczynia podczas kaniulacji. Pozbawiona jakichkolwiek  ostrych elementów wchodzących w skład mechanizmu zabezpieczającego kaniulę, a jej konstrukcja ma chronić personel medyczny przed przypadkowym  zakłuciem/zadraśnięciem/ zachlapaniem krwią, uniemożliwiając jednocześnie powtórne użycie cewnika. Kaniula sterylna, jednorazowego użytku, pakowana pojedynczo, wyraźne oznaczenie rozmiaru i daty waznosci na opakowaniu jednostkowym. \nRozmiar- 18 G, 20 G, 22 G.\n","szt",100]
["9.","\nBezpieczna kaniula dożylna wykonana z biokompatybilnego poliuretanu, przeznaczona do małych, delikatnych żyl u noworodkow i  wczesniaków, posiadająca otwór przy ostrzu igły umożliwiający szybkie potwierdzenie wejścia do naczynia podczas kaniulacji, sterylna, jednorazowego uzytku, pakowana pojedynczo, wyraźne oznaczenie rozmiaru kaniuli i daty waznosci na opakowaniu. Opakowanie typu Tyvek - zabezpieczające . Oznaczenie producenta na opakowaniu o braku lateksu w kaniuli. Jałowa z widoczną datą ważności na opakowaniu. \nRozmiar- 24 G ( żółty ) długość 19 mm , przepływ 21 ml/min.\n","szt",{"v":6000,"d":"6,000"}]
[]
[null,"Wartość netto :"]
[null,"Wartość brutto :"]
[null,"Warunki płatności (podać w dniach) "]

{"sheet":"Pakiet 54","index":53,"n_rows":19,"n_cols":11,"rows_kept":19,"merged":[[16,4,16,5],[17,4,17,5],[18,4,18,5]]}
[null,"Pakiet nr 54"]
[null,"                                                "]
["Lp","Nazwa artykułu ","Jm","Ilość","Cena jed. ","Stawka","Cena jed. ",null,"Wartość","Nr Atestu","Nr katalogowy/"]
[{"$nulls":4},"netto","VAT","brutto ","Wartość netto","brutto           ","data ważności","Producent sprzętu"]
["1.","Rękojeść laryngoskopu światłowodowego (standardowa) zasilana bateryjnie (2xAA) zgodna z (Green Standard ISO), z diodą LED, strumień świetlny 10,1 lm, ergonomiczna  rączka pokryta trwałym, antypoślizgowym tworzywem (Santoprene), pozbawionym latexu, odpornym na proces sterylizacji, baterie wyjmowane razem ze źródłem światła, możliwość sterylizacji.","szt",6]
["2.","Rękojeść laryngoskopu światłowodowego(krótka) zasilana bateryjnie (CR-123) zgodna z (Green Standard ISO), z diodą LED, strumień świetlny 10,1 lm, ergonomiczna rączka pokryta trwałym, antypoślizgowym tworzywem (Santoprene), pozbawionym latexu, odpornym na proces sterylizacji, baterie wyjmowane razem ze źródłem światła, możliwość sterylizacji.","szt",3]
["3.","Łyżki do laryngoskopu ze światłowodem, zielony standard, jednorazowego użytku, wiązka światłowodowa na stałe zintegrowana z łyżką, bliższy koniec światłowodu z osłoną zapobiegającą odbiciom świetlnym, plastikowe, mikrobiologicznie czyste, MAC 3 i 4","szt",2000]
["4.","Resuscytator dla dorosłych wielorazowego użytku wykonany z silikonu, polisulfonu i polichlorku winylu: worek o pojemności 1500 ml, maska nr 4, wykonana z silikonu, możliwość podłączenia zaworu PEEP, obrotowe złącze zaworu pacjenta (360 st), worek tlenowy 2500ml, waga max 400g, możliwość sterylizacji w autoklawie w tem. 134 st C. wszystkie elementy w jednym opakowaniu producenta.","szt",5]
["5.","Resuscytator dla dorosłych wielorazowego użytku wykonany z silikonu, polisulfonu i polichlorku winylu: worek o pojemności 1500 ml, maska nr 5, wykonana z silikonu, możliwość podłączenia zaworu PEEP, obrotowe złącze zaworu pacjenta (360 st), worek tlenowy 2500ml, waga max 400g, możliwość sterylizacji w autoklawie w tem. 134 st C. wszystkie elementy w jednym opakowaniu producenta.","szt",5]
["6.","Resuscytator dla dzieci wielorazowego użytku wykonany z silikonu, polisulfonu i polichlorku winylu: worek o pojemności 500 ml, maska nr 3 , wykonana z silikonu, zawór pop-off 40cm H2O, możliwość podłączenia zaworu PEEP, obrotowe złącze zaworu pacjenta (360 st), worek tlenowy 2500ml, waga max 220g, możliwość sterylizacji w autoklawie w tem. 134 st C. wszystkie elementy w jednym opakowaniu producenta.","szt",2]
["7.","Pozycjoner głowy z lusterkiem","szt",3]
["8."," Stabilizator powieki górnej oka pacjenta wentylowanego mechanicznie, protektor rogówki wykonany z materiału przepuszczalnego dla powietrza i utrzymującego wigoć, wartstawa klejąca na bazie kleju medycznego, hypoalergiczny. Owalny kształt o wymiarach 5,5 x 3,5 cm, z żółtym listkiem ułatwiajacym założenie i usunięcie. produkt biologicznie czyty, w op. 1 para stabilizatorów.","op",800]
["9.","Jednorazowa sterylna prowadnica Bougie z materiału o właściwościach poźlizgowych, ze znacznikiem głębokości wprowadzania, z zagiętym lub prostym końcem, nie zawierająca lateksu, ftalanów. Rozmiar 1.5; 2.0; 3.3; 5.0","szt",50]
[]
[]
[]
[null,"Wartość netto :"]
[null,"Wartość brutto :"]
[null,"Warunki płatności (podać w dniach) "]

{"sheet":"Pakiet 55","index":54,"n_rows":22,"n_cols":11,"rows_kept":22,"merged":[[19,4,19,5],[20,4,20,5],[21,4,21,5]]}
[null,"Pakiet nr 55"]
[null,"                                                "]
["Lp","Nazwa artykułu ","Jm","Ilość","Cena jed. ","Stawka","Cena jed. ",null,"Wartość","Nr Atestu","Nr katalogowy/"]
[{"$nulls":4},"netto","VAT","brutto ","Wartość netto","brutto           ","data ważności","Producent sprzętu"]
["1.","Czujnik SPO2 jednorazowego użytku dla noworodków (<30kg)n, dorosłych (>30kg) do pulsoksymetru Nellcor, klejowy, op. 24 szt","szt",120]
["2.","Czujnik SPO2 jednorazowego użytku dla noworodków (<3kg)n, dorosłych (>30kg) do pulsoksymetru Nellcor,bezklejowy, op. 24 szt","szt",120]
["3.","Czujnik SPO2 wielokrotnego użytku - uniwersalny Y, do pulsoksymetru Novametrix Oxypleth, długość 3 m","szt",10]
["4.","Czujnik SPO2 wielokrotnego użytku - klips na palec ,dla dzieci, do pulsoksymetru Novametrix Oxypleth, długość 3 m","szt",10]
["5.","Czujnik SPO2 w technologii Masimo jednorazowego użytku -M tech- dla noworodków (<3kg), dla dorosłych (>30kg) jednorazowy, piankowy, wtyk D89",240,240]
[6,"Czujnik SPO2 M-tech -w technologii Masimo jednorazowy dla noworodków (<3kg), dla dorosłych (>30kg), bezklejowy",120,120]
[7,"Elektroda noworodkowa z przewodem 50cm, wymiar elektrody 23mm/30mm, paczka 50x3sztuki ","op",3]
[8,"Opaska klejowa do SPO2 typ Y dla dorosłych i niemowląt, jednorazowa 20szt","op",5]
[9,"Adapter SPO2, REF U708-69, wielokrotnego użytku do pulsoksymetru Nellcor typu Nellcor Standard, dł 2,2 m","szt",3]
[10,"Czujnik SPO2, wielokrotnego użytku- silikonowy, dla dorosłych, typu Nellcor, długość 1,1 m","szt",4]
[11,"Czujnik SPO2, wielokrotnego użytku- klips na palec, dla dorosłych, typu Nellcor, długość 1,1 m","szt",4]
[]
[]
[]
[]
[null,"Wartość netto :"]
[null,"Wartość brutto :"]
[null,"Warunki płatności (podać w dniach) "]

{"sheet":"Pakiet 56","index":55,"n_rows":16,"n_cols":11,"rows_kept":16,"merged":[[13,4,13,5],[14,4,14,5],[15,4,15,5]]}
[null,"Pakiet nr 56"]
[null,"                                                "]
["Lp","Nazwa artykułu ","Jm","Ilość","Cena jed. ","Stawka","Cena jed. ",null,"Wartość","Nr Atestu","Nr katalogowy/"]
[{"$nulls":4},"netto","VAT","brutto ","Wartość netto","brutto           ","data ważności","Producent sprzętu"]
["1.","Jednorazowy układ pacjenta 10 mm z grzałką do respiratora noworodkowego SLE 6000","szt",20]
["2.","Filtr bakteryjny wdechowy wieloraowego użytku a 5 szt.do respiratora noworodkowego SLE 6000","op",5]
["3.","Filtr bakteryjny jednorazowy, zielony do respiratora noworodkowego SLE 6000","szt",10]
["4.","Jednorazowy czujnik przepływu do respiratora noworodkowego SLE 6000 (zestaw 5 szt)","op",2]
["5.","Zestaw startowy SLE Miniflow nCPAP. Miniflow generator, końcówki donosowe ( wszyskie rozmiary) , maski nosowe ( wszyskie rozmiary) czapeczki ( wszyskie rozmiary), adapter T","op",10]
["6.","Generator do SLE 1000 nCPAP ( zawiera 3 końcówki donosowe S,M,L) do respiratora noworodkowego SLE 6000","op",10]
[]
[]
[]
[null,"Wartość netto :"]
[null,"Wartość brutto :"]
[null,"Warunki płatności (podać w dniach) "]

{"sheet":"Pakiet nr 57","index":56,"n_rows":13,"n_cols":10,"rows_kept":13,"merged":[[0,4,0,9],[6,1,6,4],[10,4,10,5],[11,4,11,5],[12,4,12,5]]}
[null,"Pakiet nr 57"]
[]
["Lp","Nazwa artykułu ","Jm","Ilość","Cena jed. ","Stawka","Cena jed. ",null,"Wartość","Nr katalogowy/"]
[{"$nulls":4},"netto","VAT","brutto ","Wartość netto","brutto           ","Producent sprzętu"]
["1.","Aplikator typu /Onelink","szt",{"v":10000,"d":"10,000"}]
[{"$nulls":7},{"$f":"H5","v":{"v":0,"d":"0.00"}},{"$f":"I5","v":{"v":0,"d":"0.00"}}]
[]
[]
[]
[]
[null,"Wartość netto :"]
[null,"Wartość brutto : "]
[null,"Warunki płatności (podać w dniach) 60 dni"]

{"sheet":"Pakiet nr 58","index":57,"n_rows":19,"n_cols":10,"rows_kept":19,"merged":[[0,4,0,9],[16,4,16,5],[17,4,17,5],[18,4,18,5]]}
[null,"Pakiet nr 58"]
[]
["Lp","Nazwa artykułu ","Jm","Ilość","Cena jed. ","Stawka","Cena jed. ",null,"Wartość","Nr katalogowy/"]
[{"$nulls":4},"netto","VAT","brutto ","Wartość netto","brutto           ","Producent sprzętu"]
["1.","Nebulizator do podawania leku w obwodzie oddechowym , z antyprzelewową konstrukcją pozwalającą na skuteczne działanie w zakresie 0-90 stopni, ze stabilną podstawką dyfuzora w zakresie 0-360 stopni, o pojemności 6 ml, skalowany z podziałką co 1 ml, z łącznikiem T wyposażonym w mechanizm samodomykania podczas odłączania nebulizatora, średnia średnica nebulizowanych czastek (MMAD) 2,7 μm potwierdzona w katalogach producenta, czysty biologicznie. W zestawie przestrzeń martwa 15 cm i dren 210 cm","szt",1000]
["2.","Nebulizator do podawania leku, z antyprzelewową konstrukcją pozwalającą na skuteczne działanie w zakresie 0-90 stopni, ze stabilną podstawką dyfuzora w zakresie 0-360 stopni, o pojemności 6 ml, skalowany z podziałką co 1 ml, średnia średnica nebulizowanych czastek (MMAD) 2,7 μm potwierdzona w katalogach producenta, czysty biologicznie. W zestawie dren 210cm i maska aerozolowa dla dorosłych.","szt",600]
["3.","Nebulizator do podawania leku, z antyprzelewową konstrukcją pozwalającą na skuteczne działanie w zakresie 0-90 stopni, ze stabilną podstawką dyfuzora w zakresie 0-360 stopni, o pojemności 6 ml, skalowany z podziałką co 1 ml, średnia średnica nebulizowanych czastek (MMAD) 2,7 μm potwierdzona w katalogach producenta, czysty biologicznie. W zestawie dren 210cm i maska aerozolowa dla dzieci.","szt",100]
["4.","Nebulizator do podawania leku, z antyprzelewową konstrukcją pozwalającą na skuteczne działanie w zakresie 0-90 stopni, ze stabilną podstawką dyfuzora w zakresie 0-360 stopni, o pojemności 6 ml, skalowany z podziałką co 1 ml, średnia średnica nebulizowanych czastek(MMAD) 2,7 μm potwierdzona w katalogach producenta, czysty biologicznie. W zestawie dren 210cm, łącznik T, ustnik, przestrzeń martwa 15cm.","szt",500]
["5.","Trenażer oddechowy ukierunkowany na przepływ, zawierający 3 kule, ustnik i rurkę. Trzy kodowane kolorem kule/trzy komory, minimalny przepływ zaznaczony na ścianie każdej z komór (600, 900 i 1200 ml/sek.). Bez lateksu\n","szt",200]
["6.","Maska dla dorosłych  do tlenoterapii , do wysokich stężeń tlenu z zaworem jednodrogowym i rezerwuarem","szt",500]
["7.","Maska dla dzieci  do tlenoterapii , do wysokich stężeń tlenu z zaworem jednodrogowym i rezerwuarem","szt",100]
["8.","Maska tlenowa dla dorosłych Venturiego ze zwężkami (zestaw 6 zwężek:24%,28%,31%,35%,40%,50% ) z przewodem  2,1 m.","szt",50]
[]
[]
[]
[]
[null,"Wartość netto :"]
[null,"Wartość brutto : "]
[null,"Warunki płatności (podać w dniach) 60 dni"]

{"sheet":"Pakiet nr 59","index":58,"n_rows":14,"n_cols":10,"rows_kept":14,"merged":[[0,4,0,9],[7,1,7,4],[11,4,11,5],[12,4,12,5],[13,4,13,5]]}
[null,"Pakiet nr 59"]
[]
["Lp","Nazwa artykułu ","Jm","Ilość","Cena jed. ","Stawka","Cena jed. ",null,"Wartość","Nr katalogowy/"]
[{"$nulls":4},"netto","VAT","brutto ","Wartość netto","brutto           ","Producent sprzętu"]
["1.","Zestaw infuzyjny do pomp objętościowych Volumat Agilia: standardowy zestaw infuzyjny, filtr 15um, obrotowy łącznik luer lock, zatyczka na końcu linii","szt",200]
["2.","Dren do popmy Agilia wolny od PCV, DEHP, ftalanów do podawania leków niekompatybilnych z PCV (leki onkologiczne) dren o długości 285cm, filtr 15um, port bezigłowy w linii. ","szt ",50]
[]
[]
[]
[]
[]
[null,"Wartość netto :"]
[null,"Wartość brutto : "]
[null,"Warunki płatności (podać w dniach) 60 dni"]

{"sheet":"Pakiet nr 60","index":59,"n_rows":15,"n_cols":10,"rows_kept":15,"merged":[[0,4,0,9],[8,1,8,4],[12,4,12,5],[13,4,13,5],[14,4,14,5]]}
[null,"Pakiet nr 60"]
[]
["Lp","Nazwa artykułu ","Jm","Ilość","Cena jed. ","Stawka","Cena jed. ",null,"Wartość","Nr katalogowy/"]
[{"$nulls":4},"netto","VAT","brutto ","Wartość netto","brutto           ","Producent sprzętu"]
["1.","Maska krtaniowa żelowa, sterylna, jednorazowa wykonana z wysokiej jakości tworzywa żelowego. Stosowanan do utrzymywania drożności dróg odechowych podczas procedur ratunkowych w anestzjologii, alternatywnych dla intubacji. Mankiet maski wykonany z delikatnego materiału dopasowujący się do budowy anatomicznej pacjenta, zapobiegający podrażnieniom i uszkodzeniom tkanki miękkiej. Wyraźne oznaczenie rozmiaru maski i wagi pacjenta. Dla noworodków 2-5 kg","szt",10]
["2.","Maska krtaniowa żelowa, sterylna, jednorazowa wykonana z wysokiej jakości tworzywa żelowego. Stosowanan do utrzymywania drożności dróg odechowych podczas procedur ratunkowych w anestzjologii, alternatywnych dla intubacji. Mankiet maski wykonany z delikatnego materiału dopasowujący się do budowy anatomicznej pacjenta, zapobiegający podrażnieniom i uszkodzeniom tkanki miękkiej. Wyraźne oznaczenie rozmiaru maski i wagi pacjenta. Dla dzieci 5 -25 kg, możliwość wyboru rozmiaru","szt",20]
["3.","Maska krtaniowa żelowa, sterylna, jednorazowa wykonana z wysokiej jakości tworzywa żelowego. Stosowanan do utrzymywania drożności dróg odechowych podczas procedur ratunkowych w anestzjologii, alternatywnych dla intubacji. Mankiet maski wykonany z delikatnego materiału dopasowujący się do budowy anatomicznej pacjenta, zapobiegający podrażnieniom i uszkodzeniom tkanki miękkiej. Wyraźne oznaczenie rozmiaru maski i wagi pacjenta. Dla dorosłych 30  - pow. 90 kg, możliwość wyboru rozmiaru","szt",70]
[]
[]
[]
[]
[]
[null,"Wartość netto :"]
[null,"Wartość brutto : "]
[null,"Warunki płatności (podać w dniach) 60 dni"]

{"sheet":"Pakiet nr 61","index":60,"n_rows":22,"n_cols":10,"rows_kept":22,"merged":[[0,1,0,9],[15,1,15,4],[19,4,19,5],[20,4,20,5],[21,4,21,5]]}
[null,"Pakiet nr 61 Sprzęt neonatologiczny"]
[]
["Lp","Nazwa artykułu ","Jm","Ilość","Cena jed. ","Stawka","Cena jed. ",null,"Wartość","Nr katalogowy/"]
[{"$nulls":4},"netto","VAT","brutto ","Wartość netto","brutto           ","Producent sprzętu"]
["1.","Przewód interfejsowy ciśnienia Neo-Snap 3,6m","szt",5]
["2.","Mankiety noworodkowe rozm. 1:3-6 cm Classic-cuf z końcówką Neo-Snap jednopacjentowe a 20 szt","op",2]
["3.","Mankiety noworodkowe rozm. 2:4-8 cm Classic-cuf z końcówką Neo-Snap jednopacjentowe a 20 szt","op",30]
["4.","Mankiety noworodkowe rozm. 3:6-11 cm Classic-cuf z końcówką Neo-Snap jednopacjentowe a 20 szt","op",30]
["5.","Mankiety noworodkowe rozm. 4:7-13 cm Classic-cuf z końcówką Neo-Snap jednopacjentowe a 20 szt","op",2]
["6.","Mankiety noworodkowe rozm. 5:8-15 cm Classic-cuf z końcówką Neo-Snap jednopacjentowe a 20 szt","op",2]
["7.","Układy do resuscytacji, neonatologiczny, typu T, jednorazowy a 20 szt","op",5]
["8.","Układy do resuscytacji, do stanowiska Panda T-Piece z maseczką 1 a 10 szt, jednorazowy a 20 szt","op",2]
["9.","Układy do resuscytacji, do stanowiska Panda T-Piece z maseczką 0 a 10 szt, jednorazowy a 20 szt","op",2]
["10.","Filtry powietrza do inkubatora Giraffe a 10 szt","op",2]
[]
[]
[]
[]
[]
[null,"Wartość netto :"]
[null,"Wartość brutto : "]
[null,"Warunki płatności (podać w dniach) 60 dni"]

{"sheet":"Pakiet nr 62","index":61,"n_rows":25,"n_cols":10,"rows_kept":25,"merged":[[0,1,0,9],[4,0,4,9],[8,0,8,9],[11,0,11,9],[18,1,18,4],[22,4,22,5],[23,4,23,5],[24,4,24,5]]}
[null,"Pakiet nr 62 czujniki i kable do urządzeń z technologią Masimo"]
[]
["Lp","Nazwa artykułu ","Jm","Ilość","Cena jed. ","Stawka","Cena jed. ",null,"Wartość","Nr katalogowy/"]
[{"$nulls":4},"netto","VAT","brutto ","Wartość netto","brutto           ","Producent sprzętu"]
["Czujniki RD do monitorów Philips, do Rad97, do Pandy"]
["1.","Czujnik SPO2 Masimo RD SET Inf  - 3 – 20 kg, \ntypu L z cielistą elastyczną owijką; kabel zatopiony w płaską piankę\n","szt",50]
["2.","Czujnik SPO2 Masimo RD SET Neo, < 3 kg lub > 40 kg \ntypu L z cielistą elastyczną owijką; kabel zatopiony w płaską piankę \n","szt",20]
["3.","Czujnik SPO2 Masimo RD SET dla pacjentów resuscytowanych: \nNeo <3kg, czujnik po podłączeniu automatycznie przestawia ustawienia urządzenia na najwyższą czułość i najkrótszy czas uśredniania; Żółty pasek przy łączniku dla ułatwienia rozpoznania przeznaczenia czujnika\n","szt",20]
["Czujniki Masimo SET LNCS (szara kostka) – monitor Dregera, GE B105, Atom"]
["1.","Czujnik SpO2 Masimo SET Inf\nLNCS jednopacjentowy 3 – 20 kg\n","szt",100]
["2.","Czujnik SpO2 Masimo SET Neo\nLNCS jednopacjentowy < 3 kg\n","szt",20]
["Kable do urządzeń z technologią MASIMO SET do czujników RD"]
["1.","Do monitora GE:\nKabel SPO2 Masimo RD SET GE-12, długość 12 ft - 365 cm, DO CZUJNIKÓW RD\n","szt",5]
["2.","Do inkubatora ATOM oraz do Pandy:\nKABEL SPO2 Masimo RD SET MD20 - 05 – czerwona 20 PIN, długość 5 Ft - 152 cm\n","szt",5]
["3.","Do monitora Philips:\nKabel SPO2 Masimo RD  SET MP - 12 – \n25 PINowa wtyczka z okrągłym wejściem i połączeniem z czujnikiem RD, długość 365 cm\n","szt",6]
["4.","Do pulsoksymetru RAD97 \nKabel SPO2 Masimo RD rainbow SET M20-12, czerwona płaska wtyczka, długość 12 ft - 365 cm, DO CZUJNIKÓW RD\n","szt",30]
["5.","Okularki do fototerapii zapewniające bezpieczeństwo i wygodę podczas fototerapii, wykonanych z miękkiego opatentowanego i oddychającego materiału bez lateksu, materiału przyjaznego dla skóry dziecka, wykonanego ze 100 % z bawełny. Okularki idealnie dopasowane, założone na główkę dziecka nie przemieszczają się  i pozostają bezpiecznie na tym samym miejscu dzięki unikalnej konstrukcji w kształcie Y, składające się z jednej części, dobrze przylegającej do głowy dziecka, z przodu posiadające specjalny uchwyt pozwalający na praktyczne ułożenie okularków. Pasują do każdego kształtu głowy, dzięki  elastycznym mocowaniom na rzep, znajdujący się na potylicy. Okularki dostępne w rozmiarach: MICRO ROZMIAR 20-28 CM, WCZEŚNIAKI ROZMIAR 24-33 CM ; NOWORODKI ROZMIAR 30-38 CM; ","szt",300]
[{"$nulls":7},{"$f":"SUM(H17+H16+H15+H14+H13+H10+H11+H6+H7+H8)","v":{"v":0,"d":"0.00"}},{"$f":"SUM(H18*108/100)","v":{"v":0,"d":"0.00"}}]
[]
[]
[]
[]
[null,"Wartość netto :"]
[null,"Wartość brutto : "]
[null,"Warunki płatności (podać w dniach) 60 dni"]

{"sheet":"Pakiet 63","index":62,"n_rows":26,"n_cols":11,"rows_kept":26,"merged":[[23,4,23,5],[24,4,24,5],[25,4,25,5]]}
[null," Pakiet nr 63"]
[]
[{"$nulls":4},"Cena jed. ","Stawka","Cena jed. ",null,"Wartość","Nr Atestu","Nr katalogowy/"]
["Lp","Nazwa artykułu","Jm","Ilość","netto","VAT","brutto ","Wartość netto","brutto           ","data ważności","Producent sprzętu"]
["1.","Strzykawki 1 x użytku 1ml do tuberkuliny z igłą op. max. a 100 szt.z igłą","op.",120]
["2.","Strzykawki 1 x użytku 1ml do tuberkuliny z wymienną  igła 0,5 x 16 mm, minimlna przestrzen martwa (trzpień w gumowym toku)z op. max. a 100 szt.z igłą","op. ",100]
["3.","Strzykawki 1 x użytku do insuliny 80-100 j.m z igłą op.max. a 100 szt. z igłą","op.",5]
["4.","Strzykawki 1 x użytku do insuliny 40 j.m.z igłą op.max. a 100 szt z igłą","op.",5]
["5.","Strzykawka doustna 3ml, do podawania leków i płynów w formie do wypicia – na cylindrze oznaczenie - '' for oral use only'', by uniknąć ryzyka błędu, skalowane co 0,1 ml, końcówka uniemożliwiająca zamocowanie igły,  trzyczęściowe, tłok i cylinder z polipropylenu, dostarczane z koreczkiem zabezpieczającym na czas transportu do pacjenta. Opakowanie 100 szt.","szt",200]
["6.","Strzykawki doustne 5ml, do podawania leków i płynów w formie do wypicia – na cylindrze oznaczenie - '' for oral use only'', by uniknąć ryzyka błędu, skalowane co 0,2 ml, końcówka uniemożliwiająca zamocowanie igły, trzyczęściowe, tłok i cylinder z polipropylenu, dostarczane z koreczkiem zabezpieczającym na czas transportu do pacjenta. Opakowanie 100 szt.","szt",{"v":1500,"d":"1,500"}]
["7.","Strzykawka 1 x użytku a 20 ml, z Luer Lok końcówką,   ma być przystosowana do podawania wszystkich leków, skala czarna, czytelna","szt",500]
["11.","Igły 1 x użytku  0,5 x 25; 0,6 x 30-32;  0,7 x 32; 0,8 x 40; 0,9 x 40,  opakowanie a 100szt","op.",{"v":1800,"d":"1,800"}]
["12.","Igły 1 x użytku 1,1 x 40 x opakowanie a 100szt","op.",600]
["13.","Igły 1 x użytku 1,2 x 40 x opakowanie a 100szt","op.",{"v":1300,"d":"1,300"}]
["14.","Igły 1 x użytku 1,6 -1,8 x 40 x opakowanie a 100szt.","op.",60]
["15.","Przedłużacze do pomp infuzyjnych z kranikiem trójdrożnym i dodatkowym portem do iniekcji( z wyczuwalnym i optycznym indykatorem pozycji otwarty-zamknięty) , z dodatkowym portem do injekcji,  o długości 7 cm (przedłużacz w kranikach wykonany z PVC nie zawierającego  DEHP), opakowanie pojedyncze ,foliowo-papierowe sterylne, trójramienne pokrętło, objętośc wypełnienia 0,8 ml","szt",{"v":1500,"d":"1,500"}]
["16.","Przedłużacze do pomp infuzyjnych z kranikiem trójdrożnym ( z wyczuwalnym i optycznym indykatorem pozycji otwarty-zamknięty)  o długości 10 cm (przedłużacz w kranikach wykonany z PVC nie zawierającego  DEHP), opakowanie pojedyncze ,foliowo-papierowe sterylne, trójramienne pokrętło, objętośc wypełnienia 0,8-1,2 ml","szt",{"v":1700,"d":"1,700"}]
["17.","Przedłużacze do pomp infuzyjnych z kranikiem trójdrożnym ( z wyczuwalnym i optycznym indykatorem pozycji otwarty-zamknięty)  o długości 10 cm (przedłużacz w kranikach wykonany z PVC nie zawierającego  DEHP), opakowanie pojedyncze ,foliowo-papierowe sterylne, trójramienne pokrętło, objętośc wypełnienia max 1,2ml","szt",20]
["18.","Kranik trójdrożny z wyczuwalnym i optycznym indykatorem pozycji otwarty-zamknięty , opakowanie pojedyncze, sterylne. Każde z wejść kranika trójdroznego ma być zabezpieczone fabrycznie zamontowanymi korkami","szt",{"v":1500,"d":"1,500"}]
["19.","Igły do podawania insuliny do peanów 0,30x 6-8mm","szt",{"v":14000,"d":"14,000"}]
["20.","Igła do iniekcji z zabezpieczeniem przed zakłuciem.Streylna. opakowanie 100szt.","op.",50]
["23.","Koreczki dwustronne  męsko-żeńskie (combi), , kompatybilne i szczelne z zakończeniami kraników i wkłuć obwodowych, centralnych, tętniczych, kompatybilne z zakończeniem typu Luer i Luer-Lock strzykawki i drenu do przetoczeń, jałowe, pojedynczo pakowane , , pakowane pojedynczo (każda sztuka osobno niezłączona z innymi koreczkami)  w sposób pozwalający na wyciąganie po jednej sztuce z opakowania zbiorczego  zawierającego np. 50 ,  100 lub 200szt,  w kolorze czerwonym ","szt",1500]
[]
[null,"Wartość netto:"]
[null,"Wartość brutto :"]
[null,"Warunki płatności (podać w dniach)"]

{"sheet":"Pakiet 64","index":63,"n_rows":14,"n_cols":11,"rows_kept":14,"merged":[[11,4,11,5],[12,4,12,5],[13,4,13,5]]}
[null," Pakiet nr 64"]
[]
[{"$nulls":4},"Cena jed. ","Stawka","Cena jed. ",null,"Wartość","Nr Atestu","Nr katalogowy/"]
["Lp","Nazwa artykułu","Jm","Ilość","netto","VAT","brutto ","Wartość netto","brutto           ","data ważności","Producent sprzętu"]
["1.","Aktywny generator jednorazowego użytku do układów oddechowych pacjenta, konstrukcja komory generatora umożliwia precyzyjny pomiar ciśnienia spontanicznego oddechu pacjenta, bezpośrednio w generatorze. Generator posiada przyłącze z możliwością regulacji kąta nachylenia generatora do mocowania końcówek donosowych i maseczek, przy komorze generatora możliwość przyłączenia nebulizatora. W komplecie stożkowy klin piankowy zapewniający optymalną izolację pomiędzy systemem rurowym a generatorami nCPAP; zwiększający stabilność całego układu;","szt",100]
["2.","Silikonowe końcówki donosowe do zamocowania przy adapterze/przyłączu przystpsowane rozmiarami dla noworodków od 500g wagi ciała, strona końcówki skierowana do pacjenta wyprofilowana owalnie, wpustki donosowe, bardzo miękkie, taliowane.Rozm. XS, S, M, L, XL.","szt",100]
["3.","Silikonowe maseczki oddechowe do zamocowania przy adapterze/przyłączu przystosowane rozmiarami dla noworodków od 500g wagi ciała.\nRozm. XS,S, M, L, XL.\n","szt",100]
["4.","Czapeczki jednorazowego użytku wyposażone w rzep umożliwiający umocowanie przyłącza oraz komplet tasiemek do mocowania końcówek donosowych i masezek. Czapeczki wykonane z materiału umożliwiającego przymocowanie rzepów tasiemek w dowolnym punkcie czapeczki.\nRozm. XXS, XS, S, M, L, XL, XXL, XXXL.\n","szt",100]
["5.","Układ oddechowy jednorazowy dla noworodków kompatybilny z aparatem medinCNO I medinSINDI. Zestaw posiada:\n- dren wdechowy podgrzewany o dł. 1,1m zakończony łącznikiem 22F od strony nawilżacza, od strony pacjenta zakończony łącznikiem o średnicy zew 13mm z dodatkowym niepodgrzewanym odcinkiem do inkubatora o dł. 25 cm, średnicy zew.13 mm\n- dren ciśnieniowy\n- odcinek od nawilżacza do aparatu o dł. 0,6 m  z obydwu stron z zakończeniem 22F\n- wymagane podłączenie do aktywnego generatora bez dodatkowych adapterów. \n- komorę nawilżacza z automatycznym pobieraniem wody współpracującą z nawilżaczem typu F&P MR 850\nKomora wraz z układem pakowana w jednym opakowaniu foliowym. \n","szt",100]
["6.","Komplet dodatkowych tasiemek o długościach dostosowanych do poszczególnych rozmiarów czapeczek (opakowanie 10szt.). Długość: 13cm, 15cm, 18cm, 20cm","op",20]
[]
[null,"Wartość netto:"]
[null,"Wartość brutto :"]
[null,"Warunki płatności (podać w dniach)"]